{"text_format":"3","workbook":"xlsx","n_sheets":6,"sheets":["CCA","PollinatorAbundance","FruitProduction","SeedProduction","SeedWeight","Legend"],"not_rendered":{"defined_names":1},"read":"whole","date_system":"1900"}

{"sheet":"CCA","index":0,"n_rows":41,"n_cols":14,"rows_kept":41}
["StudyOrchard","Year","Pnatur1k","ratMF","FarmSys","WildBees","Honeybees","Wasps","OtherFlies","Hoverflies","Beeflies","Ants","Butterflies","Beetles"]
["CaNaCili",2019,9.00867662194819,0.0531914893617021,"Conventional",26,52,41,26,28,0,5,1,0]
["CaNaCili",2020,9.00867662194819,0.0531914893617021,"Conventional",1,132,54,12,5,0,3,0,0]
["EsCapdella",2019,51.1935621651648,0.472222222222222,"Ecological",79,293,38,21,10,1,16,8,0]
["EsCapdella",2020,51.1935621651648,0.472222222222222,"Ecological",8,116,69,15,14,0,5,0,0]
["Felanitx01",2019,38.3907348925167,0.027027027027027,"Conventional",0,8,66,55,7,0,4,0,0]
["Felanitx01",2020,38.3907348925167,0.027027027027027,"Conventional",1,37,37,74,5,1,3,1,0]
["Felanitx02",2019,36.628340593562,0.0222222222222222,"Conventional",3,4,25,24,4,0,2,0,0]
["Felanitx02",2020,36.628340593562,0.0222222222222222,"Conventional",0,9,25,21,2,0,0,0,8]
["Llucmajor",2019,14.262445911554,0.0294117647058824,"Ecological",8,61,60,21,11,0,12,0,0]
["Llucmajor",2020,14.262445911554,0.0294117647058824,"Ecological",1,231,25,26,10,0,2,1,1]
["Raixa",2019,16.2457038982755,0.108695652173913,"Conventional",9,46,17,15,7,0,12,4,0]
["Raixa",2020,16.2457038982755,0.108695652173913,"Conventional",2,82,52,8,5,0,0,0,0]
["sArraco",2019,57.937904710678,0.266666666666667,"Conventional",1,72,10,41,4,0,21,2,1]
["sArraco",2020,57.937904710678,0.266666666666667,"Conventional",7,67,65,40,5,0,13,0,0]
["SesFigueres",2019,9.5852614818559,1.63380281690141,"Conventional",16,107,61,20,53,0,7,16,0]
["SesFigueres",2020,9.5852614818559,1.63380281690141,"Conventional",4,483,14,23,28,1,0,2,0]
["SesSitges",2019,9.07286232637676,0.05,"Ecological",3,38,47,22,5,0,12,0,1]
["SesSitges",2020,9.07286232637676,0.05,"Ecological",4,106,18,34,7,0,1,0,0]
["SesVinyotes",2019,28.2430819754971,0.0227272727272727,"Ecological",4,290,73,24,4,0,6,1,0]
["SesVinyotes",2020,28.2430819754971,0.0227272727272727,"Ecological",0,92,61,28,15,1,1,0,0]
["SonBorras",2019,27.3990471204358,0.0268458,"Conventional",13,26,51,36,9,0,0,4,0]
["SonBorras",2020,27.3990471204358,0.0268458,"Conventional",0,349,64,16,18,0,12,2,0]
["SonCos",2019,25.021689749707,0.252252252252252,"Ecological",1,14,23,9,2,0,13,0,0]
["SonCos",2020,25.021689749707,0.252252252252252,"Ecological",1,153,33,8,6,0,26,0,0]
["SonCotoner",2019,74.0189265373856,0.957446808510638,"Conventional",12,87,13,21,13,1,0,1,0]
["SonCotoner",2020,74.0189265373856,0.957446808510638,"Conventional",6,56,37,11,9,0,1,0,0]
["SonFortuny",2019,58.143995372563,0.20125786163522,"Conventional",87,175,28,29,23,0,8,27,0]
["SonFortuny",2020,58.143995372563,0.20125786163522,"Conventional",9,62,29,15,16,0,1,0,0]
["SonMaixella",2019,28.9707025301427,0.153846153846154,"Conventional",8,63,18,12,37,0,17,12,0]
["SonMaixella",2020,28.9707025301427,0.153846153846154,"Conventional",4,227,43,7,26,0,0,0,0]
["SonMassia",2019,8.64208028361139,0.328,"Conventional",5,205,10,12,19,2,0,14,0]
["SonMassia",2020,8.64208028361139,0.328,"Conventional",3,317,26,14,9,0,0,1,0]
["SonSali",2019,23.1315683234267,0.0652173913043478,"Conventional",17,45,55,33,25,0,1,12,0]
["SonSali",2020,23.1315683234267,0.0652173913043478,"Conventional",0,124,3,40,11,0,8,0,1]
["SonSoler",2019,8.79714682293922,0.150943396226415,"Ecological",3,77,65,13,17,1,20,0,0]
["SonSoler",2020,8.79714682293922,0.150943396226415,"Ecological",0,143,18,25,23,2,7,0,0]
["UIB",2019,27.5544972574933,0.0810810810810811,"Conventional",12,19,16,6,2,0,0,0,0]
["UIB",2020,27.5544972574933,0.0810810810810811,"Conventional",0,82,56,17,4,1,0,0,0]
["Xorrigo",2019,37.242869039441,0.895833333333333,"Ecological",19,175,46,30,42,0,0,10,1]
["Xorrigo",2020,37.242869039441,0.895833333333333,"Ecological",5,292,35,13,21,0,2,0,1]

{"sheet":"PollinatorAbundance","index":1,"n_rows":41,"n_cols":6,"rows_kept":41}
["StudyOrchard","Year","PolinAbun","Pnatur1k","FarmSys","ratMF"]
["CaNaCili","2019",179,9.00867662194819,"NO",0.0531914893617021]
["CaNaCili","2020",207,9.00867662194819,"NO",0.0531914893617021]
["EsCapdella","2019",466,51.1935621651648,"YES",0.472222222222222]
["EsCapdella","2020",227,51.1935621651648,"YES",0.472222222222222]
["Felanitx01","2019",140,38.3907348925167,"NO",0.027027027027027]
["Felanitx01","2020",159,38.3907348925167,"NO",0.027027027027027]
["Felanitx02","2019",62,36.628340593562,"NO",0.0222222222222222]
["Felanitx02","2020",65,36.628340593562,"NO",0.0222222222222222]
["Llucmajor","2019",173,14.262445911554,"YES",0.0294117647058824]
["Llucmajor","2020",297,14.262445911554,"YES",0.0294117647058824]
["Raixa","2019",110,16.2457038982755,"NO",0.108695652173913]
["Raixa","2020",149,16.2457038982755,"NO",0.108695652173913]
["sArraco","2019",152,57.937904710678,"NO",0.266666666666667]
["sArraco","2020",197,57.937904710678,"NO",0.266666666666667]
["SesFigueres","2019",280,9.5852614818559,"NO",1.63380281690141]
["SesFigueres","2020",555,9.5852614818559,"NO",1.63380281690141]
["SesSitges","2019",128,9.07286232637676,"YES",0.05]
["SesSitges","2020",170,9.07286232637676,"YES",0.05]
["SesVinyotes","2019",402,28.2430819754971,"YES",0.0227272727272727]
["SesVinyotes","2020",198,28.2430819754971,"YES",0.0227272727272727]
["SonBorras","2019",139,27.3990471204358,"NO",0.0268458]
["SonBorras","2020",461,27.3990471204358,"NO",0.0268458]
["SonCos","2019",62,25.021689749707,"YES",0.252252252252252]
["SonCos","2020",227,25.021689749707,"YES",0.252252252252252]
["SonCotoner","2019",148,74.0189265373856,"NO",0.957446808510638]
["SonCotoner","2020",120,74.0189265373856,"NO",0.957446808510638]
["SonFortuny","2019",377,58.143995372563,"NO",0.20125786163522]
["SonFortuny","2020",132,58.143995372563,"NO",0.20125786163522]
["SonMaixella","2019",167,28.9707025301427,"NO",0.153846153846154]
["SonMaixella","2020",307,28.9707025301427,"NO",0.153846153846154]
["SonMassia","2019",267,8.64208028361139,"NO",0.328]
["SonMassia","2020",370,8.64208028361139,"NO",0.328]
["SonSali","2019",188,23.1315683234267,"NO",0.0652173913043478]
["SonSali","2020",187,23.1315683234267,"NO",0.0652173913043478]
["SonSoler","2019",196,8.79714682293922,"YES",0.150943396226415]
["SonSoler","2020",218,8.79714682293922,"YES",0.150943396226415]
["UIB","2019",55,27.5544972574933,"NO",0.0810810810810811]
["UIB","2020",160,27.5544972574933,"NO",0.0810810810810811]
["Xorrigo","2019",323,37.242869039441,"YES",0.895833333333333]
["Xorrigo","2020",369,37.242869039441,"YES",0.895833333333333]

{"sheet":"FruitProduction","index":2,"n_rows":569,"n_cols":12,"rows_kept":569}
["StudyOrchard","Year","Tree","TotalFlowers","TotalFruits","Fruits1000","PolinAbun","Pnatur1k","FarmSys","ratMF","CCA1","CCA2"]
["CaNaCili","2020","01",1498,59,39,207,9.00867662194819,"NO",0.0531914893617021,0.810482525862861,1.14737708285578]
["CaNaCili","2020","02",1451,36,25,207,9.00867662194819,"NO",0.0531914893617021,0.810482525862861,1.14737708285578]
["CaNaCili","2020","04",1749,29,17,207,9.00867662194819,"NO",0.0531914893617021,0.810482525862861,1.14737708285578]
["CaNaCili","2020","05",2097,33,16,207,9.00867662194819,"NO",0.0531914893617021,0.810482525862861,1.14737708285578]
["CaNaCili","2020","06",1197,12,10,207,9.00867662194819,"NO",0.0531914893617021,0.810482525862861,1.14737708285578]
["CaNaCili","2020","07",1419,47,33,207,9.00867662194819,"NO",0.0531914893617021,0.810482525862861,1.14737708285578]
["CaNaCili","2020","08",1976,18,9,207,9.00867662194819,"NO",0.0531914893617021,0.810482525862861,1.14737708285578]
["CaNaCili","2020","09",949,23,24,207,9.00867662194819,"NO",0.0531914893617021,0.810482525862861,1.14737708285578]
["CaNaCili","2020","10",945,18,19,207,9.00867662194819,"NO",0.0531914893617021,0.810482525862861,1.14737708285578]
["CaNaCili","2020","11",875,49,56,207,9.00867662194819,"NO",0.0531914893617021,0.810482525862861,1.14737708285578]
["CaNaCili","2020","13",738,2,3,207,9.00867662194819,"NO",0.0531914893617021,0.810482525862861,1.14737708285578]
["CaNaCili","2020","14",1310,76,58,207,9.00867662194819,"NO",0.0531914893617021,0.810482525862861,1.14737708285578]
["CaNaCili","2020","15",2142,82,38,207,9.00867662194819,"NO",0.0531914893617021,0.810482525862861,1.14737708285578]
["CaNaCili","2020","16",1095,11,10,207,9.00867662194819,"NO",0.0531914893617021,0.810482525862861,1.14737708285578]
["CaNaCili","2020","17",825,26,32,207,9.00867662194819,"NO",0.0531914893617021,0.810482525862861,1.14737708285578]
["CaNaCili","2020","18",1363,31,23,207,9.00867662194819,"NO",0.0531914893617021,0.810482525862861,1.14737708285578]
["CaNaCili","2020","19",1539,55,36,207,9.00867662194819,"NO",0.0531914893617021,0.810482525862861,1.14737708285578]
["CaNaCili","2020","20",1789,73,41,207,9.00867662194819,"NO",0.0531914893617021,0.810482525862861,1.14737708285578]
["EsCapdella","2019","01",520,0,0,465,51.1935621651648,"YES",0.472222222222222,-0.819063254651311,-2.0230546575173]
["EsCapdella","2019","02",459,13,28,465,51.1935621651648,"YES",0.472222222222222,-0.819063254651311,-2.0230546575173]
["EsCapdella","2019","03",408,17,42,465,51.1935621651648,"YES",0.472222222222222,-0.819063254651311,-2.0230546575173]
["EsCapdella","2019","04",1875,13,7,465,51.1935621651648,"YES",0.472222222222222,-0.819063254651311,-2.0230546575173]
["EsCapdella","2019","05",352,28,80,465,51.1935621651648,"YES",0.472222222222222,-0.819063254651311,-2.0230546575173]
["EsCapdella","2019","07",603,25,41,465,51.1935621651648,"YES",0.472222222222222,-0.819063254651311,-2.0230546575173]
["EsCapdella","2019","08",1294,10,8,465,51.1935621651648,"YES",0.472222222222222,-0.819063254651311,-2.0230546575173]
["EsCapdella","2019","09",711,35,49,465,51.1935621651648,"YES",0.472222222222222,-0.819063254651311,-2.0230546575173]
["EsCapdella","2019","10",825,3,4,465,51.1935621651648,"YES",0.472222222222222,-0.819063254651311,-2.0230546575173]
["EsCapdella","2019","11",378,12,32,465,51.1935621651648,"YES",0.472222222222222,-0.819063254651311,-2.0230546575173]
["EsCapdella","2019","12",747,25,33,465,51.1935621651648,"YES",0.472222222222222,-0.819063254651311,-2.0230546575173]
["EsCapdella","2019","13",718,36,50,465,51.1935621651648,"YES",0.472222222222222,-0.819063254651311,-2.0230546575173]
["EsCapdella","2019","14",584,13,22,465,51.1935621651648,"YES",0.472222222222222,-0.819063254651311,-2.0230546575173]
["EsCapdella","2019","15",2295,94,41,465,51.1935621651648,"YES",0.472222222222222,-0.819063254651311,-2.0230546575173]
["EsCapdella","2019","16",2293,99,43,465,51.1935621651648,"YES",0.472222222222222,-0.819063254651311,-2.0230546575173]
["EsCapdella","2019","17",535,12,22,465,51.1935621651648,"YES",0.472222222222222,-0.819063254651311,-2.0230546575173]
["EsCapdella","2019","18",552,16,29,465,51.1935621651648,"YES",0.472222222222222,-0.819063254651311,-2.0230546575173]
["EsCapdella","2019","19",465,2,4,465,51.1935621651648,"YES",0.472222222222222,-0.819063254651311,-2.0230546575173]
["EsCapdella","2019","20",1277,29,23,465,51.1935621651648,"YES",0.472222222222222,-0.819063254651311,-2.0230546575173]
["EsCapdella","2020","01",1310,8,6,227,51.1935621651648,"YES",0.472222222222222,0.0139678118508573,1.15775916198551]
["EsCapdella","2020","02",790,8,10,227,51.1935621651648,"YES",0.472222222222222,0.0139678118508573,1.15775916198551]
["EsCapdella","2020","03",981,5,5,227,51.1935621651648,"YES",0.472222222222222,0.0139678118508573,1.15775916198551]
["EsCapdella","2020","04",764,5,7,227,51.1935621651648,"YES",0.472222222222222,0.0139678118508573,1.15775916198551]
["EsCapdella","2020","05",3156,39,12,227,51.1935621651648,"YES",0.472222222222222,0.0139678118508573,1.15775916198551]
["EsCapdella","2020","06",1260,23,18,227,51.1935621651648,"YES",0.472222222222222,0.0139678118508573,1.15775916198551]
["EsCapdella","2020","07",640,9,14,227,51.1935621651648,"YES",0.472222222222222,0.0139678118508573,1.15775916198551]
["EsCapdella","2020","08",479,6,13,227,51.1935621651648,"YES",0.472222222222222,0.0139678118508573,1.15775916198551]
["EsCapdella","2020","09",1782,73,41,227,51.1935621651648,"YES",0.472222222222222,0.0139678118508573,1.15775916198551]
["EsCapdella","2020","12",1190,14,12,227,51.1935621651648,"YES",0.472222222222222,0.0139678118508573,1.15775916198551]
["EsCapdella","2020","13",840,35,42,227,51.1935621651648,"YES",0.472222222222222,0.0139678118508573,1.15775916198551]
["EsCapdella","2020","14",880,5,6,227,51.1935621651648,"YES",0.472222222222222,0.0139678118508573,1.15775916198551]
["EsCapdella","2020","15",1306,49,38,227,51.1935621651648,"YES",0.472222222222222,0.0139678118508573,1.15775916198551]
["EsCapdella","2020","16",1220,35,29,227,51.1935621651648,"YES",0.472222222222222,0.0139678118508573,1.15775916198551]
["EsCapdella","2020","17",1129,18,16,227,51.1935621651648,"YES",0.472222222222222,0.0139678118508573,1.15775916198551]
["EsCapdella","2020","18",935,35,37,227,51.1935621651648,"YES",0.472222222222222,0.0139678118508573,1.15775916198551]
["EsCapdella","2020","19",720,20,28,227,51.1935621651648,"YES",0.472222222222222,0.0139678118508573,1.15775916198551]
["EsCapdella","2020","20",622,21,34,227,51.1935621651648,"YES",0.472222222222222,0.0139678118508573,1.15775916198551]
["Felanitx01","2019","01",581,12,21,140,38.3907348925167,"NO",0.027027027027027,-1.94770021462449,6.70041259461979]
["Felanitx01","2019","02",1496,56,37,140,38.3907348925167,"NO",0.027027027027027,-1.94770021462449,6.70041259461979]
["Felanitx01","2019","03",499,22,44,140,38.3907348925167,"NO",0.027027027027027,-1.94770021462449,6.70041259461979]
["Felanitx01","2019","04",1080,37,34,140,38.3907348925167,"NO",0.027027027027027,-1.94770021462449,6.70041259461979]
["Felanitx01","2019","05",493,24,49,140,38.3907348925167,"NO",0.027027027027027,-1.94770021462449,6.70041259461979]
["Felanitx01","2019","06",619,26,42,140,38.3907348925167,"NO",0.027027027027027,-1.94770021462449,6.70041259461979]
["Felanitx01","2019","07",779,46,59,140,38.3907348925167,"NO",0.027027027027027,-1.94770021462449,6.70041259461979]
["Felanitx01","2019","08",678,25,37,140,38.3907348925167,"NO",0.027027027027027,-1.94770021462449,6.70041259461979]
["Felanitx01","2019","09",1262,3,2,140,38.3907348925167,"NO",0.027027027027027,-1.94770021462449,6.70041259461979]
["Felanitx01","2019","10",1699,56,33,140,38.3907348925167,"NO",0.027027027027027,-1.94770021462449,6.70041259461979]
["Felanitx01","2019","11",900,23,26,140,38.3907348925167,"NO",0.027027027027027,-1.94770021462449,6.70041259461979]
["Felanitx01","2019","12",442,13,29,140,38.3907348925167,"NO",0.027027027027027,-1.94770021462449,6.70041259461979]
["Felanitx01","2019","13",1061,50,47,140,38.3907348925167,"NO",0.027027027027027,-1.94770021462449,6.70041259461979]
["Felanitx01","2019","14",1850,93,50,140,38.3907348925167,"NO",0.027027027027027,-1.94770021462449,6.70041259461979]
["Felanitx01","2019","15",1104,43,39,140,38.3907348925167,"NO",0.027027027027027,-1.94770021462449,6.70041259461979]
["Felanitx01","2019","16",1455,63,43,140,38.3907348925167,"NO",0.027027027027027,-1.94770021462449,6.70041259461979]
["Felanitx01","2019","17",597,61,102,140,38.3907348925167,"NO",0.027027027027027,-1.94770021462449,6.70041259461979]
["Felanitx01","2019","18",957,52,54,140,38.3907348925167,"NO",0.027027027027027,-1.94770021462449,6.70041259461979]
["Felanitx01","2019","19",406,29,71,140,38.3907348925167,"NO",0.027027027027027,-1.94770021462449,6.70041259461979]
["Felanitx01","2019","20",1931,44,23,140,38.3907348925167,"NO",0.027027027027027,-1.94770021462449,6.70041259461979]
["Felanitx01","2020","01",2584,51,20,158,38.3907348925167,"NO",0.027027027027027,-1.43440846999269,5.09987595264273]
["Felanitx01","2020","02",2613,35,13,158,38.3907348925167,"NO",0.027027027027027,-1.43440846999269,5.09987595264273]
["Felanitx01","2020","03",1368,20,15,158,38.3907348925167,"NO",0.027027027027027,-1.43440846999269,5.09987595264273]
["Felanitx01","2020","04",905,5,6,158,38.3907348925167,"NO",0.027027027027027,-1.43440846999269,5.09987595264273]
["Felanitx01","2020","05",1334,3,2,158,38.3907348925167,"NO",0.027027027027027,-1.43440846999269,5.09987595264273]
["Felanitx01","2020","06",612,13,21,158,38.3907348925167,"NO",0.027027027027027,-1.43440846999269,5.09987595264273]
["Felanitx01","2020","07",991,8,8,158,38.3907348925167,"NO",0.027027027027027,-1.43440846999269,5.09987595264273]
["Felanitx01","2020","08",581,17,29,158,38.3907348925167,"NO",0.027027027027027,-1.43440846999269,5.09987595264273]
["Felanitx01","2020","10",759,12,16,158,38.3907348925167,"NO",0.027027027027027,-1.43440846999269,5.09987595264273]
["Felanitx01","2020","12",2013,22,11,158,38.3907348925167,"NO",0.027027027027027,-1.43440846999269,5.09987595264273]
["Felanitx01","2020","13",1411,13,9,158,38.3907348925167,"NO",0.027027027027027,-1.43440846999269,5.09987595264273]
["Felanitx01","2020","14",640,15,23,158,38.3907348925167,"NO",0.027027027027027,-1.43440846999269,5.09987595264273]
["Felanitx01","2020","15",1458,28,19,158,38.3907348925167,"NO",0.027027027027027,-1.43440846999269,5.09987595264273]
["Felanitx01","2020","16",1224,11,9,158,38.3907348925167,"NO",0.027027027027027,-1.43440846999269,5.09987595264273]
["Felanitx01","2020","17",562,6,11,158,38.3907348925167,"NO",0.027027027027027,-1.43440846999269,5.09987595264273]
["Felanitx01","2020","18",1037,22,21,158,38.3907348925167,"NO",0.027027027027027,-1.43440846999269,5.09987595264273]
["Felanitx01","2020","19",1334,10,7,158,38.3907348925167,"NO",0.027027027027027,-1.43440846999269,5.09987595264273]
["Felanitx01","2020","20",759,29,38,158,38.3907348925167,"NO",0.027027027027027,-1.43440846999269,5.09987595264273]
["Felanitx02","2019","01",511,20,39,62,36.628340593562,"NO",0.0222222222222222,-2.33610222259273,5.53209406093688]
["Felanitx02","2019","02",198,13,66,62,36.628340593562,"NO",0.0222222222222222,-2.33610222259273,5.53209406093688]
["Felanitx02","2019","03",730,20,27,62,36.628340593562,"NO",0.0222222222222222,-2.33610222259273,5.53209406093688]
["Felanitx02","2019","04",2173,99,46,62,36.628340593562,"NO",0.0222222222222222,-2.33610222259273,5.53209406093688]
["Felanitx02","2019","05",227,5,22,62,36.628340593562,"NO",0.0222222222222222,-2.33610222259273,5.53209406093688]
["Felanitx02","2019","06",1154,95,82,62,36.628340593562,"NO",0.0222222222222222,-2.33610222259273,5.53209406093688]
["Felanitx02","2019","07",515,27,52,62,36.628340593562,"NO",0.0222222222222222,-2.33610222259273,5.53209406093688]
["Felanitx02","2019","08",695,47,68,62,36.628340593562,"NO",0.0222222222222222,-2.33610222259273,5.53209406093688]
["Felanitx02","2019","09",206,3,15,62,36.628340593562,"NO",0.0222222222222222,-2.33610222259273,5.53209406093688]
["Felanitx02","2019","10",320,10,31,62,36.628340593562,"NO",0.0222222222222222,-2.33610222259273,5.53209406093688]
["Felanitx02","2019","11",374,14,37,62,36.628340593562,"NO",0.0222222222222222,-2.33610222259273,5.53209406093688]
["Felanitx02","2019","12",218,24,110,62,36.628340593562,"NO",0.0222222222222222,-2.33610222259273,5.53209406093688]
["Felanitx02","2019","14",648,13,20,62,36.628340593562,"NO",0.0222222222222222,-2.33610222259273,5.53209406093688]
["Felanitx02","2019","15",196,5,26,62,36.628340593562,"NO",0.0222222222222222,-2.33610222259273,5.53209406093688]
["Felanitx02","2019","16",442,15,34,62,36.628340593562,"NO",0.0222222222222222,-2.33610222259273,5.53209406093688]
["Felanitx02","2019","17",710,12,17,62,36.628340593562,"NO",0.0222222222222222,-2.33610222259273,5.53209406093688]
["Felanitx02","2019","18",616,27,44,62,36.628340593562,"NO",0.0222222222222222,-2.33610222259273,5.53209406093688]
["Felanitx02","2019","19",1279,35,27,62,36.628340593562,"NO",0.0222222222222222,-2.33610222259273,5.53209406093688]
["Felanitx02","2019","20",185,12,65,62,36.628340593562,"NO",0.0222222222222222,-2.33610222259273,5.53209406093688]
["Felanitx02","2020","01",1048,18,17,57,36.628340593562,"NO",0.0222222222222222,-1.44645137973495,5.98832076207951]
["Felanitx02","2020","02",1133,32,28,57,36.628340593562,"NO",0.0222222222222222,-1.44645137973495,5.98832076207951]
["Felanitx02","2020","03",451,12,27,57,36.628340593562,"NO",0.0222222222222222,-1.44645137973495,5.98832076207951]
["Felanitx02","2020","04",1538,41,27,57,36.628340593562,"NO",0.0222222222222222,-1.44645137973495,5.98832076207951]
["Felanitx02","2020","05",1415,10,7,57,36.628340593562,"NO",0.0222222222222222,-1.44645137973495,5.98832076207951]
["Felanitx02","2020","06",449,19,42,57,36.628340593562,"NO",0.0222222222222222,-1.44645137973495,5.98832076207951]
["Felanitx02","2020","07",1209,31,26,57,36.628340593562,"NO",0.0222222222222222,-1.44645137973495,5.98832076207951]
["Felanitx02","2020","08",704,28,40,57,36.628340593562,"NO",0.0222222222222222,-1.44645137973495,5.98832076207951]
["Felanitx02","2020","09",852,13,15,57,36.628340593562,"NO",0.0222222222222222,-1.44645137973495,5.98832076207951]
["Felanitx02","2020","10",1101,10,9,57,36.628340593562,"NO",0.0222222222222222,-1.44645137973495,5.98832076207951]
["Felanitx02","2020","11",680,30,44,57,36.628340593562,"NO",0.0222222222222222,-1.44645137973495,5.98832076207951]
["Felanitx02","2020","12",950,28,29,57,36.628340593562,"NO",0.0222222222222222,-1.44645137973495,5.98832076207951]
["Felanitx02","2020","13",1600,25,16,57,36.628340593562,"NO",0.0222222222222222,-1.44645137973495,5.98832076207951]
["Felanitx02","2020","14",819,25,31,57,36.628340593562,"NO",0.0222222222222222,-1.44645137973495,5.98832076207951]
["Felanitx02","2020","15",1181,13,11,57,36.628340593562,"NO",0.0222222222222222,-1.44645137973495,5.98832076207951]
["Felanitx02","2020","16",1330,9,7,57,36.628340593562,"NO",0.0222222222222222,-1.44645137973495,5.98832076207951]
["Felanitx02","2020","17",1322,13,10,57,36.628340593562,"NO",0.0222222222222222,-1.44645137973495,5.98832076207951]
["Felanitx02","2020","18",672,7,10,57,36.628340593562,"NO",0.0222222222222222,-1.44645137973495,5.98832076207951]
["Felanitx02","2020","19",874,16,18,57,36.628340593562,"NO",0.0222222222222222,-1.44645137973495,5.98832076207951]
["Felanitx02","2020","20",1094,24,22,57,36.628340593562,"NO",0.0222222222222222,-1.44645137973495,5.98832076207951]
["Llucmajor","2019","01",902,6,7,173,14.262445911554,"YES",0.0294117647058824,-0.895377456482934,2.52296427308658]
["Llucmajor","2019","02",351,13,37,173,14.262445911554,"YES",0.0294117647058824,-0.895377456482934,2.52296427308658]
["Llucmajor","2019","04",482,11,23,173,14.262445911554,"YES",0.0294117647058824,-0.895377456482934,2.52296427308658]
["Llucmajor","2019","05",499,12,24,173,14.262445911554,"YES",0.0294117647058824,-0.895377456482934,2.52296427308658]
["Llucmajor","2019","06",420,33,79,173,14.262445911554,"YES",0.0294117647058824,-0.895377456482934,2.52296427308658]
["Llucmajor","2019","07",148,0,0,173,14.262445911554,"YES",0.0294117647058824,-0.895377456482934,2.52296427308658]
["Llucmajor","2019","09",317,5,16,173,14.262445911554,"YES",0.0294117647058824,-0.895377456482934,2.52296427308658]
["Llucmajor","2019","10",914,5,5,173,14.262445911554,"YES",0.0294117647058824,-0.895377456482934,2.52296427308658]
["Llucmajor","2019","11",504,4,8,173,14.262445911554,"YES",0.0294117647058824,-0.895377456482934,2.52296427308658]
["Llucmajor","2019","12",613,19,31,173,14.262445911554,"YES",0.0294117647058824,-0.895377456482934,2.52296427308658]
["Llucmajor","2019","13",796,13,16,173,14.262445911554,"YES",0.0294117647058824,-0.895377456482934,2.52296427308658]
["Llucmajor","2019","14",570,10,18,173,14.262445911554,"YES",0.0294117647058824,-0.895377456482934,2.52296427308658]
["Llucmajor","2019","15",720,13,18,173,14.262445911554,"YES",0.0294117647058824,-0.895377456482934,2.52296427308658]
["Llucmajor","2019","16",435,33,76,173,14.262445911554,"YES",0.0294117647058824,-0.895377456482934,2.52296427308658]
["Llucmajor","2019","17",666,25,38,173,14.262445911554,"YES",0.0294117647058824,-0.895377456482934,2.52296427308658]
["Llucmajor","2019","18",665,32,48,173,14.262445911554,"YES",0.0294117647058824,-0.895377456482934,2.52296427308658]
["Llucmajor","2019","19",396,3,8,173,14.262445911554,"YES",0.0294117647058824,-0.895377456482934,2.52296427308658]
["Llucmajor","2019","20",500,5,10,173,14.262445911554,"YES",0.0294117647058824,-0.895377456482934,2.52296427308658]
["Llucmajor","2020","01",2283,51,22,296,14.262445911554,"YES",0.0294117647058824,1.33614158681956,-0.480439397748695]
["Llucmajor","2020","02",1120,5,4,296,14.262445911554,"YES",0.0294117647058824,1.33614158681956,-0.480439397748695]
["Llucmajor","2020","03",1090,18,17,296,14.262445911554,"YES",0.0294117647058824,1.33614158681956,-0.480439397748695]
["Llucmajor","2020","04",1292,45,35,296,14.262445911554,"YES",0.0294117647058824,1.33614158681956,-0.480439397748695]
["Llucmajor","2020","05",1708,40,23,296,14.262445911554,"YES",0.0294117647058824,1.33614158681956,-0.480439397748695]
["Llucmajor","2020","06",1154,38,33,296,14.262445911554,"YES",0.0294117647058824,1.33614158681956,-0.480439397748695]
["Llucmajor","2020","07",1244,43,35,296,14.262445911554,"YES",0.0294117647058824,1.33614158681956,-0.480439397748695]
["Llucmajor","2020","08",752,35,47,296,14.262445911554,"YES",0.0294117647058824,1.33614158681956,-0.480439397748695]
["Llucmajor","2020","09",720,8,11,296,14.262445911554,"YES",0.0294117647058824,1.33614158681956,-0.480439397748695]
["Llucmajor","2020","11",2544,50,20,296,14.262445911554,"YES",0.0294117647058824,1.33614158681956,-0.480439397748695]
["Llucmajor","2020","12",629,15,24,296,14.262445911554,"YES",0.0294117647058824,1.33614158681956,-0.480439397748695]
["Llucmajor","2020","13",1107,18,16,296,14.262445911554,"YES",0.0294117647058824,1.33614158681956,-0.480439397748695]
["Llucmajor","2020","14",2393,7,3,296,14.262445911554,"YES",0.0294117647058824,1.33614158681956,-0.480439397748695]
["Llucmajor","2020","15",846,35,41,296,14.262445911554,"YES",0.0294117647058824,1.33614158681956,-0.480439397748695]
["Llucmajor","2020","16",1214,57,47,296,14.262445911554,"YES",0.0294117647058824,1.33614158681956,-0.480439397748695]
["Llucmajor","2020","17",942,49,52,296,14.262445911554,"YES",0.0294117647058824,1.33614158681956,-0.480439397748695]
["Llucmajor","2020","18",1113,24,22,296,14.262445911554,"YES",0.0294117647058824,1.33614158681956,-0.480439397748695]
["Llucmajor","2020","19",800,5,6,296,14.262445911554,"YES",0.0294117647058824,1.33614158681956,-0.480439397748695]
["Llucmajor","2020","20",511,25,49,296,14.262445911554,"YES",0.0294117647058824,1.33614158681956,-0.480439397748695]
["Raixa","2019","05",593,21,35,110,16.2457038982755,"NO",0.108695652173913,-1.37633017153532,0.201695217253314]
["Raixa","2019","06",1334,25,19,110,16.2457038982755,"NO",0.108695652173913,-1.37633017153532,0.201695217253314]
["Raixa","2019","07",1010,12,12,110,16.2457038982755,"NO",0.108695652173913,-1.37633017153532,0.201695217253314]
["Raixa","2019","08",835,21,25,110,16.2457038982755,"NO",0.108695652173913,-1.37633017153532,0.201695217253314]
["Raixa","2019","11",568,18,32,110,16.2457038982755,"NO",0.108695652173913,-1.37633017153532,0.201695217253314]
["Raixa","2019","13",1487,60,40,110,16.2457038982755,"NO",0.108695652173913,-1.37633017153532,0.201695217253314]
["Raixa","2019","14",714,44,62,110,16.2457038982755,"NO",0.108695652173913,-1.37633017153532,0.201695217253314]
["Raixa","2019","20",1208,15,12,110,16.2457038982755,"NO",0.108695652173913,-1.37633017153532,0.201695217253314]
["Raixa","2020","01",959,9,9,149,16.2457038982755,"NO",0.108695652173913,0.428182267605708,1.67507200146939]
["Raixa","2020","02",871,5,6,149,16.2457038982755,"NO",0.108695652173913,0.428182267605708,1.67507200146939]
["Raixa","2020","15",1081,26,24,149,16.2457038982755,"NO",0.108695652173913,0.428182267605708,1.67507200146939]
["Raixa","2020","18",484,11,23,149,16.2457038982755,"NO",0.108695652173913,0.428182267605708,1.67507200146939]
["Raixa","2020","19",704,5,7,149,16.2457038982755,"NO",0.108695652173913,0.428182267605708,1.67507200146939]
["Raixa","2020","20",1196,20,17,149,16.2457038982755,"NO",0.108695652173913,0.428182267605708,1.67507200146939]
["sArraco","2019","02",428,32,75,151,57.937904710678,"NO",0.266666666666667,-0.542649264157621,2.41089258388963]
["sArraco","2019","03",259,11,42,151,57.937904710678,"NO",0.266666666666667,-0.542649264157621,2.41089258388963]
["sArraco","2019","04",452,8,18,151,57.937904710678,"NO",0.266666666666667,-0.542649264157621,2.41089258388963]
["sArraco","2019","05",1421,24,17,151,57.937904710678,"NO",0.266666666666667,-0.542649264157621,2.41089258388963]
["sArraco","2019","06",1153,73,63,151,57.937904710678,"NO",0.266666666666667,-0.542649264157621,2.41089258388963]
["sArraco","2019","07",167,2,12,151,57.937904710678,"NO",0.266666666666667,-0.542649264157621,2.41089258388963]
["sArraco","2019","08",283,28,99,151,57.937904710678,"NO",0.266666666666667,-0.542649264157621,2.41089258388963]
["sArraco","2019","09",1770,44,25,151,57.937904710678,"NO",0.266666666666667,-0.542649264157621,2.41089258388963]
["sArraco","2019","11",644,3,5,151,57.937904710678,"NO",0.266666666666667,-0.542649264157621,2.41089258388963]
["sArraco","2019","12",470,23,49,151,57.937904710678,"NO",0.266666666666667,-0.542649264157621,2.41089258388963]
["sArraco","2019","13",3120,49,16,151,57.937904710678,"NO",0.266666666666667,-0.542649264157621,2.41089258388963]
["sArraco","2019","14",1079,39,36,151,57.937904710678,"NO",0.266666666666667,-0.542649264157621,2.41089258388963]
["sArraco","2019","15",1221,49,40,151,57.937904710678,"NO",0.266666666666667,-0.542649264157621,2.41089258388963]
["sArraco","2019","16",594,13,22,151,57.937904710678,"NO",0.266666666666667,-0.542649264157621,2.41089258388963]
["sArraco","2019","17",405,13,32,151,57.937904710678,"NO",0.266666666666667,-0.542649264157621,2.41089258388963]
["sArraco","2019","18",548,94,172,151,57.937904710678,"NO",0.266666666666667,-0.542649264157621,2.41089258388963]
["sArraco","2019","19",378,13,34,151,57.937904710678,"NO",0.266666666666667,-0.542649264157621,2.41089258388963]
["sArraco","2019","20",549,61,111,151,57.937904710678,"NO",0.266666666666667,-0.542649264157621,2.41089258388963]
["sArraco","2020","01",1381,27,20,197,57.937904710678,"NO",0.266666666666667,-0.953438423451413,3.63539086075049]
["sArraco","2020","02",1095,52,47,197,57.937904710678,"NO",0.266666666666667,-0.953438423451413,3.63539086075049]
["sArraco","2020","03",710,26,37,197,57.937904710678,"NO",0.266666666666667,-0.953438423451413,3.63539086075049]
["sArraco","2020","04",462,14,30,197,57.937904710678,"NO",0.266666666666667,-0.953438423451413,3.63539086075049]
["sArraco","2020","05",468,28,60,197,57.937904710678,"NO",0.266666666666667,-0.953438423451413,3.63539086075049]
["sArraco","2020","06",1050,34,32,197,57.937904710678,"NO",0.266666666666667,-0.953438423451413,3.63539086075049]
["sArraco","2020","07",770,25,32,197,57.937904710678,"NO",0.266666666666667,-0.953438423451413,3.63539086075049]
["sArraco","2020","08",667,22,33,197,57.937904710678,"NO",0.266666666666667,-0.953438423451413,3.63539086075049]
["sArraco","2020","10",1166,23,20,197,57.937904710678,"NO",0.266666666666667,-0.953438423451413,3.63539086075049]
["sArraco","2020","11",1092,19,17,197,57.937904710678,"NO",0.266666666666667,-0.953438423451413,3.63539086075049]
["sArraco","2020","12",544,21,39,197,57.937904710678,"NO",0.266666666666667,-0.953438423451413,3.63539086075049]
["sArraco","2020","13",997,30,30,197,57.937904710678,"NO",0.266666666666667,-0.953438423451413,3.63539086075049]
["sArraco","2020","14",1559,79,51,197,57.937904710678,"NO",0.266666666666667,-0.953438423451413,3.63539086075049]
["sArraco","2020","15",2715,40,15,197,57.937904710678,"NO",0.266666666666667,-0.953438423451413,3.63539086075049]
["sArraco","2020","16",1510,7,5,197,57.937904710678,"NO",0.266666666666667,-0.953438423451413,3.63539086075049]
["sArraco","2020","17",420,15,36,197,57.937904710678,"NO",0.266666666666667,-0.953438423451413,3.63539086075049]
["sArraco","2020","18",731,34,47,197,57.937904710678,"NO",0.266666666666667,-0.953438423451413,3.63539086075049]
["sArraco","2020","19",336,25,74,197,57.937904710678,"NO",0.266666666666667,-0.953438423451413,3.63539086075049]
["sArraco","2020","20",862,79,92,197,57.937904710678,"NO",0.266666666666667,-0.953438423451413,3.63539086075049]
["SesFigueres","2019","01",675,0,0,280,9.5852614818559,"NO",1.63380281690141,-1.22028902429453,-2.11539790883128]
["SesFigueres","2019","02",910,22,24,280,9.5852614818559,"NO",1.63380281690141,-1.22028902429453,-2.11539790883128]
["SesFigueres","2019","03",398,8,20,280,9.5852614818559,"NO",1.63380281690141,-1.22028902429453,-2.11539790883128]
["SesFigueres","2019","05",283,5,18,280,9.5852614818559,"NO",1.63380281690141,-1.22028902429453,-2.11539790883128]
["SesFigueres","2019","06",666,18,27,280,9.5852614818559,"NO",1.63380281690141,-1.22028902429453,-2.11539790883128]
["SesFigueres","2019","07",3856,2,1,280,9.5852614818559,"NO",1.63380281690141,-1.22028902429453,-2.11539790883128]
["SesFigueres","2019","08",966,4,4,280,9.5852614818559,"NO",1.63380281690141,-1.22028902429453,-2.11539790883128]
["SesFigueres","2019","09",1238,11,9,280,9.5852614818559,"NO",1.63380281690141,-1.22028902429453,-2.11539790883128]
["SesFigueres","2019","10",328,1,3,280,9.5852614818559,"NO",1.63380281690141,-1.22028902429453,-2.11539790883128]
["SesFigueres","2019","11",2799,1,0,280,9.5852614818559,"NO",1.63380281690141,-1.22028902429453,-2.11539790883128]
["SesFigueres","2019","13",706,3,4,280,9.5852614818559,"NO",1.63380281690141,-1.22028902429453,-2.11539790883128]
["SesFigueres","2019","14",550,4,7,280,9.5852614818559,"NO",1.63380281690141,-1.22028902429453,-2.11539790883128]
["SesFigueres","2019","15",516,0,0,280,9.5852614818559,"NO",1.63380281690141,-1.22028902429453,-2.11539790883128]
["SesFigueres","2019","16",1066,0,0,280,9.5852614818559,"NO",1.63380281690141,-1.22028902429453,-2.11539790883128]
["SesFigueres","2019","17",564,8,14,280,9.5852614818559,"NO",1.63380281690141,-1.22028902429453,-2.11539790883128]
["SesFigueres","2019","19",1218,18,15,280,9.5852614818559,"NO",1.63380281690141,-1.22028902429453,-2.11539790883128]
["SesFigueres","2019","20",904,0,0,280,9.5852614818559,"NO",1.63380281690141,-1.22028902429453,-2.11539790883128]
["SesFigueres","2020","01",915,4,4,554,9.5852614818559,"NO",1.63380281690141,1.74184282694561,-1.80820078407229]
["SesFigueres","2020","02",1395,19,14,554,9.5852614818559,"NO",1.63380281690141,1.74184282694561,-1.80820078407229]
["SesFigueres","2020","03",535,0,0,554,9.5852614818559,"NO",1.63380281690141,1.74184282694561,-1.80820078407229]
["SesFigueres","2020","04",338,9,27,554,9.5852614818559,"NO",1.63380281690141,1.74184282694561,-1.80820078407229]
["SesFigueres","2020","05",696,23,33,554,9.5852614818559,"NO",1.63380281690141,1.74184282694561,-1.80820078407229]
["SesFigueres","2020","06",924,7,8,554,9.5852614818559,"NO",1.63380281690141,1.74184282694561,-1.80820078407229]
["SesFigueres","2020","07",2049,3,1,554,9.5852614818559,"NO",1.63380281690141,1.74184282694561,-1.80820078407229]
["SesFigueres","2020","08",2162,52,24,554,9.5852614818559,"NO",1.63380281690141,1.74184282694561,-1.80820078407229]
["SesFigueres","2020","09",1832,0,0,554,9.5852614818559,"NO",1.63380281690141,1.74184282694561,-1.80820078407229]
["SesFigueres","2020","10",1331,18,14,554,9.5852614818559,"NO",1.63380281690141,1.74184282694561,-1.80820078407229]
["SesFigueres","2020","11",1285,9,7,554,9.5852614818559,"NO",1.63380281690141,1.74184282694561,-1.80820078407229]
["SesFigueres","2020","12",1588,10,6,554,9.5852614818559,"NO",1.63380281690141,1.74184282694561,-1.80820078407229]
["SesFigueres","2020","13",1915,24,13,554,9.5852614818559,"NO",1.63380281690141,1.74184282694561,-1.80820078407229]
["SesFigueres","2020","14",1001,0,0,554,9.5852614818559,"NO",1.63380281690141,1.74184282694561,-1.80820078407229]
["SesFigueres","2020","15",2120,32,15,554,9.5852614818559,"NO",1.63380281690141,1.74184282694561,-1.80820078407229]
["SesFigueres","2020","16",589,1,2,554,9.5852614818559,"NO",1.63380281690141,1.74184282694561,-1.80820078407229]
["SesFigueres","2020","17",1550,3,2,554,9.5852614818559,"NO",1.63380281690141,1.74184282694561,-1.80820078407229]
["SesFigueres","2020","18",3264,2,1,554,9.5852614818559,"NO",1.63380281690141,1.74184282694561,-1.80820078407229]
["SesFigueres","2020","19",1244,9,7,554,9.5852614818559,"NO",1.63380281690141,1.74184282694561,-1.80820078407229]
["SesFigueres","2020","20",2163,6,3,554,9.5852614818559,"NO",1.63380281690141,1.74184282694561,-1.80820078407229]
["SesSitges","2019","01",2294,36,16,127,9.07286232637676,"YES",0.05,-1.04003190004807,3.93098720836455]
["SesSitges","2019","02",426,29,68,127,9.07286232637676,"YES",0.05,-1.04003190004807,3.93098720836455]
["SesSitges","2019","03",367,18,49,127,9.07286232637676,"YES",0.05,-1.04003190004807,3.93098720836455]
["SesSitges","2019","04",532,24,45,127,9.07286232637676,"YES",0.05,-1.04003190004807,3.93098720836455]
["SesSitges","2019","05",526,22,42,127,9.07286232637676,"YES",0.05,-1.04003190004807,3.93098720836455]
["SesSitges","2019","06",1092,31,28,127,9.07286232637676,"YES",0.05,-1.04003190004807,3.93098720836455]
["SesSitges","2019","07",655,25,38,127,9.07286232637676,"YES",0.05,-1.04003190004807,3.93098720836455]
["SesSitges","2019","08",781,26,33,127,9.07286232637676,"YES",0.05,-1.04003190004807,3.93098720836455]
["SesSitges","2019","09",243,14,58,127,9.07286232637676,"YES",0.05,-1.04003190004807,3.93098720836455]
["SesSitges","2019","10",416,7,17,127,9.07286232637676,"YES",0.05,-1.04003190004807,3.93098720836455]
["SesSitges","2019","12",347,11,32,127,9.07286232637676,"YES",0.05,-1.04003190004807,3.93098720836455]
["SesSitges","2019","13",462,12,26,127,9.07286232637676,"YES",0.05,-1.04003190004807,3.93098720836455]
["SesSitges","2019","14",696,12,17,127,9.07286232637676,"YES",0.05,-1.04003190004807,3.93098720836455]
["SesSitges","2019","15",483,38,79,127,9.07286232637676,"YES",0.05,-1.04003190004807,3.93098720836455]
["SesSitges","2019","16",414,7,17,127,9.07286232637676,"YES",0.05,-1.04003190004807,3.93098720836455]
["SesSitges","2019","18",850,13,15,127,9.07286232637676,"YES",0.05,-1.04003190004807,3.93098720836455]
["SesSitges","2019","19",229,12,52,127,9.07286232637676,"YES",0.05,-1.04003190004807,3.93098720836455]
["SesSitges","2020","05",1368,56,41,170,9.07286232637676,"YES",0.05,0.417666254981474,0.774640810489251]
["SesVinyotes","2019","02",754,4,5,402,28.2430819754971,"YES",0.0227272727272727,1.07490579887191,0.444706084095228]
["SesVinyotes","2019","03",928,11,12,402,28.2430819754971,"YES",0.0227272727272727,1.07490579887191,0.444706084095228]
["SesVinyotes","2019","04",437,1,2,402,28.2430819754971,"YES",0.0227272727272727,1.07490579887191,0.444706084095228]
["SesVinyotes","2019","05",356,7,20,402,28.2430819754971,"YES",0.0227272727272727,1.07490579887191,0.444706084095228]
["SesVinyotes","2019","06",634,9,14,402,28.2430819754971,"YES",0.0227272727272727,1.07490579887191,0.444706084095228]
["SesVinyotes","2019","07",883,5,6,402,28.2430819754971,"YES",0.0227272727272727,1.07490579887191,0.444706084095228]
["SesVinyotes","2019","08",574,7,12,402,28.2430819754971,"YES",0.0227272727272727,1.07490579887191,0.444706084095228]
["SesVinyotes","2019","10",1245,15,12,402,28.2430819754971,"YES",0.0227272727272727,1.07490579887191,0.444706084095228]
["SesVinyotes","2019","11",1063,11,10,402,28.2430819754971,"YES",0.0227272727272727,1.07490579887191,0.444706084095228]
["SesVinyotes","2019","12",1034,10,10,402,28.2430819754971,"YES",0.0227272727272727,1.07490579887191,0.444706084095228]
["SesVinyotes","2019","13",936,8,9,402,28.2430819754971,"YES",0.0227272727272727,1.07490579887191,0.444706084095228]
["SesVinyotes","2019","15",1015,7,7,402,28.2430819754971,"YES",0.0227272727272727,1.07490579887191,0.444706084095228]
["SesVinyotes","2019","17",1921,40,21,402,28.2430819754971,"YES",0.0227272727272727,1.07490579887191,0.444706084095228]
["SesVinyotes","2020","01",750,5,7,197,28.2430819754971,"YES",0.0227272727272727,0.075765733569186,1.97172245290719]
["SesVinyotes","2020","02",640,0,0,197,28.2430819754971,"YES",0.0227272727272727,0.075765733569186,1.97172245290719]
["SesVinyotes","2020","03",607,7,12,197,28.2430819754971,"YES",0.0227272727272727,0.075765733569186,1.97172245290719]
["SesVinyotes","2020","04",512,14,27,197,28.2430819754971,"YES",0.0227272727272727,0.075765733569186,1.97172245290719]
["SesVinyotes","2020","05",889,7,8,197,28.2430819754971,"YES",0.0227272727272727,0.075765733569186,1.97172245290719]
["SesVinyotes","2020","06",1380,28,20,197,28.2430819754971,"YES",0.0227272727272727,0.075765733569186,1.97172245290719]
["SesVinyotes","2020","07",1512,10,7,197,28.2430819754971,"YES",0.0227272727272727,0.075765733569186,1.97172245290719]
["SesVinyotes","2020","08",749,2,3,197,28.2430819754971,"YES",0.0227272727272727,0.075765733569186,1.97172245290719]
["SesVinyotes","2020","09",648,12,19,197,28.2430819754971,"YES",0.0227272727272727,0.075765733569186,1.97172245290719]
["SesVinyotes","2020","10",759,26,34,197,28.2430819754971,"YES",0.0227272727272727,0.075765733569186,1.97172245290719]
["SesVinyotes","2020","11",599,8,13,197,28.2430819754971,"YES",0.0227272727272727,0.075765733569186,1.97172245290719]
["SesVinyotes","2020","12",1184,14,12,197,28.2430819754971,"YES",0.0227272727272727,0.075765733569186,1.97172245290719]
["SesVinyotes","2020","13",707,18,25,197,28.2430819754971,"YES",0.0227272727272727,0.075765733569186,1.97172245290719]
["SesVinyotes","2020","14",562,33,59,197,28.2430819754971,"YES",0.0227272727272727,0.075765733569186,1.97172245290719]
["SesVinyotes","2020","15",831,6,7,197,28.2430819754971,"YES",0.0227272727272727,0.075765733569186,1.97172245290719]
["SesVinyotes","2020","16",589,8,14,197,28.2430819754971,"YES",0.0227272727272727,0.075765733569186,1.97172245290719]
["SesVinyotes","2020","17",798,8,10,197,28.2430819754971,"YES",0.0227272727272727,0.075765733569186,1.97172245290719]
["SesVinyotes","2020","18",903,28,31,197,28.2430819754971,"YES",0.0227272727272727,0.075765733569186,1.97172245290719]
["SesVinyotes","2020","19",262,3,11,197,28.2430819754971,"YES",0.0227272727272727,0.075765733569186,1.97172245290719]
["SesVinyotes","2020","20",752,11,15,197,28.2430819754971,"YES",0.0227272727272727,0.075765733569186,1.97172245290719]
["SonBorras","2020","01",950.4,23,24.2003367003367,461,27.3990471204358,"NO",0.0268458,1.29142024418279,-0.378388705369886]
["SonBorras","2020","02",1630.2,3,1.84026499815974,461,27.3990471204358,"NO",0.0268458,1.29142024418279,-0.378388705369886]
["SonBorras","2020","03",1405.8,12,8.53606487409304,461,27.3990471204358,"NO",0.0268458,1.29142024418279,-0.378388705369886]
["SonBorras","2020","04",831.6,17,20.4425204425204,461,27.3990471204358,"NO",0.0268458,1.29142024418279,-0.378388705369886]
["SonBorras","2020","05",1830.4,49,26.7701048951049,461,27.3990471204358,"NO",0.0268458,1.29142024418279,-0.378388705369886]
["SonBorras","2020","06",1071.8,19,17.7271879081918,461,27.3990471204358,"NO",0.0268458,1.29142024418279,-0.378388705369886]
["SonBorras","2020","07",1260,15,11.9047619047619,461,27.3990471204358,"NO",0.0268458,1.29142024418279,-0.378388705369886]
["SonBorras","2020","08",1289.6,17,13.182382133995,461,27.3990471204358,"NO",0.0268458,1.29142024418279,-0.378388705369886]
["SonBorras","2020","09",884.4,16,18.0913613749435,461,27.3990471204358,"NO",0.0268458,1.29142024418279,-0.378388705369886]
["SonBorras","2020","10",1457,8,5.49073438572409,461,27.3990471204358,"NO",0.0268458,1.29142024418279,-0.378388705369886]
["SonBorras","2020","11",1801.2,14,7.77259604707972,461,27.3990471204358,"NO",0.0268458,1.29142024418279,-0.378388705369886]
["SonBorras","2020","12",1118,23,20.5724508050089,461,27.3990471204358,"NO",0.0268458,1.29142024418279,-0.378388705369886]
["SonBorras","2020","13",2004.6,5,2.4942631946523,461,27.3990471204358,"NO",0.0268458,1.29142024418279,-0.378388705369886]
["SonBorras","2020","14",1231.2,0,0,461,27.3990471204358,"NO",0.0268458,1.29142024418279,-0.378388705369886]
["SonBorras","2020","16",1530,31,20.2614379084967,461,27.3990471204358,"NO",0.0268458,1.29142024418279,-0.378388705369886]
["SonBorras","2020","17",1038.4,8,7.70416024653313,461,27.3990471204358,"NO",0.0268458,1.29142024418279,-0.378388705369886]
["SonBorras","2020","19",1308.2,2,1.52881822351322,461,27.3990471204358,"NO",0.0268458,1.29142024418279,-0.378388705369886]
["SonBorras","2020","20",852.6,7,8.21018062397373,461,27.3990471204358,"NO",0.0268458,1.29142024418279,-0.378388705369886]
["SonCos","2020","01",1419,57,40,227,25.021689749707,"YES",0.252252252252252,0.757725705377939,0.711526256801932]
["SonCos","2020","02",882,0,0,227,25.021689749707,"YES",0.252252252252252,0.757725705377939,0.711526256801932]
["SonCos","2020","03",917,23,25,227,25.021689749707,"YES",0.252252252252252,0.757725705377939,0.711526256801932]
["SonCos","2020","04",612,37,60,227,25.021689749707,"YES",0.252252252252252,0.757725705377939,0.711526256801932]
["SonCos","2020","05",730,18,25,227,25.021689749707,"YES",0.252252252252252,0.757725705377939,0.711526256801932]
["SonCos","2020","06",1009,33,33,227,25.021689749707,"YES",0.252252252252252,0.757725705377939,0.711526256801932]
["SonCos","2020","07",480,60,125,227,25.021689749707,"YES",0.252252252252252,0.757725705377939,0.711526256801932]
["SonCos","2020","08",933,77,83,227,25.021689749707,"YES",0.252252252252252,0.757725705377939,0.711526256801932]
["SonCos","2020","09",1219,46,38,227,25.021689749707,"YES",0.252252252252252,0.757725705377939,0.711526256801932]
["SonCos","2020","10",1612,19,12,227,25.021689749707,"YES",0.252252252252252,0.757725705377939,0.711526256801932]
["SonCos","2020","11",2759,63,23,227,25.021689749707,"YES",0.252252252252252,0.757725705377939,0.711526256801932]
["SonCos","2020","12",890,13,15,227,25.021689749707,"YES",0.252252252252252,0.757725705377939,0.711526256801932]
["SonCos","2020","13",660,17,26,227,25.021689749707,"YES",0.252252252252252,0.757725705377939,0.711526256801932]
["SonCos","2020","14",722,16,22,227,25.021689749707,"YES",0.252252252252252,0.757725705377939,0.711526256801932]
["SonCos","2020","15",660,14,21,227,25.021689749707,"YES",0.252252252252252,0.757725705377939,0.711526256801932]
["SonCos","2020","16",775,73,94,227,25.021689749707,"YES",0.252252252252252,0.757725705377939,0.711526256801932]
["SonCos","2020","17",778,62,80,227,25.021689749707,"YES",0.252252252252252,0.757725705377939,0.711526256801932]
["SonCos","2020","19",634,35,55,227,25.021689749707,"YES",0.252252252252252,0.757725705377939,0.711526256801932]
["SonCotoner","2019","01",737,48,65,147,74.0189265373856,"NO",0.957446808510638,-0.180467151924439,-1.05358285316496]
["SonCotoner","2019","02",842,13,15,147,74.0189265373856,"NO",0.957446808510638,-0.180467151924439,-1.05358285316496]
["SonCotoner","2019","03",920,12,13,147,74.0189265373856,"NO",0.957446808510638,-0.180467151924439,-1.05358285316496]
["SonCotoner","2019","04",742,2,3,147,74.0189265373856,"NO",0.957446808510638,-0.180467151924439,-1.05358285316496]
["SonCotoner","2019","05",755,22,29,147,74.0189265373856,"NO",0.957446808510638,-0.180467151924439,-1.05358285316496]
["SonCotoner","2019","06",374,15,40,147,74.0189265373856,"NO",0.957446808510638,-0.180467151924439,-1.05358285316496]
["SonCotoner","2019","07",1109,185,167,147,74.0189265373856,"NO",0.957446808510638,-0.180467151924439,-1.05358285316496]
["SonCotoner","2019","08",907,16,18,147,74.0189265373856,"NO",0.957446808510638,-0.180467151924439,-1.05358285316496]
["SonCotoner","2019","09",943,23,24,147,74.0189265373856,"NO",0.957446808510638,-0.180467151924439,-1.05358285316496]
["SonCotoner","2019","11",707,33,47,147,74.0189265373856,"NO",0.957446808510638,-0.180467151924439,-1.05358285316496]
["SonCotoner","2019","12",886,16,18,147,74.0189265373856,"NO",0.957446808510638,-0.180467151924439,-1.05358285316496]
["SonCotoner","2019","13",706,35,50,147,74.0189265373856,"NO",0.957446808510638,-0.180467151924439,-1.05358285316496]
["SonCotoner","2019","14",621,15,24,147,74.0189265373856,"NO",0.957446808510638,-0.180467151924439,-1.05358285316496]
["SonCotoner","2019","17",728,30,41,147,74.0189265373856,"NO",0.957446808510638,-0.180467151924439,-1.05358285316496]
["SonCotoner","2019","20",805,12,15,147,74.0189265373856,"NO",0.957446808510638,-0.180467151924439,-1.05358285316496]
["SonCotoner","2020","01",812,67,83,120,74.0189265373856,"NO",0.957446808510638,-0.293539829361397,1.11328555093844]
["SonCotoner","2020","02",976,28,29,120,74.0189265373856,"NO",0.957446808510638,-0.293539829361397,1.11328555093844]
["SonCotoner","2020","03",572,48,84,120,74.0189265373856,"NO",0.957446808510638,-0.293539829361397,1.11328555093844]
["SonCotoner","2020","04",420,13,31,120,74.0189265373856,"NO",0.957446808510638,-0.293539829361397,1.11328555093844]
["SonCotoner","2020","05",422,9,21,120,74.0189265373856,"NO",0.957446808510638,-0.293539829361397,1.11328555093844]
["SonCotoner","2020","06",911,32,35,120,74.0189265373856,"NO",0.957446808510638,-0.293539829361397,1.11328555093844]
["SonCotoner","2020","07",485,31,64,120,74.0189265373856,"NO",0.957446808510638,-0.293539829361397,1.11328555093844]
["SonCotoner","2020","08",545,43,79,120,74.0189265373856,"NO",0.957446808510638,-0.293539829361397,1.11328555093844]
["SonCotoner","2020","10",1148,57,50,120,74.0189265373856,"NO",0.957446808510638,-0.293539829361397,1.11328555093844]
["SonCotoner","2020","12",666,64,96,120,74.0189265373856,"NO",0.957446808510638,-0.293539829361397,1.11328555093844]
["SonCotoner","2020","13",575,14,24,120,74.0189265373856,"NO",0.957446808510638,-0.293539829361397,1.11328555093844]
["SonCotoner","2020","14",1075,62,58,120,74.0189265373856,"NO",0.957446808510638,-0.293539829361397,1.11328555093844]
["SonCotoner","2020","16",718,9,13,120,74.0189265373856,"NO",0.957446808510638,-0.293539829361397,1.11328555093844]
["SonCotoner","2020","17",524,33,63,120,74.0189265373856,"NO",0.957446808510638,-0.293539829361397,1.11328555093844]
["SonCotoner","2020","18",883,49,55,120,74.0189265373856,"NO",0.957446808510638,-0.293539829361397,1.11328555093844]
["SonCotoner","2020","19",785,33,42,120,74.0189265373856,"NO",0.957446808510638,-0.293539829361397,1.11328555093844]
["SonCotoner","2020","20",504,26,52,120,74.0189265373856,"NO",0.957446808510638,-0.293539829361397,1.11328555093844]
["SonFortuny","2019","02",1090,5,5,377,58.143995372563,"NO",0.20125786163522,-2.50174227992208,-3.77936993767594]
["SonFortuny","2019","04",1266,23,18,377,58.143995372563,"NO",0.20125786163522,-2.50174227992208,-3.77936993767594]
["SonFortuny","2019","05",351,1,3,377,58.143995372563,"NO",0.20125786163522,-2.50174227992208,-3.77936993767594]
["SonFortuny","2019","07",738,15,20,377,58.143995372563,"NO",0.20125786163522,-2.50174227992208,-3.77936993767594]
["SonFortuny","2019","08",494,15,30,377,58.143995372563,"NO",0.20125786163522,-2.50174227992208,-3.77936993767594]
["SonFortuny","2019","09",2030,4,2,377,58.143995372563,"NO",0.20125786163522,-2.50174227992208,-3.77936993767594]
["SonFortuny","2019","10",3013,14,5,377,58.143995372563,"NO",0.20125786163522,-2.50174227992208,-3.77936993767594]
["SonFortuny","2019","11",1770,8,5,377,58.143995372563,"NO",0.20125786163522,-2.50174227992208,-3.77936993767594]
["SonFortuny","2019","12",803,12,15,377,58.143995372563,"NO",0.20125786163522,-2.50174227992208,-3.77936993767594]
["SonFortuny","2019","13",1555,9,6,377,58.143995372563,"NO",0.20125786163522,-2.50174227992208,-3.77936993767594]
["SonFortuny","2019","15",683,17,25,377,58.143995372563,"NO",0.20125786163522,-2.50174227992208,-3.77936993767594]
["SonFortuny","2019","16",1156,31,27,377,58.143995372563,"NO",0.20125786163522,-2.50174227992208,-3.77936993767594]
["SonFortuny","2019","18",666,7,11,377,58.143995372563,"NO",0.20125786163522,-2.50174227992208,-3.77936993767594]
["SonFortuny","2019","19",2449,35,14,377,58.143995372563,"NO",0.20125786163522,-2.50174227992208,-3.77936993767594]
["SonFortuny","2019","20",1141,13,11,377,58.143995372563,"NO",0.20125786163522,-2.50174227992208,-3.77936993767594]
["SonFortuny","2020","01",691,1,1,132,58.143995372563,"NO",0.20125786163522,-0.470244982351251,-0.0916012912092956]
["SonFortuny","2020","03",384,0,0,132,58.143995372563,"NO",0.20125786163522,-0.470244982351251,-0.0916012912092956]
["SonFortuny","2020","04",2880,0,0,132,58.143995372563,"NO",0.20125786163522,-0.470244982351251,-0.0916012912092956]
["SonFortuny","2020","05",1480,18,12,132,58.143995372563,"NO",0.20125786163522,-0.470244982351251,-0.0916012912092956]
["SonFortuny","2020","09",680,14,21,132,58.143995372563,"NO",0.20125786163522,-0.470244982351251,-0.0916012912092956]
["SonFortuny","2020","11",1579,23,15,132,58.143995372563,"NO",0.20125786163522,-0.470244982351251,-0.0916012912092956]
["SonFortuny","2020","13",459,15,33,132,58.143995372563,"NO",0.20125786163522,-0.470244982351251,-0.0916012912092956]
["SonFortuny","2020","14",772,6,8,132,58.143995372563,"NO",0.20125786163522,-0.470244982351251,-0.0916012912092956]
["SonFortuny","2020","15",436,0,0,132,58.143995372563,"NO",0.20125786163522,-0.470244982351251,-0.0916012912092956]
["SonFortuny","2020","16",2884,19,7,132,58.143995372563,"NO",0.20125786163522,-0.470244982351251,-0.0916012912092956]
["SonFortuny","2020","18",1164,23,20,132,58.143995372563,"NO",0.20125786163522,-0.470244982351251,-0.0916012912092956]
["SonFortuny","2020","19",467,4,9,132,58.143995372563,"NO",0.20125786163522,-0.470244982351251,-0.0916012912092956]
["SonFortuny","2020","20",768,44,57,132,58.143995372563,"NO",0.20125786163522,-0.470244982351251,-0.0916012912092956]
["SonMaixella","2019","02",605,31,51,167,28.9707025301427,"NO",0.153846153846154,-1.47257505232782,-2.99286089427812]
["SonMaixella","2019","06",680,20,29,167,28.9707025301427,"NO",0.153846153846154,-1.47257505232782,-2.99286089427812]
["SonMaixella","2019","08",865,17,20,167,28.9707025301427,"NO",0.153846153846154,-1.47257505232782,-2.99286089427812]
["SonMaixella","2019","09",492,18,37,167,28.9707025301427,"NO",0.153846153846154,-1.47257505232782,-2.99286089427812]
["SonMaixella","2019","11",859,15,17,167,28.9707025301427,"NO",0.153846153846154,-1.47257505232782,-2.99286089427812]
["SonMaixella","2019","12",858,4,5,167,28.9707025301427,"NO",0.153846153846154,-1.47257505232782,-2.99286089427812]
["SonMaixella","2019","15",1142,13,11,167,28.9707025301427,"NO",0.153846153846154,-1.47257505232782,-2.99286089427812]
["SonMaixella","2019","18",1232,8,6,167,28.9707025301427,"NO",0.153846153846154,-1.47257505232782,-2.99286089427812]
["SonMaixella","2019","19",821,10,12,167,28.9707025301427,"NO",0.153846153846154,-1.47257505232782,-2.99286089427812]
["SonMaixella","2019","20",382,1,3,167,28.9707025301427,"NO",0.153846153846154,-1.47257505232782,-2.99286089427812]
["SonMaixella","2020","01",845,6,7,307,28.9707025301427,"NO",0.153846153846154,1.22036900025557,-1.1789763532288]
["SonMaixella","2020","02",1433,13,9,307,28.9707025301427,"NO",0.153846153846154,1.22036900025557,-1.1789763532288]
["SonMaixella","2020","03",1548,10,6,307,28.9707025301427,"NO",0.153846153846154,1.22036900025557,-1.1789763532288]
["SonMaixella","2020","04",706,10,14,307,28.9707025301427,"NO",0.153846153846154,1.22036900025557,-1.1789763532288]
["SonMaixella","2020","05",657,8,12,307,28.9707025301427,"NO",0.153846153846154,1.22036900025557,-1.1789763532288]
["SonMaixella","2020","06",936,12,13,307,28.9707025301427,"NO",0.153846153846154,1.22036900025557,-1.1789763532288]
["SonMaixella","2020","07",946,8,8,307,28.9707025301427,"NO",0.153846153846154,1.22036900025557,-1.1789763532288]
["SonMaixella","2020","08",1411,8,6,307,28.9707025301427,"NO",0.153846153846154,1.22036900025557,-1.1789763532288]
["SonMaixella","2020","09",481,2,4,307,28.9707025301427,"NO",0.153846153846154,1.22036900025557,-1.1789763532288]
["SonMaixella","2020","10",555,17,31,307,28.9707025301427,"NO",0.153846153846154,1.22036900025557,-1.1789763532288]
["SonMaixella","2020","11",922,4,4,307,28.9707025301427,"NO",0.153846153846154,1.22036900025557,-1.1789763532288]
["SonMaixella","2020","12",815,0,0,307,28.9707025301427,"NO",0.153846153846154,1.22036900025557,-1.1789763532288]
["SonMaixella","2020","13",970,1,1,307,28.9707025301427,"NO",0.153846153846154,1.22036900025557,-1.1789763532288]
["SonMaixella","2020","14",1045,12,11,307,28.9707025301427,"NO",0.153846153846154,1.22036900025557,-1.1789763532288]
["SonMaixella","2020","15",1442,7,5,307,28.9707025301427,"NO",0.153846153846154,1.22036900025557,-1.1789763532288]
["SonMaixella","2020","16",1619,0,0,307,28.9707025301427,"NO",0.153846153846154,1.22036900025557,-1.1789763532288]
["SonMaixella","2020","17",929,9,10,307,28.9707025301427,"NO",0.153846153846154,1.22036900025557,-1.1789763532288]
["SonMaixella","2020","18",960,5,5,307,28.9707025301427,"NO",0.153846153846154,1.22036900025557,-1.1789763532288]
["SonMaixella","2020","19",1102,6,5,307,28.9707025301427,"NO",0.153846153846154,1.22036900025557,-1.1789763532288]
["SonMassia","2019","01",1688,9,5,265,8.64208028361139,"NO",0.328,0.806567525459656,-2.92036593478463]
["SonMassia","2019","03",655,19,29,265,8.64208028361139,"NO",0.328,0.806567525459656,-2.92036593478463]
["SonMassia","2019","05",338,10,30,265,8.64208028361139,"NO",0.328,0.806567525459656,-2.92036593478463]
["SonMassia","2020","01",593,20,34,370,8.64208028361139,"NO",0.328,1.68978698384629,-1.14652289091741]
["SonMassia","2020","02",620,10,16,370,8.64208028361139,"NO",0.328,1.68978698384629,-1.14652289091741]
["SonMassia","2020","03",710,32,45,370,8.64208028361139,"NO",0.328,1.68978698384629,-1.14652289091741]
["SonMassia","2020","05",1014,25,25,370,8.64208028361139,"NO",0.328,1.68978698384629,-1.14652289091741]
["SonMassia","2020","07",1903,64,34,370,8.64208028361139,"NO",0.328,1.68978698384629,-1.14652289091741]
["SonMassia","2020","08",958,13,14,370,8.64208028361139,"NO",0.328,1.68978698384629,-1.14652289091741]
["SonMassia","2020","09",810,15,19,370,8.64208028361139,"NO",0.328,1.68978698384629,-1.14652289091741]
["SonMassia","2020","10",1137,10,9,370,8.64208028361139,"NO",0.328,1.68978698384629,-1.14652289091741]
["SonMassia","2020","11",1752,25,14,370,8.64208028361139,"NO",0.328,1.68978698384629,-1.14652289091741]
["SonMassia","2020","12",705,29,41,370,8.64208028361139,"NO",0.328,1.68978698384629,-1.14652289091741]
["SonMassia","2020","15",1528,40,26,370,8.64208028361139,"NO",0.328,1.68978698384629,-1.14652289091741]
["SonMassia","2020","16",843,35,42,370,8.64208028361139,"NO",0.328,1.68978698384629,-1.14652289091741]
["SonMassia","2020","17",586,42,72,370,8.64208028361139,"NO",0.328,1.68978698384629,-1.14652289091741]
["SonMassia","2020","19",1570,26,17,370,8.64208028361139,"NO",0.328,1.68978698384629,-1.14652289091741]
["SonMassia","2020","20",1732,18,10,370,8.64208028361139,"NO",0.328,1.68978698384629,-1.14652289091741]
["SonSali","2019","01",517,16,31,188,23.1315683234267,"NO",0.0652173913043478,-2.22469309221563,-0.29401335840026]
["SonSali","2019","02",537,2,4,188,23.1315683234267,"NO",0.0652173913043478,-2.22469309221563,-0.29401335840026]
["SonSali","2019","03",633,15,24,188,23.1315683234267,"NO",0.0652173913043478,-2.22469309221563,-0.29401335840026]
["SonSali","2019","04",330,6,18,188,23.1315683234267,"NO",0.0652173913043478,-2.22469309221563,-0.29401335840026]
["SonSali","2019","05",431,18,42,188,23.1315683234267,"NO",0.0652173913043478,-2.22469309221563,-0.29401335840026]
["SonSali","2019","06",711,14,20,188,23.1315683234267,"NO",0.0652173913043478,-2.22469309221563,-0.29401335840026]
["SonSali","2019","07",325,5,15,188,23.1315683234267,"NO",0.0652173913043478,-2.22469309221563,-0.29401335840026]
["SonSali","2019","08",774,25,32,188,23.1315683234267,"NO",0.0652173913043478,-2.22469309221563,-0.29401335840026]
["SonSali","2019","09",518,7,14,188,23.1315683234267,"NO",0.0652173913043478,-2.22469309221563,-0.29401335840026]
["SonSali","2019","10",293,11,38,188,23.1315683234267,"NO",0.0652173913043478,-2.22469309221563,-0.29401335840026]
["SonSali","2019","11",1048,30,29,188,23.1315683234267,"NO",0.0652173913043478,-2.22469309221563,-0.29401335840026]
["SonSali","2019","13",486,9,19,188,23.1315683234267,"NO",0.0652173913043478,-2.22469309221563,-0.29401335840026]
["SonSali","2019","14",708,22,31,188,23.1315683234267,"NO",0.0652173913043478,-2.22469309221563,-0.29401335840026]
["SonSali","2019","15",370,3,8,188,23.1315683234267,"NO",0.0652173913043478,-2.22469309221563,-0.29401335840026]
["SonSali","2019","16",447,18,40,188,23.1315683234267,"NO",0.0652173913043478,-2.22469309221563,-0.29401335840026]
["SonSali","2019","17",601,33,55,188,23.1315683234267,"NO",0.0652173913043478,-2.22469309221563,-0.29401335840026]
["SonSali","2019","18",1716,60,35,188,23.1315683234267,"NO",0.0652173913043478,-2.22469309221563,-0.29401335840026]
["SonSali","2019","19",480,25,52,188,23.1315683234267,"NO",0.0652173913043478,-2.22469309221563,-0.29401335840026]
["SonSali","2019","20",757,11,15,188,23.1315683234267,"NO",0.0652173913043478,-2.22469309221563,-0.29401335840026]
["SonSali","2020","01",2654,47,18,186,23.1315683234267,"NO",0.0652173913043478,0.682999644564484,0.405858456108294]
["SonSali","2020","02",575,35,61,186,23.1315683234267,"NO",0.0652173913043478,0.682999644564484,0.405858456108294]
["SonSali","2020","03",989,30,30,186,23.1315683234267,"NO",0.0652173913043478,0.682999644564484,0.405858456108294]
["SonSali","2020","04",1904,37,19,186,23.1315683234267,"NO",0.0652173913043478,0.682999644564484,0.405858456108294]
["SonSali","2020","05",1535,23,15,186,23.1315683234267,"NO",0.0652173913043478,0.682999644564484,0.405858456108294]
["SonSali","2020","06",904,23,25,186,23.1315683234267,"NO",0.0652173913043478,0.682999644564484,0.405858456108294]
["SonSali","2020","07",1073,12,11,186,23.1315683234267,"NO",0.0652173913043478,0.682999644564484,0.405858456108294]
["SonSali","2020","08",1150,24,21,186,23.1315683234267,"NO",0.0652173913043478,0.682999644564484,0.405858456108294]
["SonSali","2020","09",693,12,17,186,23.1315683234267,"NO",0.0652173913043478,0.682999644564484,0.405858456108294]
["SonSali","2020","10",1534,16,10,186,23.1315683234267,"NO",0.0652173913043478,0.682999644564484,0.405858456108294]
["SonSali","2020","11",1080,19,18,186,23.1315683234267,"NO",0.0652173913043478,0.682999644564484,0.405858456108294]
["SonSali","2020","12",511,38,74,186,23.1315683234267,"NO",0.0652173913043478,0.682999644564484,0.405858456108294]
["SonSali","2020","13",959,24,25,186,23.1315683234267,"NO",0.0652173913043478,0.682999644564484,0.405858456108294]
["SonSali","2020","14",1413,22,16,186,23.1315683234267,"NO",0.0652173913043478,0.682999644564484,0.405858456108294]
["SonSali","2020","15",1569,31,20,186,23.1315683234267,"NO",0.0652173913043478,0.682999644564484,0.405858456108294]
["SonSali","2020","16",620,13,21,186,23.1315683234267,"NO",0.0652173913043478,0.682999644564484,0.405858456108294]
["SonSali","2020","17",617,53,86,186,23.1315683234267,"NO",0.0652173913043478,0.682999644564484,0.405858456108294]
["SonSali","2020","18",671,21,31,186,23.1315683234267,"NO",0.0652173913043478,0.682999644564484,0.405858456108294]
["SonSali","2020","19",1063,58,55,186,23.1315683234267,"NO",0.0652173913043478,0.682999644564484,0.405858456108294]
["SonSali","2020","20",717,22,31,186,23.1315683234267,"NO",0.0652173913043478,0.682999644564484,0.405858456108294]
["SonSoler","2019","02",1579,13,8,195,8.79714682293922,"YES",0.150943396226415,-0.466479978433022,2.11474073179187]
["SonSoler","2019","09",261,12,46,195,8.79714682293922,"YES",0.150943396226415,-0.466479978433022,2.11474073179187]
["SonSoler","2019","11",898,21,23,195,8.79714682293922,"YES",0.150943396226415,-0.466479978433022,2.11474073179187]
["SonSoler","2019","13",778,10,13,195,8.79714682293922,"YES",0.150943396226415,-0.466479978433022,2.11474073179187]
["SonSoler","2019","15",1462,14,10,195,8.79714682293922,"YES",0.150943396226415,-0.466479978433022,2.11474073179187]
["SonSoler","2019","19",389,0,0,195,8.79714682293922,"YES",0.150943396226415,-0.466479978433022,2.11474073179187]
["SonSoler","2020","01",659,23,35,216,8.79714682293922,"YES",0.150943396226415,0.82069628056248,-0.548654850448877]
["SonSoler","2020","02",1017,26,26,216,8.79714682293922,"YES",0.150943396226415,0.82069628056248,-0.548654850448877]
["SonSoler","2020","03",572,15,26,216,8.79714682293922,"YES",0.150943396226415,0.82069628056248,-0.548654850448877]
["SonSoler","2020","04",719,23,32,216,8.79714682293922,"YES",0.150943396226415,0.82069628056248,-0.548654850448877]
["SonSoler","2020","05",1041,38,37,216,8.79714682293922,"YES",0.150943396226415,0.82069628056248,-0.548654850448877]
["SonSoler","2020","06",717,15,21,216,8.79714682293922,"YES",0.150943396226415,0.82069628056248,-0.548654850448877]
["SonSoler","2020","07",1023,24,23,216,8.79714682293922,"YES",0.150943396226415,0.82069628056248,-0.548654850448877]
["SonSoler","2020","08",1742,19,11,216,8.79714682293922,"YES",0.150943396226415,0.82069628056248,-0.548654850448877]
["SonSoler","2020","09",595,28,47,216,8.79714682293922,"YES",0.150943396226415,0.82069628056248,-0.548654850448877]
["SonSoler","2020","10",1221,24,20,216,8.79714682293922,"YES",0.150943396226415,0.82069628056248,-0.548654850448877]
["SonSoler","2020","11",1150,3,3,216,8.79714682293922,"YES",0.150943396226415,0.82069628056248,-0.548654850448877]
["SonSoler","2020","12",704,16,23,216,8.79714682293922,"YES",0.150943396226415,0.82069628056248,-0.548654850448877]
["SonSoler","2020","13",2052,12,6,216,8.79714682293922,"YES",0.150943396226415,0.82069628056248,-0.548654850448877]
["SonSoler","2020","14",1109,25,23,216,8.79714682293922,"YES",0.150943396226415,0.82069628056248,-0.548654850448877]
["SonSoler","2020","15",570,9,16,216,8.79714682293922,"YES",0.150943396226415,0.82069628056248,-0.548654850448877]
["SonSoler","2020","17",536,36,67,216,8.79714682293922,"YES",0.150943396226415,0.82069628056248,-0.548654850448877]
["SonSoler","2020","18",1404,57,41,216,8.79714682293922,"YES",0.150943396226415,0.82069628056248,-0.548654850448877]
["SonSoler","2020","19",693,2,3,216,8.79714682293922,"YES",0.150943396226415,0.82069628056248,-0.548654850448877]
["SonSoler","2020","20",783,16,20,216,8.79714682293922,"YES",0.150943396226415,0.82069628056248,-0.548654850448877]
["UIB","2019","02",289,0,0,55,27.5544972574933,"NO",0.0810810810810811,-2.22104974703757,0.243105865690114]
["UIB","2019","03",592,0,0,55,27.5544972574933,"NO",0.0810810810810811,-2.22104974703757,0.243105865690114]
["UIB","2019","05",756,1,1,55,27.5544972574933,"NO",0.0810810810810811,-2.22104974703757,0.243105865690114]
["UIB","2019","06",704,2,3,55,27.5544972574933,"NO",0.0810810810810811,-2.22104974703757,0.243105865690114]
["UIB","2019","07",320,0,0,55,27.5544972574933,"NO",0.0810810810810811,-2.22104974703757,0.243105865690114]
["UIB","2019","10",826,1,1,55,27.5544972574933,"NO",0.0810810810810811,-2.22104974703757,0.243105865690114]
["UIB","2019","12",288,0,0,55,27.5544972574933,"NO",0.0810810810810811,-2.22104974703757,0.243105865690114]
["UIB","2019","14",917,0,0,55,27.5544972574933,"NO",0.0810810810810811,-2.22104974703757,0.243105865690114]
["UIB","2019","15",446,0,0,55,27.5544972574933,"NO",0.0810810810810811,-2.22104974703757,0.243105865690114]
["UIB","2019","18",522,21,40,55,27.5544972574933,"NO",0.0810810810810811,-2.22104974703757,0.243105865690114]
["UIB","2019","20",278,0,0,55,27.5544972574933,"NO",0.0810810810810811,-2.22104974703757,0.243105865690114]
["UIB","2020","01",1098,38,35,159,27.5544972574933,"NO",0.0810810810810811,0.333930374195293,2.4479890763338]
["UIB","2020","02",635,0,0,159,27.5544972574933,"NO",0.0810810810810811,0.333930374195293,2.4479890763338]
["UIB","2020","03",718,11,15,159,27.5544972574933,"NO",0.0810810810810811,0.333930374195293,2.4479890763338]
["UIB","2020","04",986,6,6,159,27.5544972574933,"NO",0.0810810810810811,0.333930374195293,2.4479890763338]
["UIB","2020","05",1074,71,66,159,27.5544972574933,"NO",0.0810810810810811,0.333930374195293,2.4479890763338]
["UIB","2020","06",442,13,29,159,27.5544972574933,"NO",0.0810810810810811,0.333930374195293,2.4479890763338]
["UIB","2020","07",630,7,11,159,27.5544972574933,"NO",0.0810810810810811,0.333930374195293,2.4479890763338]
["UIB","2020","08",455,3,7,159,27.5544972574933,"NO",0.0810810810810811,0.333930374195293,2.4479890763338]
["UIB","2020","09",713,22,31,159,27.5544972574933,"NO",0.0810810810810811,0.333930374195293,2.4479890763338]
["UIB","2020","10",898,34,38,159,27.5544972574933,"NO",0.0810810810810811,0.333930374195293,2.4479890763338]
["UIB","2020","11",14490,16,1,159,27.5544972574933,"NO",0.0810810810810811,0.333930374195293,2.4479890763338]
["UIB","2020","16",819,0,0,159,27.5544972574933,"NO",0.0810810810810811,0.333930374195293,2.4479890763338]
["UIB","2020","17",979,0,0,159,27.5544972574933,"NO",0.0810810810810811,0.333930374195293,2.4479890763338]
["UIB","2020","18",714,17,24,159,27.5544972574933,"NO",0.0810810810810811,0.333930374195293,2.4479890763338]
["UIB","2020","19",1104,20,18,159,27.5544972574933,"NO",0.0810810810810811,0.333930374195293,2.4479890763338]
["UIB","2020","20",497,3,6,159,27.5544972574933,"NO",0.0810810810810811,0.333930374195293,2.4479890763338]
["Xorrigo","2019","01",1201,26,22,322,37.242869039441,"YES",0.895833333333333,-0.3297635004828,-1.78226415860956]
["Xorrigo","2019","02",313,4,13,322,37.242869039441,"YES",0.895833333333333,-0.3297635004828,-1.78226415860956]
["Xorrigo","2019","03",407,41,101,322,37.242869039441,"YES",0.895833333333333,-0.3297635004828,-1.78226415860956]
["Xorrigo","2019","04",933,24,26,322,37.242869039441,"YES",0.895833333333333,-0.3297635004828,-1.78226415860956]
["Xorrigo","2019","06",850,5,6,322,37.242869039441,"YES",0.895833333333333,-0.3297635004828,-1.78226415860956]
["Xorrigo","2019","08",1204,9,7,322,37.242869039441,"YES",0.895833333333333,-0.3297635004828,-1.78226415860956]
["Xorrigo","2019","09",1443,37,26,322,37.242869039441,"YES",0.895833333333333,-0.3297635004828,-1.78226415860956]
["Xorrigo","2019","10",492,8,16,322,37.242869039441,"YES",0.895833333333333,-0.3297635004828,-1.78226415860956]
["Xorrigo","2019","11",333,2,6,322,37.242869039441,"YES",0.895833333333333,-0.3297635004828,-1.78226415860956]
["Xorrigo","2019","13",760,11,14,322,37.242869039441,"YES",0.895833333333333,-0.3297635004828,-1.78226415860956]
["Xorrigo","2019","14",182,39,214,322,37.242869039441,"YES",0.895833333333333,-0.3297635004828,-1.78226415860956]
["Xorrigo","2019","15",563,20,36,322,37.242869039441,"YES",0.895833333333333,-0.3297635004828,-1.78226415860956]
["Xorrigo","2019","16",797,6,8,322,37.242869039441,"YES",0.895833333333333,-0.3297635004828,-1.78226415860956]
["Xorrigo","2019","17",194,6,31,322,37.242869039441,"YES",0.895833333333333,-0.3297635004828,-1.78226415860956]
["Xorrigo","2019","18",1340,41,31,322,37.242869039441,"YES",0.895833333333333,-0.3297635004828,-1.78226415860956]
["Xorrigo","2019","20",1037,19,18,322,37.242869039441,"YES",0.895833333333333,-0.3297635004828,-1.78226415860956]
["Xorrigo","2020","01",918,24,26,368,37.242869039441,"YES",0.895833333333333,1.40319381451955,-1.17393536677713]
["Xorrigo","2020","02",462,16,35,368,37.242869039441,"YES",0.895833333333333,1.40319381451955,-1.17393536677713]
["Xorrigo","2020","03",572,24,42,368,37.242869039441,"YES",0.895833333333333,1.40319381451955,-1.17393536677713]
["Xorrigo","2020","04",428,0,0,368,37.242869039441,"YES",0.895833333333333,1.40319381451955,-1.17393536677713]
["Xorrigo","2020","10",483,71,147,368,37.242869039441,"YES",0.895833333333333,1.40319381451955,-1.17393536677713]
["Xorrigo","2020","12",1101,11,10,368,37.242869039441,"YES",0.895833333333333,1.40319381451955,-1.17393536677713]
["Xorrigo","2020","13",1367,60,44,368,37.242869039441,"YES",0.895833333333333,1.40319381451955,-1.17393536677713]
["Xorrigo","2020","18",1030,50,49,368,37.242869039441,"YES",0.895833333333333,1.40319381451955,-1.17393536677713]
["Xorrigo","2020","19",872,0,0,368,37.242869039441,"YES",0.895833333333333,1.40319381451955,-1.17393536677713]
["Xorrigo","2020","20",690,13,19,368,37.242869039441,"YES",0.895833333333333,1.40319381451955,-1.17393536677713]

{"sheet":"SeedProduction","index":3,"n_rows":564,"n_cols":14,"rows_kept":564}
["StudyOrchard","Year","Tree","TotalFlowers","TotalFruits","Fruits1000","SeedsPerFruit","Seeds1000","PolinAbun","Pnatur1k","FarmSys","ratMF","CCA1","CCA2"]
["CaNaCili","2020","01",1498,59,39,12.6,491.4,207,9.00867662194819,"NO",0.0531914893617021,0.810482525862861,1.14737708285578]
["CaNaCili","2020","02",1451,36,25,10.4,260,207,9.00867662194819,"NO",0.0531914893617021,0.810482525862861,1.14737708285578]
["CaNaCili","2020","04",1749,29,17,10.4,176.8,207,9.00867662194819,"NO",0.0531914893617021,0.810482525862861,1.14737708285578]
["CaNaCili","2020","05",2097,33,16,9,144,207,9.00867662194819,"NO",0.0531914893617021,0.810482525862861,1.14737708285578]
["CaNaCili","2020","06",1197,12,10,12.8,128,207,9.00867662194819,"NO",0.0531914893617021,0.810482525862861,1.14737708285578]
["CaNaCili","2020","07",1419,47,33,12,396,207,9.00867662194819,"NO",0.0531914893617021,0.810482525862861,1.14737708285578]
["CaNaCili","2020","08",1976,18,9,7.6,68.4,207,9.00867662194819,"NO",0.0531914893617021,0.810482525862861,1.14737708285578]
["CaNaCili","2020","09",949,23,24,6.6,158.4,207,9.00867662194819,"NO",0.0531914893617021,0.810482525862861,1.14737708285578]
["CaNaCili","2020","10",945,18,19,12.6,239.4,207,9.00867662194819,"NO",0.0531914893617021,0.810482525862861,1.14737708285578]
["CaNaCili","2020","11",875,49,56,13.2,739.2,207,9.00867662194819,"NO",0.0531914893617021,0.810482525862861,1.14737708285578]
["CaNaCili","2020","13",738,2,3,12,36,207,9.00867662194819,"NO",0.0531914893617021,0.810482525862861,1.14737708285578]
["CaNaCili","2020","14",1310,76,58,11.8,684.4,207,9.00867662194819,"NO",0.0531914893617021,0.810482525862861,1.14737708285578]
["CaNaCili","2020","15",2142,82,38,10.2,387.6,207,9.00867662194819,"NO",0.0531914893617021,0.810482525862861,1.14737708285578]
["CaNaCili","2020","16",1095,11,10,4.2,42,207,9.00867662194819,"NO",0.0531914893617021,0.810482525862861,1.14737708285578]
["CaNaCili","2020","17",825,26,32,10.2,326.4,207,9.00867662194819,"NO",0.0531914893617021,0.810482525862861,1.14737708285578]
["CaNaCili","2020","18",1363,31,23,12.4,285.2,207,9.00867662194819,"NO",0.0531914893617021,0.810482525862861,1.14737708285578]
["CaNaCili","2020","19",1539,55,36,11.6,417.6,207,9.00867662194819,"NO",0.0531914893617021,0.810482525862861,1.14737708285578]
["CaNaCili","2020","20",1789,73,41,11.6,475.6,207,9.00867662194819,"NO",0.0531914893617021,0.810482525862861,1.14737708285578]
["EsCapdella","2019","01",520,0,0,8.8,0,465,51.1935621651648,"YES",0.472222222222222,-0.819063254651311,-2.0230546575173]
["EsCapdella","2019","02",459,13,28,13.8,386.4,465,51.1935621651648,"YES",0.472222222222222,-0.819063254651311,-2.0230546575173]
["EsCapdella","2019","03",408,17,42,10,420,465,51.1935621651648,"YES",0.472222222222222,-0.819063254651311,-2.0230546575173]
["EsCapdella","2019","04",1875,13,7,13.2,92.4,465,51.1935621651648,"YES",0.472222222222222,-0.819063254651311,-2.0230546575173]
["EsCapdella","2019","05",352,28,80,10,800,465,51.1935621651648,"YES",0.472222222222222,-0.819063254651311,-2.0230546575173]
["EsCapdella","2019","07",603,25,41,12.8,524.8,465,51.1935621651648,"YES",0.472222222222222,-0.819063254651311,-2.0230546575173]
["EsCapdella","2019","08",1294,10,8,11.2,89.6,465,51.1935621651648,"YES",0.472222222222222,-0.819063254651311,-2.0230546575173]
["EsCapdella","2019","09",711,35,49,12.6,617.4,465,51.1935621651648,"YES",0.472222222222222,-0.819063254651311,-2.0230546575173]
["EsCapdella","2019","10",825,3,4,12.6,50.4,465,51.1935621651648,"YES",0.472222222222222,-0.819063254651311,-2.0230546575173]
["EsCapdella","2019","11",378,12,32,12.2,390.4,465,51.1935621651648,"YES",0.472222222222222,-0.819063254651311,-2.0230546575173]
["EsCapdella","2019","12",747,25,33,12.6,415.8,465,51.1935621651648,"YES",0.472222222222222,-0.819063254651311,-2.0230546575173]
["EsCapdella","2019","13",718,36,50,9.8,490,465,51.1935621651648,"YES",0.472222222222222,-0.819063254651311,-2.0230546575173]
["EsCapdella","2019","14",584,13,22,11,242,465,51.1935621651648,"YES",0.472222222222222,-0.819063254651311,-2.0230546575173]
["EsCapdella","2019","15",2295,94,41,11,451,465,51.1935621651648,"YES",0.472222222222222,-0.819063254651311,-2.0230546575173]
["EsCapdella","2019","16",2293,99,43,10.8,464.4,465,51.1935621651648,"YES",0.472222222222222,-0.819063254651311,-2.0230546575173]
["EsCapdella","2019","17",535,12,22,12.2,268.4,465,51.1935621651648,"YES",0.472222222222222,-0.819063254651311,-2.0230546575173]
["EsCapdella","2019","18",552,16,29,10.4,301.6,465,51.1935621651648,"YES",0.472222222222222,-0.819063254651311,-2.0230546575173]
["EsCapdella","2019","19",465,2,4,12.4,49.6,465,51.1935621651648,"YES",0.472222222222222,-0.819063254651311,-2.0230546575173]
["EsCapdella","2019","20",1277,29,23,12.8,294.4,465,51.1935621651648,"YES",0.472222222222222,-0.819063254651311,-2.0230546575173]
["EsCapdella","2020","01",1310,8,6,9.4,56.4,227,51.1935621651648,"YES",0.472222222222222,0.0139678118508573,1.15775916198551]
["EsCapdella","2020","02",790,8,10,11.2,112,227,51.1935621651648,"YES",0.472222222222222,0.0139678118508573,1.15775916198551]
["EsCapdella","2020","03",981,5,5,6.4,32,227,51.1935621651648,"YES",0.472222222222222,0.0139678118508573,1.15775916198551]
["EsCapdella","2020","04",764,5,7,13,91,227,51.1935621651648,"YES",0.472222222222222,0.0139678118508573,1.15775916198551]
["EsCapdella","2020","05",3156,39,12,8.2,98.4,227,51.1935621651648,"YES",0.472222222222222,0.0139678118508573,1.15775916198551]
["EsCapdella","2020","06",1260,23,18,6.8,122.4,227,51.1935621651648,"YES",0.472222222222222,0.0139678118508573,1.15775916198551]
["EsCapdella","2020","07",640,9,14,13,182,227,51.1935621651648,"YES",0.472222222222222,0.0139678118508573,1.15775916198551]
["EsCapdella","2020","08",479,6,13,11,143,227,51.1935621651648,"YES",0.472222222222222,0.0139678118508573,1.15775916198551]
["EsCapdella","2020","09",1782,73,41,12.8,524.8,227,51.1935621651648,"YES",0.472222222222222,0.0139678118508573,1.15775916198551]
["EsCapdella","2020","12",1190,14,12,10.2,122.4,227,51.1935621651648,"YES",0.472222222222222,0.0139678118508573,1.15775916198551]
["EsCapdella","2020","13",840,35,42,8.8,369.6,227,51.1935621651648,"YES",0.472222222222222,0.0139678118508573,1.15775916198551]
["EsCapdella","2020","14",880,5,6,8.2,49.2,227,51.1935621651648,"YES",0.472222222222222,0.0139678118508573,1.15775916198551]
["EsCapdella","2020","15",1306,49,38,7.4,281.2,227,51.1935621651648,"YES",0.472222222222222,0.0139678118508573,1.15775916198551]
["EsCapdella","2020","16",1220,35,29,8.2,237.8,227,51.1935621651648,"YES",0.472222222222222,0.0139678118508573,1.15775916198551]
["EsCapdella","2020","17",1129,18,16,11.6,185.6,227,51.1935621651648,"YES",0.472222222222222,0.0139678118508573,1.15775916198551]
["EsCapdella","2020","18",935,35,37,10,370,227,51.1935621651648,"YES",0.472222222222222,0.0139678118508573,1.15775916198551]
["EsCapdella","2020","19",720,20,28,12,336,227,51.1935621651648,"YES",0.472222222222222,0.0139678118508573,1.15775916198551]
["EsCapdella","2020","20",622,21,34,11.2,380.8,227,51.1935621651648,"YES",0.472222222222222,0.0139678118508573,1.15775916198551]
["Felanitx01","2019","01",581,12,21,5.6,117.6,140,38.3907348925167,"NO",0.027027027027027,-1.94770021462449,6.70041259461979]
["Felanitx01","2019","02",1496,56,37,12.8,473.6,140,38.3907348925167,"NO",0.027027027027027,-1.94770021462449,6.70041259461979]
["Felanitx01","2019","03",499,22,44,9.8,431.2,140,38.3907348925167,"NO",0.027027027027027,-1.94770021462449,6.70041259461979]
["Felanitx01","2019","04",1080,37,34,11,374,140,38.3907348925167,"NO",0.027027027027027,-1.94770021462449,6.70041259461979]
["Felanitx01","2019","05",493,24,49,11.8,578.2,140,38.3907348925167,"NO",0.027027027027027,-1.94770021462449,6.70041259461979]
["Felanitx01","2019","06",619,26,42,11.4,478.8,140,38.3907348925167,"NO",0.027027027027027,-1.94770021462449,6.70041259461979]
["Felanitx01","2019","07",779,46,59,8,472,140,38.3907348925167,"NO",0.027027027027027,-1.94770021462449,6.70041259461979]
["Felanitx01","2019","08",678,25,37,7.8,288.6,140,38.3907348925167,"NO",0.027027027027027,-1.94770021462449,6.70041259461979]
["Felanitx01","2019","09",1262,3,2,6.4,12.8,140,38.3907348925167,"NO",0.027027027027027,-1.94770021462449,6.70041259461979]
["Felanitx01","2019","10",1699,56,33,9,297,140,38.3907348925167,"NO",0.027027027027027,-1.94770021462449,6.70041259461979]
["Felanitx01","2019","11",900,23,26,9.2,239.2,140,38.3907348925167,"NO",0.027027027027027,-1.94770021462449,6.70041259461979]
["Felanitx01","2019","12",442,13,29,12,348,140,38.3907348925167,"NO",0.027027027027027,-1.94770021462449,6.70041259461979]
["Felanitx01","2019","13",1061,50,47,11,517,140,38.3907348925167,"NO",0.027027027027027,-1.94770021462449,6.70041259461979]
["Felanitx01","2019","14",1850,93,50,11.8,590,140,38.3907348925167,"NO",0.027027027027027,-1.94770021462449,6.70041259461979]
["Felanitx01","2019","15",1104,43,39,12.4,483.6,140,38.3907348925167,"NO",0.027027027027027,-1.94770021462449,6.70041259461979]
["Felanitx01","2019","16",1455,63,43,10.4,447.2,140,38.3907348925167,"NO",0.027027027027027,-1.94770021462449,6.70041259461979]
["Felanitx01","2019","17",597,61,102,10.4,1060.8,140,38.3907348925167,"NO",0.027027027027027,-1.94770021462449,6.70041259461979]
["Felanitx01","2019","18",957,52,54,11.6,626.4,140,38.3907348925167,"NO",0.027027027027027,-1.94770021462449,6.70041259461979]
["Felanitx01","2019","19",406,29,71,10,710,140,38.3907348925167,"NO",0.027027027027027,-1.94770021462449,6.70041259461979]
["Felanitx01","2019","20",1931,44,23,11.8,271.4,140,38.3907348925167,"NO",0.027027027027027,-1.94770021462449,6.70041259461979]
["Felanitx01","2020","01",2584,51,20,9.25,185,158,38.3907348925167,"NO",0.027027027027027,-1.43440846999269,5.09987595264273]
["Felanitx01","2020","02",2613,35,13,12,156,158,38.3907348925167,"NO",0.027027027027027,-1.43440846999269,5.09987595264273]
["Felanitx01","2020","03",1368,20,15,10.6,159,158,38.3907348925167,"NO",0.027027027027027,-1.43440846999269,5.09987595264273]
["Felanitx01","2020","04",905,5,6,10.4,62.4,158,38.3907348925167,"NO",0.027027027027027,-1.43440846999269,5.09987595264273]
["Felanitx01","2020","05",1334,3,2,8.8,17.6,158,38.3907348925167,"NO",0.027027027027027,-1.43440846999269,5.09987595264273]
["Felanitx01","2020","06",612,13,21,9.4,197.4,158,38.3907348925167,"NO",0.027027027027027,-1.43440846999269,5.09987595264273]
["Felanitx01","2020","07",991,8,8,10.6,84.8,158,38.3907348925167,"NO",0.027027027027027,-1.43440846999269,5.09987595264273]
["Felanitx01","2020","08",581,17,29,10,290,158,38.3907348925167,"NO",0.027027027027027,-1.43440846999269,5.09987595264273]
["Felanitx01","2020","10",759,12,16,6.8,108.8,158,38.3907348925167,"NO",0.027027027027027,-1.43440846999269,5.09987595264273]
["Felanitx01","2020","12",2013,22,11,10.8,118.8,158,38.3907348925167,"NO",0.027027027027027,-1.43440846999269,5.09987595264273]
["Felanitx01","2020","13",1411,13,9,10.8,97.2,158,38.3907348925167,"NO",0.027027027027027,-1.43440846999269,5.09987595264273]
["Felanitx01","2020","14",640,15,23,10.2,234.6,158,38.3907348925167,"NO",0.027027027027027,-1.43440846999269,5.09987595264273]
["Felanitx01","2020","15",1458,28,19,11.6,220.4,158,38.3907348925167,"NO",0.027027027027027,-1.43440846999269,5.09987595264273]
["Felanitx01","2020","16",1224,11,9,12,108,158,38.3907348925167,"NO",0.027027027027027,-1.43440846999269,5.09987595264273]
["Felanitx01","2020","17",562,6,11,8,88,158,38.3907348925167,"NO",0.027027027027027,-1.43440846999269,5.09987595264273]
["Felanitx01","2020","18",1037,22,21,12,252,158,38.3907348925167,"NO",0.027027027027027,-1.43440846999269,5.09987595264273]
["Felanitx01","2020","19",1334,10,7,9,63,158,38.3907348925167,"NO",0.027027027027027,-1.43440846999269,5.09987595264273]
["Felanitx01","2020","20",759,29,38,11.2,425.6,158,38.3907348925167,"NO",0.027027027027027,-1.43440846999269,5.09987595264273]
["Felanitx02","2019","01",511,20,39,8.8,343.2,62,36.628340593562,"NO",0.0222222222222222,-2.33610222259273,5.53209406093688]
["Felanitx02","2019","02",198,13,66,7.2,475.2,62,36.628340593562,"NO",0.0222222222222222,-2.33610222259273,5.53209406093688]
["Felanitx02","2019","03",730,20,27,10,270,62,36.628340593562,"NO",0.0222222222222222,-2.33610222259273,5.53209406093688]
["Felanitx02","2019","04",2173,99,46,9.6,441.6,62,36.628340593562,"NO",0.0222222222222222,-2.33610222259273,5.53209406093688]
["Felanitx02","2019","05",227,5,22,9.8,215.6,62,36.628340593562,"NO",0.0222222222222222,-2.33610222259273,5.53209406093688]
["Felanitx02","2019","06",1154,95,82,9.4,770.8,62,36.628340593562,"NO",0.0222222222222222,-2.33610222259273,5.53209406093688]
["Felanitx02","2019","07",515,27,52,9.2,478.4,62,36.628340593562,"NO",0.0222222222222222,-2.33610222259273,5.53209406093688]
["Felanitx02","2019","08",695,47,68,10.2,693.6,62,36.628340593562,"NO",0.0222222222222222,-2.33610222259273,5.53209406093688]
["Felanitx02","2019","09",206,3,15,8.2,123,62,36.628340593562,"NO",0.0222222222222222,-2.33610222259273,5.53209406093688]
["Felanitx02","2019","10",320,10,31,10.2,316.2,62,36.628340593562,"NO",0.0222222222222222,-2.33610222259273,5.53209406093688]
["Felanitx02","2019","11",374,14,37,8.4,310.8,62,36.628340593562,"NO",0.0222222222222222,-2.33610222259273,5.53209406093688]
["Felanitx02","2019","12",218,24,110,7.8,858,62,36.628340593562,"NO",0.0222222222222222,-2.33610222259273,5.53209406093688]
["Felanitx02","2019","14",648,13,20,12.2,244,62,36.628340593562,"NO",0.0222222222222222,-2.33610222259273,5.53209406093688]
["Felanitx02","2019","15",196,5,26,10.6,275.6,62,36.628340593562,"NO",0.0222222222222222,-2.33610222259273,5.53209406093688]
["Felanitx02","2019","16",442,15,34,9.6,326.4,62,36.628340593562,"NO",0.0222222222222222,-2.33610222259273,5.53209406093688]
["Felanitx02","2019","17",710,12,17,6.6,112.2,62,36.628340593562,"NO",0.0222222222222222,-2.33610222259273,5.53209406093688]
["Felanitx02","2019","18",616,27,44,9.6,422.4,62,36.628340593562,"NO",0.0222222222222222,-2.33610222259273,5.53209406093688]
["Felanitx02","2019","19",1279,35,27,8.4,226.8,62,36.628340593562,"NO",0.0222222222222222,-2.33610222259273,5.53209406093688]
["Felanitx02","2019","20",185,12,65,11.4,741,62,36.628340593562,"NO",0.0222222222222222,-2.33610222259273,5.53209406093688]
["Felanitx02","2020","01",1048,18,17,9.83333333333333,167.166666666667,57,36.628340593562,"NO",0.0222222222222222,-1.44645137973495,5.98832076207951]
["Felanitx02","2020","02",1133,32,28,10.4,291.2,57,36.628340593562,"NO",0.0222222222222222,-1.44645137973495,5.98832076207951]
["Felanitx02","2020","03",451,12,27,4.8,129.6,57,36.628340593562,"NO",0.0222222222222222,-1.44645137973495,5.98832076207951]
["Felanitx02","2020","04",1538,41,27,10.4,280.8,57,36.628340593562,"NO",0.0222222222222222,-1.44645137973495,5.98832076207951]
["Felanitx02","2020","05",1415,10,7,8.4,58.8,57,36.628340593562,"NO",0.0222222222222222,-1.44645137973495,5.98832076207951]
["Felanitx02","2020","06",449,19,42,9.4,394.8,57,36.628340593562,"NO",0.0222222222222222,-1.44645137973495,5.98832076207951]
["Felanitx02","2020","07",1209,31,26,8.8,228.8,57,36.628340593562,"NO",0.0222222222222222,-1.44645137973495,5.98832076207951]
["Felanitx02","2020","08",704,28,40,7.6,304,57,36.628340593562,"NO",0.0222222222222222,-1.44645137973495,5.98832076207951]
["Felanitx02","2020","09",852,13,15,7.2,108,57,36.628340593562,"NO",0.0222222222222222,-1.44645137973495,5.98832076207951]
["Felanitx02","2020","10",1101,10,9,7.8,70.2,57,36.628340593562,"NO",0.0222222222222222,-1.44645137973495,5.98832076207951]
["Felanitx02","2020","11",680,30,44,8.2,360.8,57,36.628340593562,"NO",0.0222222222222222,-1.44645137973495,5.98832076207951]
["Felanitx02","2020","12",950,28,29,10.2,295.8,57,36.628340593562,"NO",0.0222222222222222,-1.44645137973495,5.98832076207951]
["Felanitx02","2020","13",1600,25,16,8.4,134.4,57,36.628340593562,"NO",0.0222222222222222,-1.44645137973495,5.98832076207951]
["Felanitx02","2020","14",819,25,31,12.2,378.2,57,36.628340593562,"NO",0.0222222222222222,-1.44645137973495,5.98832076207951]
["Felanitx02","2020","15",1181,13,11,11.4,125.4,57,36.628340593562,"NO",0.0222222222222222,-1.44645137973495,5.98832076207951]
["Felanitx02","2020","16",1330,9,7,8.4,58.8,57,36.628340593562,"NO",0.0222222222222222,-1.44645137973495,5.98832076207951]
["Felanitx02","2020","17",1322,13,10,10.8,108,57,36.628340593562,"NO",0.0222222222222222,-1.44645137973495,5.98832076207951]
["Felanitx02","2020","18",672,7,10,7.4,74,57,36.628340593562,"NO",0.0222222222222222,-1.44645137973495,5.98832076207951]
["Felanitx02","2020","20",1094,24,22,8,176,57,36.628340593562,"NO",0.0222222222222222,-1.44645137973495,5.98832076207951]
["Llucmajor","2019","01",902,6,7,14.8,103.6,173,14.262445911554,"YES",0.0294117647058824,-0.895377456482934,2.52296427308658]
["Llucmajor","2019","02",351,13,37,13.6,503.2,173,14.262445911554,"YES",0.0294117647058824,-0.895377456482934,2.52296427308658]
["Llucmajor","2019","04",482,11,23,11.2,257.6,173,14.262445911554,"YES",0.0294117647058824,-0.895377456482934,2.52296427308658]
["Llucmajor","2019","05",499,12,24,9.6,230.4,173,14.262445911554,"YES",0.0294117647058824,-0.895377456482934,2.52296427308658]
["Llucmajor","2019","06",420,33,79,12.8,1011.2,173,14.262445911554,"YES",0.0294117647058824,-0.895377456482934,2.52296427308658]
["Llucmajor","2019","07",148,0,0,9.66666666666667,0,173,14.262445911554,"YES",0.0294117647058824,-0.895377456482934,2.52296427308658]
["Llucmajor","2019","09",317,5,16,6.4,102.4,173,14.262445911554,"YES",0.0294117647058824,-0.895377456482934,2.52296427308658]
["Llucmajor","2019","10",914,5,5,13.6,68,173,14.262445911554,"YES",0.0294117647058824,-0.895377456482934,2.52296427308658]
["Llucmajor","2019","11",504,4,8,11.8,94.4,173,14.262445911554,"YES",0.0294117647058824,-0.895377456482934,2.52296427308658]
["Llucmajor","2019","12",613,19,31,11,341,173,14.262445911554,"YES",0.0294117647058824,-0.895377456482934,2.52296427308658]
["Llucmajor","2019","13",796,13,16,11.2,179.2,173,14.262445911554,"YES",0.0294117647058824,-0.895377456482934,2.52296427308658]
["Llucmajor","2019","14",570,10,18,12,216,173,14.262445911554,"YES",0.0294117647058824,-0.895377456482934,2.52296427308658]
["Llucmajor","2019","15",720,13,18,11.2,201.6,173,14.262445911554,"YES",0.0294117647058824,-0.895377456482934,2.52296427308658]
["Llucmajor","2019","16",435,33,76,12.2,927.2,173,14.262445911554,"YES",0.0294117647058824,-0.895377456482934,2.52296427308658]
["Llucmajor","2019","17",666,25,38,9.2,349.6,173,14.262445911554,"YES",0.0294117647058824,-0.895377456482934,2.52296427308658]
["Llucmajor","2019","18",665,32,48,10.8,518.4,173,14.262445911554,"YES",0.0294117647058824,-0.895377456482934,2.52296427308658]
["Llucmajor","2019","19",396,3,8,11,88,173,14.262445911554,"YES",0.0294117647058824,-0.895377456482934,2.52296427308658]
["Llucmajor","2019","20",500,5,10,12.2,122,173,14.262445911554,"YES",0.0294117647058824,-0.895377456482934,2.52296427308658]
["Llucmajor","2020","01",2283,51,22,12.6,277.2,296,14.262445911554,"YES",0.0294117647058824,1.33614158681956,-0.480439397748695]
["Llucmajor","2020","02",1120,5,4,9.4,37.6,296,14.262445911554,"YES",0.0294117647058824,1.33614158681956,-0.480439397748695]
["Llucmajor","2020","03",1090,18,17,11.8,200.6,296,14.262445911554,"YES",0.0294117647058824,1.33614158681956,-0.480439397748695]
["Llucmajor","2020","04",1292,45,35,11.8,413,296,14.262445911554,"YES",0.0294117647058824,1.33614158681956,-0.480439397748695]
["Llucmajor","2020","05",1708,40,23,8.8,202.4,296,14.262445911554,"YES",0.0294117647058824,1.33614158681956,-0.480439397748695]
["Llucmajor","2020","06",1154,38,33,8.6,283.8,296,14.262445911554,"YES",0.0294117647058824,1.33614158681956,-0.480439397748695]
["Llucmajor","2020","07",1244,43,35,10.8,378,296,14.262445911554,"YES",0.0294117647058824,1.33614158681956,-0.480439397748695]
["Llucmajor","2020","08",752,35,47,5.4,253.8,296,14.262445911554,"YES",0.0294117647058824,1.33614158681956,-0.480439397748695]
["Llucmajor","2020","09",720,8,11,8.4,92.4,296,14.262445911554,"YES",0.0294117647058824,1.33614158681956,-0.480439397748695]
["Llucmajor","2020","11",2544,50,20,8.6,172,296,14.262445911554,"YES",0.0294117647058824,1.33614158681956,-0.480439397748695]
["Llucmajor","2020","12",629,15,24,7.4,177.6,296,14.262445911554,"YES",0.0294117647058824,1.33614158681956,-0.480439397748695]
["Llucmajor","2020","13",1107,18,16,10.6,169.6,296,14.262445911554,"YES",0.0294117647058824,1.33614158681956,-0.480439397748695]
["Llucmajor","2020","14",2393,7,3,11.4,34.2,296,14.262445911554,"YES",0.0294117647058824,1.33614158681956,-0.480439397748695]
["Llucmajor","2020","15",846,35,41,11.4,467.4,296,14.262445911554,"YES",0.0294117647058824,1.33614158681956,-0.480439397748695]
["Llucmajor","2020","16",1214,57,47,12,564,296,14.262445911554,"YES",0.0294117647058824,1.33614158681956,-0.480439397748695]
["Llucmajor","2020","17",942,49,52,9,468,296,14.262445911554,"YES",0.0294117647058824,1.33614158681956,-0.480439397748695]
["Llucmajor","2020","18",1113,24,22,11.8,259.6,296,14.262445911554,"YES",0.0294117647058824,1.33614158681956,-0.480439397748695]
["Llucmajor","2020","19",800,5,6,10.8,64.8,296,14.262445911554,"YES",0.0294117647058824,1.33614158681956,-0.480439397748695]
["Llucmajor","2020","20",511,25,49,10.8,529.2,296,14.262445911554,"YES",0.0294117647058824,1.33614158681956,-0.480439397748695]
["Raixa","2019","05",593,21,35,9.4,329,110,16.2457038982755,"NO",0.108695652173913,-1.37633017153532,0.201695217253314]
["Raixa","2019","06",1334,25,19,10.6,201.4,110,16.2457038982755,"NO",0.108695652173913,-1.37633017153532,0.201695217253314]
["Raixa","2019","07",1010,12,12,8.4,100.8,110,16.2457038982755,"NO",0.108695652173913,-1.37633017153532,0.201695217253314]
["Raixa","2019","08",835,21,25,12.8,320,110,16.2457038982755,"NO",0.108695652173913,-1.37633017153532,0.201695217253314]
["Raixa","2019","11",568,18,32,12.4,396.8,110,16.2457038982755,"NO",0.108695652173913,-1.37633017153532,0.201695217253314]
["Raixa","2019","13",1487,60,40,11.8,472,110,16.2457038982755,"NO",0.108695652173913,-1.37633017153532,0.201695217253314]
["Raixa","2019","14",714,44,62,8.8,545.6,110,16.2457038982755,"NO",0.108695652173913,-1.37633017153532,0.201695217253314]
["Raixa","2019","20",1208,15,12,13,156,110,16.2457038982755,"NO",0.108695652173913,-1.37633017153532,0.201695217253314]
["Raixa","2020","01",959,9,9,12,108,149,16.2457038982755,"NO",0.108695652173913,0.428182267605708,1.67507200146939]
["Raixa","2020","02",871,5,6,12,72,149,16.2457038982755,"NO",0.108695652173913,0.428182267605708,1.67507200146939]
["Raixa","2020","15",1081,26,24,11,264,149,16.2457038982755,"NO",0.108695652173913,0.428182267605708,1.67507200146939]
["Raixa","2020","18",484,11,23,12,276,149,16.2457038982755,"NO",0.108695652173913,0.428182267605708,1.67507200146939]
["Raixa","2020","19",704,5,7,11.2,78.4,149,16.2457038982755,"NO",0.108695652173913,0.428182267605708,1.67507200146939]
["Raixa","2020","20",1196,20,17,11.6,197.2,149,16.2457038982755,"NO",0.108695652173913,0.428182267605708,1.67507200146939]
["sArraco","2019","02",428,32,75,9.8,735,151,57.937904710678,"NO",0.266666666666667,-0.542649264157621,2.41089258388963]
["sArraco","2019","03",259,11,42,11.6,487.2,151,57.937904710678,"NO",0.266666666666667,-0.542649264157621,2.41089258388963]
["sArraco","2019","04",452,8,18,10.2,183.6,151,57.937904710678,"NO",0.266666666666667,-0.542649264157621,2.41089258388963]
["sArraco","2019","05",1421,24,17,9.4,159.8,151,57.937904710678,"NO",0.266666666666667,-0.542649264157621,2.41089258388963]
["sArraco","2019","06",1153,73,63,9.2,579.6,151,57.937904710678,"NO",0.266666666666667,-0.542649264157621,2.41089258388963]
["sArraco","2019","07",167,2,12,9.4,112.8,151,57.937904710678,"NO",0.266666666666667,-0.542649264157621,2.41089258388963]
["sArraco","2019","08",283,28,99,12.8,1267.2,151,57.937904710678,"NO",0.266666666666667,-0.542649264157621,2.41089258388963]
["sArraco","2019","09",1770,44,25,5.8,145,151,57.937904710678,"NO",0.266666666666667,-0.542649264157621,2.41089258388963]
["sArraco","2019","11",644,3,5,11.2,56,151,57.937904710678,"NO",0.266666666666667,-0.542649264157621,2.41089258388963]
["sArraco","2019","12",470,23,49,10.4,509.6,151,57.937904710678,"NO",0.266666666666667,-0.542649264157621,2.41089258388963]
["sArraco","2019","13",3120,49,16,13.4,214.4,151,57.937904710678,"NO",0.266666666666667,-0.542649264157621,2.41089258388963]
["sArraco","2019","14",1079,39,36,9.2,331.2,151,57.937904710678,"NO",0.266666666666667,-0.542649264157621,2.41089258388963]
["sArraco","2019","15",1221,49,40,12.8,512,151,57.937904710678,"NO",0.266666666666667,-0.542649264157621,2.41089258388963]
["sArraco","2019","16",594,13,22,6.8,149.6,151,57.937904710678,"NO",0.266666666666667,-0.542649264157621,2.41089258388963]
["sArraco","2019","17",405,13,32,9.6,307.2,151,57.937904710678,"NO",0.266666666666667,-0.542649264157621,2.41089258388963]
["sArraco","2019","18",548,94,172,9.8,1685.6,151,57.937904710678,"NO",0.266666666666667,-0.542649264157621,2.41089258388963]
["sArraco","2019","19",378,13,34,8,272,151,57.937904710678,"NO",0.266666666666667,-0.542649264157621,2.41089258388963]
["sArraco","2019","20",549,61,111,11.8,1309.8,151,57.937904710678,"NO",0.266666666666667,-0.542649264157621,2.41089258388963]
["sArraco","2020","01",1381,27,20,11.4,228,197,57.937904710678,"NO",0.266666666666667,-0.953438423451413,3.63539086075049]
["sArraco","2020","02",1095,52,47,11.6,545.2,197,57.937904710678,"NO",0.266666666666667,-0.953438423451413,3.63539086075049]
["sArraco","2020","03",710,26,37,9.2,340.4,197,57.937904710678,"NO",0.266666666666667,-0.953438423451413,3.63539086075049]
["sArraco","2020","04",462,14,30,9,270,197,57.937904710678,"NO",0.266666666666667,-0.953438423451413,3.63539086075049]
["sArraco","2020","05",468,28,60,10,600,197,57.937904710678,"NO",0.266666666666667,-0.953438423451413,3.63539086075049]
["sArraco","2020","06",1050,34,32,4.8,153.6,197,57.937904710678,"NO",0.266666666666667,-0.953438423451413,3.63539086075049]
["sArraco","2020","07",770,25,32,6.4,204.8,197,57.937904710678,"NO",0.266666666666667,-0.953438423451413,3.63539086075049]
["sArraco","2020","08",667,22,33,9.2,303.6,197,57.937904710678,"NO",0.266666666666667,-0.953438423451413,3.63539086075049]
["sArraco","2020","10",1166,23,20,8.6,172,197,57.937904710678,"NO",0.266666666666667,-0.953438423451413,3.63539086075049]
["sArraco","2020","11",1092,19,17,11,187,197,57.937904710678,"NO",0.266666666666667,-0.953438423451413,3.63539086075049]
["sArraco","2020","12",544,21,39,4.6,179.4,197,57.937904710678,"NO",0.266666666666667,-0.953438423451413,3.63539086075049]
["sArraco","2020","13",997,30,30,11.2,336,197,57.937904710678,"NO",0.266666666666667,-0.953438423451413,3.63539086075049]
["sArraco","2020","14",1559,79,51,6.4,326.4,197,57.937904710678,"NO",0.266666666666667,-0.953438423451413,3.63539086075049]
["sArraco","2020","15",2715,40,15,11.8,177,197,57.937904710678,"NO",0.266666666666667,-0.953438423451413,3.63539086075049]
["sArraco","2020","16",1510,7,5,10.4,52,197,57.937904710678,"NO",0.266666666666667,-0.953438423451413,3.63539086075049]
["sArraco","2020","17",420,15,36,9.8,352.8,197,57.937904710678,"NO",0.266666666666667,-0.953438423451413,3.63539086075049]
["sArraco","2020","18",731,34,47,10.8,507.6,197,57.937904710678,"NO",0.266666666666667,-0.953438423451413,3.63539086075049]
["sArraco","2020","19",336,25,74,7,518,197,57.937904710678,"NO",0.266666666666667,-0.953438423451413,3.63539086075049]
["sArraco","2020","20",862,79,92,10.8,993.6,197,57.937904710678,"NO",0.266666666666667,-0.953438423451413,3.63539086075049]
["SesFigueres","2019","01",675,0,0,12,0,280,9.5852614818559,"NO",1.63380281690141,-1.22028902429453,-2.11539790883128]
["SesFigueres","2019","02",910,22,24,10.6,254.4,280,9.5852614818559,"NO",1.63380281690141,-1.22028902429453,-2.11539790883128]
["SesFigueres","2019","03",398,8,20,10,200,280,9.5852614818559,"NO",1.63380281690141,-1.22028902429453,-2.11539790883128]
["SesFigueres","2019","05",283,5,18,10.8,194.4,280,9.5852614818559,"NO",1.63380281690141,-1.22028902429453,-2.11539790883128]
["SesFigueres","2019","06",666,18,27,13.2,356.4,280,9.5852614818559,"NO",1.63380281690141,-1.22028902429453,-2.11539790883128]
["SesFigueres","2019","07",3856,2,1,6.8,6.8,280,9.5852614818559,"NO",1.63380281690141,-1.22028902429453,-2.11539790883128]
["SesFigueres","2019","08",966,4,4,9.2,36.8,280,9.5852614818559,"NO",1.63380281690141,-1.22028902429453,-2.11539790883128]
["SesFigueres","2019","09",1238,11,9,9.4,84.6,280,9.5852614818559,"NO",1.63380281690141,-1.22028902429453,-2.11539790883128]
["SesFigueres","2019","10",328,1,3,10,30,280,9.5852614818559,"NO",1.63380281690141,-1.22028902429453,-2.11539790883128]
["SesFigueres","2019","11",2799,1,0,10.6,0,280,9.5852614818559,"NO",1.63380281690141,-1.22028902429453,-2.11539790883128]
["SesFigueres","2019","13",706,3,4,10,40,280,9.5852614818559,"NO",1.63380281690141,-1.22028902429453,-2.11539790883128]
["SesFigueres","2019","14",550,4,7,8,56,280,9.5852614818559,"NO",1.63380281690141,-1.22028902429453,-2.11539790883128]
["SesFigueres","2019","15",516,0,0,7.6,0,280,9.5852614818559,"NO",1.63380281690141,-1.22028902429453,-2.11539790883128]
["SesFigueres","2019","16",1066,0,0,9.4,0,280,9.5852614818559,"NO",1.63380281690141,-1.22028902429453,-2.11539790883128]
["SesFigueres","2019","17",564,8,14,10.4,145.6,280,9.5852614818559,"NO",1.63380281690141,-1.22028902429453,-2.11539790883128]
["SesFigueres","2019","19",1218,18,15,12,180,280,9.5852614818559,"NO",1.63380281690141,-1.22028902429453,-2.11539790883128]
["SesFigueres","2019","20",904,0,0,8,0,280,9.5852614818559,"NO",1.63380281690141,-1.22028902429453,-2.11539790883128]
["SesFigueres","2020","01",915,4,4,12.2,48.8,554,9.5852614818559,"NO",1.63380281690141,1.74184282694561,-1.80820078407229]
["SesFigueres","2020","02",1395,19,14,12.2,170.8,554,9.5852614818559,"NO",1.63380281690141,1.74184282694561,-1.80820078407229]
["SesFigueres","2020","03",535,0,0,10.4,0,554,9.5852614818559,"NO",1.63380281690141,1.74184282694561,-1.80820078407229]
["SesFigueres","2020","04",338,9,27,13,351,554,9.5852614818559,"NO",1.63380281690141,1.74184282694561,-1.80820078407229]
["SesFigueres","2020","05",696,23,33,11.6,382.8,554,9.5852614818559,"NO",1.63380281690141,1.74184282694561,-1.80820078407229]
["SesFigueres","2020","06",924,7,8,13.4,107.2,554,9.5852614818559,"NO",1.63380281690141,1.74184282694561,-1.80820078407229]
["SesFigueres","2020","07",2049,3,1,6.6,6.6,554,9.5852614818559,"NO",1.63380281690141,1.74184282694561,-1.80820078407229]
["SesFigueres","2020","08",2162,52,24,12.6,302.4,554,9.5852614818559,"NO",1.63380281690141,1.74184282694561,-1.80820078407229]
["SesFigueres","2020","09",1832,0,0,7,0,554,9.5852614818559,"NO",1.63380281690141,1.74184282694561,-1.80820078407229]
["SesFigueres","2020","10",1331,18,14,11.4,159.6,554,9.5852614818559,"NO",1.63380281690141,1.74184282694561,-1.80820078407229]
["SesFigueres","2020","11",1285,9,7,12,84,554,9.5852614818559,"NO",1.63380281690141,1.74184282694561,-1.80820078407229]
["SesFigueres","2020","12",1588,10,6,8.4,50.4,554,9.5852614818559,"NO",1.63380281690141,1.74184282694561,-1.80820078407229]
["SesFigueres","2020","13",1915,24,13,9.4,122.2,554,9.5852614818559,"NO",1.63380281690141,1.74184282694561,-1.80820078407229]
["SesFigueres","2020","14",1001,0,0,12.2,0,554,9.5852614818559,"NO",1.63380281690141,1.74184282694561,-1.80820078407229]
["SesFigueres","2020","15",2120,32,15,10.4,156,554,9.5852614818559,"NO",1.63380281690141,1.74184282694561,-1.80820078407229]
["SesFigueres","2020","16",589,1,2,5.2,10.4,554,9.5852614818559,"NO",1.63380281690141,1.74184282694561,-1.80820078407229]
["SesFigueres","2020","17",1550,3,2,10,20,554,9.5852614818559,"NO",1.63380281690141,1.74184282694561,-1.80820078407229]
["SesFigueres","2020","18",3264,2,1,9.4,9.4,554,9.5852614818559,"NO",1.63380281690141,1.74184282694561,-1.80820078407229]
["SesFigueres","2020","19",1244,9,7,9,63,554,9.5852614818559,"NO",1.63380281690141,1.74184282694561,-1.80820078407229]
["SesFigueres","2020","20",2163,6,3,7.8,23.4,554,9.5852614818559,"NO",1.63380281690141,1.74184282694561,-1.80820078407229]
["SesSitges","2019","01",2294,36,16,14.8,236.8,127,9.07286232637676,"YES",0.05,-1.04003190004807,3.93098720836455]
["SesSitges","2019","02",426,29,68,11.4,775.2,127,9.07286232637676,"YES",0.05,-1.04003190004807,3.93098720836455]
["SesSitges","2019","03",367,18,49,12.2,597.8,127,9.07286232637676,"YES",0.05,-1.04003190004807,3.93098720836455]
["SesSitges","2019","04",532,24,45,12.4,558,127,9.07286232637676,"YES",0.05,-1.04003190004807,3.93098720836455]
["SesSitges","2019","05",526,22,42,12.8,537.6,127,9.07286232637676,"YES",0.05,-1.04003190004807,3.93098720836455]
["SesSitges","2019","06",1092,31,28,10.2,285.6,127,9.07286232637676,"YES",0.05,-1.04003190004807,3.93098720836455]
["SesSitges","2019","07",655,25,38,13,494,127,9.07286232637676,"YES",0.05,-1.04003190004807,3.93098720836455]
["SesSitges","2019","08",781,26,33,12,396,127,9.07286232637676,"YES",0.05,-1.04003190004807,3.93098720836455]
["SesSitges","2019","09",243,14,58,11.2,649.6,127,9.07286232637676,"YES",0.05,-1.04003190004807,3.93098720836455]
["SesSitges","2019","10",416,7,17,12,204,127,9.07286232637676,"YES",0.05,-1.04003190004807,3.93098720836455]
["SesSitges","2019","12",347,11,32,13,416,127,9.07286232637676,"YES",0.05,-1.04003190004807,3.93098720836455]
["SesSitges","2019","13",462,12,26,12.8,332.8,127,9.07286232637676,"YES",0.05,-1.04003190004807,3.93098720836455]
["SesSitges","2019","14",696,12,17,13.2,224.4,127,9.07286232637676,"YES",0.05,-1.04003190004807,3.93098720836455]
["SesSitges","2019","15",483,38,79,12,948,127,9.07286232637676,"YES",0.05,-1.04003190004807,3.93098720836455]
["SesSitges","2019","16",414,7,17,10.2,173.4,127,9.07286232637676,"YES",0.05,-1.04003190004807,3.93098720836455]
["SesSitges","2019","18",850,13,15,14.8,222,127,9.07286232637676,"YES",0.05,-1.04003190004807,3.93098720836455]
["SesSitges","2019","19",229,12,52,12.4,644.8,127,9.07286232637676,"YES",0.05,-1.04003190004807,3.93098720836455]
["SesSitges","2020","05",1368,56,41,11.2,459.2,170,9.07286232637676,"YES",0.05,0.417666254981474,0.774640810489251]
["SesVinyotes","2019","02",754,4,5,12,60,402,28.2430819754971,"YES",0.0227272727272727,1.07490579887191,0.444706084095228]
["SesVinyotes","2019","03",928,11,12,15,180,402,28.2430819754971,"YES",0.0227272727272727,1.07490579887191,0.444706084095228]
["SesVinyotes","2019","04",437,1,2,11.2,22.4,402,28.2430819754971,"YES",0.0227272727272727,1.07490579887191,0.444706084095228]
["SesVinyotes","2019","05",356,7,20,11,220,402,28.2430819754971,"YES",0.0227272727272727,1.07490579887191,0.444706084095228]
["SesVinyotes","2019","06",634,9,14,13,182,402,28.2430819754971,"YES",0.0227272727272727,1.07490579887191,0.444706084095228]
["SesVinyotes","2019","08",574,7,12,13.6,163.2,402,28.2430819754971,"YES",0.0227272727272727,1.07490579887191,0.444706084095228]
["SesVinyotes","2019","10",1245,15,12,13.4,160.8,402,28.2430819754971,"YES",0.0227272727272727,1.07490579887191,0.444706084095228]
["SesVinyotes","2019","11",1063,11,10,13.6,136,402,28.2430819754971,"YES",0.0227272727272727,1.07490579887191,0.444706084095228]
["SesVinyotes","2019","12",1034,10,10,12.2,122,402,28.2430819754971,"YES",0.0227272727272727,1.07490579887191,0.444706084095228]
["SesVinyotes","2019","13",936,8,9,11.6,104.4,402,28.2430819754971,"YES",0.0227272727272727,1.07490579887191,0.444706084095228]
["SesVinyotes","2019","15",1015,7,7,12.8,89.6,402,28.2430819754971,"YES",0.0227272727272727,1.07490579887191,0.444706084095228]
["SesVinyotes","2019","17",1921,40,21,11.4,239.4,402,28.2430819754971,"YES",0.0227272727272727,1.07490579887191,0.444706084095228]
["SesVinyotes","2020","01",750,5,7,11.6,81.2,197,28.2430819754971,"YES",0.0227272727272727,0.075765733569186,1.97172245290719]
["SesVinyotes","2020","02",640,0,0,13,0,197,28.2430819754971,"YES",0.0227272727272727,0.075765733569186,1.97172245290719]
["SesVinyotes","2020","03",607,7,12,12.8,153.6,197,28.2430819754971,"YES",0.0227272727272727,0.075765733569186,1.97172245290719]
["SesVinyotes","2020","04",512,14,27,10.6,286.2,197,28.2430819754971,"YES",0.0227272727272727,0.075765733569186,1.97172245290719]
["SesVinyotes","2020","05",889,7,8,13.8,110.4,197,28.2430819754971,"YES",0.0227272727272727,0.075765733569186,1.97172245290719]
["SesVinyotes","2020","06",1380,28,20,11.4,228,197,28.2430819754971,"YES",0.0227272727272727,0.075765733569186,1.97172245290719]
["SesVinyotes","2020","07",1512,10,7,11.6,81.2,197,28.2430819754971,"YES",0.0227272727272727,0.075765733569186,1.97172245290719]
["SesVinyotes","2020","08",749,2,3,12,36,197,28.2430819754971,"YES",0.0227272727272727,0.075765733569186,1.97172245290719]
["SesVinyotes","2020","09",648,12,19,10.2,193.8,197,28.2430819754971,"YES",0.0227272727272727,0.075765733569186,1.97172245290719]
["SesVinyotes","2020","10",759,26,34,9.4,319.6,197,28.2430819754971,"YES",0.0227272727272727,0.075765733569186,1.97172245290719]
["SesVinyotes","2020","11",599,8,13,12.2,158.6,197,28.2430819754971,"YES",0.0227272727272727,0.075765733569186,1.97172245290719]
["SesVinyotes","2020","12",1184,14,12,12.2,146.4,197,28.2430819754971,"YES",0.0227272727272727,0.075765733569186,1.97172245290719]
["SesVinyotes","2020","13",707,18,25,9.6,240,197,28.2430819754971,"YES",0.0227272727272727,0.075765733569186,1.97172245290719]
["SesVinyotes","2020","14",562,33,59,8.6,507.4,197,28.2430819754971,"YES",0.0227272727272727,0.075765733569186,1.97172245290719]
["SesVinyotes","2020","15",831,6,7,12.6,88.2,197,28.2430819754971,"YES",0.0227272727272727,0.075765733569186,1.97172245290719]
["SesVinyotes","2020","16",589,8,14,10.2,142.8,197,28.2430819754971,"YES",0.0227272727272727,0.075765733569186,1.97172245290719]
["SesVinyotes","2020","17",798,8,10,11.2,112,197,28.2430819754971,"YES",0.0227272727272727,0.075765733569186,1.97172245290719]
["SesVinyotes","2020","18",903,28,31,13,403,197,28.2430819754971,"YES",0.0227272727272727,0.075765733569186,1.97172245290719]
["SesVinyotes","2020","19",262,3,11,11,121,197,28.2430819754971,"YES",0.0227272727272727,0.075765733569186,1.97172245290719]
["SesVinyotes","2020","20",752,11,15,11.6,174,197,28.2430819754971,"YES",0.0227272727272727,0.075765733569186,1.97172245290719]
["SonBorras","2020","01",950.4,23,24.2003367003367,11.2,271.043771043771,461,27.3990471204358,"NO",0.0268458,1.29142024418279,-0.378388705369886]
["SonBorras","2020","02",1630.2,3,1.84026499815974,12.2,22.4512329775488,461,27.3990471204358,"NO",0.0268458,1.29142024418279,-0.378388705369886]
["SonBorras","2020","03",1405.8,12,8.53606487409304,11.4,97.3111395646607,461,27.3990471204358,"NO",0.0268458,1.29142024418279,-0.378388705369886]
["SonBorras","2020","04",831.6,17,20.4425204425204,11,224.867724867725,461,27.3990471204358,"NO",0.0268458,1.29142024418279,-0.378388705369886]
["SonBorras","2020","05",1830.4,49,26.7701048951049,10.2,273.05506993007,461,27.3990471204358,"NO",0.0268458,1.29142024418279,-0.378388705369886]
["SonBorras","2020","06",1071.8,19,17.7271879081918,12,212.726254898302,461,27.3990471204358,"NO",0.0268458,1.29142024418279,-0.378388705369886]
["SonBorras","2020","07",1260,15,11.9047619047619,10.4,123.809523809524,461,27.3990471204358,"NO",0.0268458,1.29142024418279,-0.378388705369886]
["SonBorras","2020","08",1289.6,17,13.182382133995,12.2,160.825062034739,461,27.3990471204358,"NO",0.0268458,1.29142024418279,-0.378388705369886]
["SonBorras","2020","09",884.4,16,18.0913613749435,11.4,206.241519674355,461,27.3990471204358,"NO",0.0268458,1.29142024418279,-0.378388705369886]
["SonBorras","2020","10",1457,8,5.49073438572409,13.2,72.477693891558,461,27.3990471204358,"NO",0.0268458,1.29142024418279,-0.378388705369886]
["SonBorras","2020","11",1801.2,14,7.77259604707972,11,85.498556517877,461,27.3990471204358,"NO",0.0268458,1.29142024418279,-0.378388705369886]
["SonBorras","2020","12",1118,23,20.5724508050089,12.6,259.212880143113,461,27.3990471204358,"NO",0.0268458,1.29142024418279,-0.378388705369886]
["SonBorras","2020","13",2004.6,5,2.4942631946523,9.6,23.9449266686621,461,27.3990471204358,"NO",0.0268458,1.29142024418279,-0.378388705369886]
["SonBorras","2020","14",1231.2,0,0,11,0,461,27.3990471204358,"NO",0.0268458,1.29142024418279,-0.378388705369886]
["SonBorras","2020","16",1530,31,20.2614379084967,12.2,247.18954248366,461,27.3990471204358,"NO",0.0268458,1.29142024418279,-0.378388705369886]
["SonBorras","2020","17",1038.4,8,7.70416024653313,11,84.7457627118644,461,27.3990471204358,"NO",0.0268458,1.29142024418279,-0.378388705369886]
["SonBorras","2020","19",1308.2,2,1.52881822351322,13.6,20.7919278397798,461,27.3990471204358,"NO",0.0268458,1.29142024418279,-0.378388705369886]
["SonBorras","2020","20",852.6,7,8.21018062397373,11.2,91.9540229885057,461,27.3990471204358,"NO",0.0268458,1.29142024418279,-0.378388705369886]
["SonCos","2020","01",1419,57,40,9.6,384,227,25.021689749707,"YES",0.252252252252252,0.757725705377939,0.711526256801932]
["SonCos","2020","02",882,0,0,13.6,0,227,25.021689749707,"YES",0.252252252252252,0.757725705377939,0.711526256801932]
["SonCos","2020","03",917,23,25,13,325,227,25.021689749707,"YES",0.252252252252252,0.757725705377939,0.711526256801932]
["SonCos","2020","04",612,37,60,12.4,744,227,25.021689749707,"YES",0.252252252252252,0.757725705377939,0.711526256801932]
["SonCos","2020","05",730,18,25,12,300,227,25.021689749707,"YES",0.252252252252252,0.757725705377939,0.711526256801932]
["SonCos","2020","06",1009,33,33,12.8,422.4,227,25.021689749707,"YES",0.252252252252252,0.757725705377939,0.711526256801932]
["SonCos","2020","07",480,60,125,12.4,1550,227,25.021689749707,"YES",0.252252252252252,0.757725705377939,0.711526256801932]
["SonCos","2020","08",933,77,83,11.2,929.6,227,25.021689749707,"YES",0.252252252252252,0.757725705377939,0.711526256801932]
["SonCos","2020","09",1219,46,38,12.6,478.8,227,25.021689749707,"YES",0.252252252252252,0.757725705377939,0.711526256801932]
["SonCos","2020","10",1612,19,12,12.2,146.4,227,25.021689749707,"YES",0.252252252252252,0.757725705377939,0.711526256801932]
["SonCos","2020","11",2759,63,23,10.6,243.8,227,25.021689749707,"YES",0.252252252252252,0.757725705377939,0.711526256801932]
["SonCos","2020","12",890,13,15,11.4,171,227,25.021689749707,"YES",0.252252252252252,0.757725705377939,0.711526256801932]
["SonCos","2020","13",660,17,26,11.4,296.4,227,25.021689749707,"YES",0.252252252252252,0.757725705377939,0.711526256801932]
["SonCos","2020","14",722,16,22,12,264,227,25.021689749707,"YES",0.252252252252252,0.757725705377939,0.711526256801932]
["SonCos","2020","15",660,14,21,11.8,247.8,227,25.021689749707,"YES",0.252252252252252,0.757725705377939,0.711526256801932]
["SonCos","2020","16",775,73,94,10.8,1015.2,227,25.021689749707,"YES",0.252252252252252,0.757725705377939,0.711526256801932]
["SonCos","2020","17",778,62,80,8.6,688,227,25.021689749707,"YES",0.252252252252252,0.757725705377939,0.711526256801932]
["SonCos","2020","19",634,35,55,10.8,594,227,25.021689749707,"YES",0.252252252252252,0.757725705377939,0.711526256801932]
["SonCotoner","2019","01",737,48,65,13.6,884,147,74.0189265373856,"NO",0.957446808510638,-0.180467151924439,-1.05358285316496]
["SonCotoner","2019","02",842,13,15,13.4,201,147,74.0189265373856,"NO",0.957446808510638,-0.180467151924439,-1.05358285316496]
["SonCotoner","2019","03",920,12,13,13.4,174.2,147,74.0189265373856,"NO",0.957446808510638,-0.180467151924439,-1.05358285316496]
["SonCotoner","2019","04",742,2,3,13.6,40.8,147,74.0189265373856,"NO",0.957446808510638,-0.180467151924439,-1.05358285316496]
["SonCotoner","2019","05",755,22,29,15.6,452.4,147,74.0189265373856,"NO",0.957446808510638,-0.180467151924439,-1.05358285316496]
["SonCotoner","2019","06",374,15,40,12.8,512,147,74.0189265373856,"NO",0.957446808510638,-0.180467151924439,-1.05358285316496]
["SonCotoner","2019","07",1109,185,167,11,1837,147,74.0189265373856,"NO",0.957446808510638,-0.180467151924439,-1.05358285316496]
["SonCotoner","2019","08",907,16,18,12.8,230.4,147,74.0189265373856,"NO",0.957446808510638,-0.180467151924439,-1.05358285316496]
["SonCotoner","2019","09",943,23,24,13,312,147,74.0189265373856,"NO",0.957446808510638,-0.180467151924439,-1.05358285316496]
["SonCotoner","2019","11",707,33,47,12,564,147,74.0189265373856,"NO",0.957446808510638,-0.180467151924439,-1.05358285316496]
["SonCotoner","2019","12",886,16,18,11.6,208.8,147,74.0189265373856,"NO",0.957446808510638,-0.180467151924439,-1.05358285316496]
["SonCotoner","2019","13",706,35,50,10.8,540,147,74.0189265373856,"NO",0.957446808510638,-0.180467151924439,-1.05358285316496]
["SonCotoner","2019","14",621,15,24,10.4,249.6,147,74.0189265373856,"NO",0.957446808510638,-0.180467151924439,-1.05358285316496]
["SonCotoner","2019","17",728,30,41,13.2,541.2,147,74.0189265373856,"NO",0.957446808510638,-0.180467151924439,-1.05358285316496]
["SonCotoner","2019","20",805,12,15,12.8,192,147,74.0189265373856,"NO",0.957446808510638,-0.180467151924439,-1.05358285316496]
["SonCotoner","2020","01",812,67,83,12.8,1062.4,120,74.0189265373856,"NO",0.957446808510638,-0.293539829361397,1.11328555093844]
["SonCotoner","2020","02",976,28,29,13,377,120,74.0189265373856,"NO",0.957446808510638,-0.293539829361397,1.11328555093844]
["SonCotoner","2020","03",572,48,84,14,1176,120,74.0189265373856,"NO",0.957446808510638,-0.293539829361397,1.11328555093844]
["SonCotoner","2020","04",420,13,31,13.2,409.2,120,74.0189265373856,"NO",0.957446808510638,-0.293539829361397,1.11328555093844]
["SonCotoner","2020","05",422,9,21,12,252,120,74.0189265373856,"NO",0.957446808510638,-0.293539829361397,1.11328555093844]
["SonCotoner","2020","06",911,32,35,10.6,371,120,74.0189265373856,"NO",0.957446808510638,-0.293539829361397,1.11328555093844]
["SonCotoner","2020","07",485,31,64,12.6,806.4,120,74.0189265373856,"NO",0.957446808510638,-0.293539829361397,1.11328555093844]
["SonCotoner","2020","08",545,43,79,12.2,963.8,120,74.0189265373856,"NO",0.957446808510638,-0.293539829361397,1.11328555093844]
["SonCotoner","2020","10",1148,57,50,12.4,620,120,74.0189265373856,"NO",0.957446808510638,-0.293539829361397,1.11328555093844]
["SonCotoner","2020","12",666,64,96,12.4,1190.4,120,74.0189265373856,"NO",0.957446808510638,-0.293539829361397,1.11328555093844]
["SonCotoner","2020","13",575,14,24,7.4,177.6,120,74.0189265373856,"NO",0.957446808510638,-0.293539829361397,1.11328555093844]
["SonCotoner","2020","14",1075,62,58,10.8,626.4,120,74.0189265373856,"NO",0.957446808510638,-0.293539829361397,1.11328555093844]
["SonCotoner","2020","16",718,9,13,16,208,120,74.0189265373856,"NO",0.957446808510638,-0.293539829361397,1.11328555093844]
["SonCotoner","2020","17",524,33,63,12,756,120,74.0189265373856,"NO",0.957446808510638,-0.293539829361397,1.11328555093844]
["SonCotoner","2020","18",883,49,55,12.6,693,120,74.0189265373856,"NO",0.957446808510638,-0.293539829361397,1.11328555093844]
["SonCotoner","2020","19",785,33,42,9.4,394.8,120,74.0189265373856,"NO",0.957446808510638,-0.293539829361397,1.11328555093844]
["SonCotoner","2020","20",504,26,52,11.8,613.6,120,74.0189265373856,"NO",0.957446808510638,-0.293539829361397,1.11328555093844]
["SonFortuny","2019","02",1090,5,5,12.8,64,377,58.143995372563,"NO",0.20125786163522,-2.50174227992208,-3.77936993767594]
["SonFortuny","2019","04",1266,23,18,6.6,118.8,377,58.143995372563,"NO",0.20125786163522,-2.50174227992208,-3.77936993767594]
["SonFortuny","2019","05",351,1,3,9,27,377,58.143995372563,"NO",0.20125786163522,-2.50174227992208,-3.77936993767594]
["SonFortuny","2019","07",738,15,20,7.8,156,377,58.143995372563,"NO",0.20125786163522,-2.50174227992208,-3.77936993767594]
["SonFortuny","2019","08",494,15,30,8.2,246,377,58.143995372563,"NO",0.20125786163522,-2.50174227992208,-3.77936993767594]
["SonFortuny","2019","09",2030,4,2,11.4,22.8,377,58.143995372563,"NO",0.20125786163522,-2.50174227992208,-3.77936993767594]
["SonFortuny","2019","10",3013,14,5,11.8,59,377,58.143995372563,"NO",0.20125786163522,-2.50174227992208,-3.77936993767594]
["SonFortuny","2019","12",803,12,15,11,165,377,58.143995372563,"NO",0.20125786163522,-2.50174227992208,-3.77936993767594]
["SonFortuny","2019","13",1555,9,6,9,54,377,58.143995372563,"NO",0.20125786163522,-2.50174227992208,-3.77936993767594]
["SonFortuny","2019","15",683,17,25,9.6,240,377,58.143995372563,"NO",0.20125786163522,-2.50174227992208,-3.77936993767594]
["SonFortuny","2019","16",1156,31,27,7.4,199.8,377,58.143995372563,"NO",0.20125786163522,-2.50174227992208,-3.77936993767594]
["SonFortuny","2019","18",666,7,11,9.4,103.4,377,58.143995372563,"NO",0.20125786163522,-2.50174227992208,-3.77936993767594]
["SonFortuny","2019","19",2449,35,14,12.8,179.2,377,58.143995372563,"NO",0.20125786163522,-2.50174227992208,-3.77936993767594]
["SonFortuny","2019","20",1141,13,11,10.4,114.4,377,58.143995372563,"NO",0.20125786163522,-2.50174227992208,-3.77936993767594]
["SonFortuny","2020","01",691,1,1,8.4,8.4,132,58.143995372563,"NO",0.20125786163522,-0.470244982351251,-0.0916012912092956]
["SonFortuny","2020","03",384,0,0,9.8,0,132,58.143995372563,"NO",0.20125786163522,-0.470244982351251,-0.0916012912092956]
["SonFortuny","2020","04",2880,0,0,5.8,0,132,58.143995372563,"NO",0.20125786163522,-0.470244982351251,-0.0916012912092956]
["SonFortuny","2020","05",1480,18,12,11.4,136.8,132,58.143995372563,"NO",0.20125786163522,-0.470244982351251,-0.0916012912092956]
["SonFortuny","2020","09",680,14,21,11.6,243.6,132,58.143995372563,"NO",0.20125786163522,-0.470244982351251,-0.0916012912092956]
["SonFortuny","2020","11",1579,23,15,12.6,189,132,58.143995372563,"NO",0.20125786163522,-0.470244982351251,-0.0916012912092956]
["SonFortuny","2020","13",459,15,33,11.8,389.4,132,58.143995372563,"NO",0.20125786163522,-0.470244982351251,-0.0916012912092956]
["SonFortuny","2020","14",772,6,8,11,88,132,58.143995372563,"NO",0.20125786163522,-0.470244982351251,-0.0916012912092956]
["SonFortuny","2020","15",436,0,0,9.2,0,132,58.143995372563,"NO",0.20125786163522,-0.470244982351251,-0.0916012912092956]
["SonFortuny","2020","16",2884,19,7,8.2,57.4,132,58.143995372563,"NO",0.20125786163522,-0.470244982351251,-0.0916012912092956]
["SonFortuny","2020","18",1164,23,20,9,180,132,58.143995372563,"NO",0.20125786163522,-0.470244982351251,-0.0916012912092956]
["SonFortuny","2020","19",467,4,9,12,108,132,58.143995372563,"NO",0.20125786163522,-0.470244982351251,-0.0916012912092956]
["SonFortuny","2020","20",768,44,57,9.6,547.2,132,58.143995372563,"NO",0.20125786163522,-0.470244982351251,-0.0916012912092956]
["SonMaixella","2019","02",605,31,51,11.8,601.8,167,28.9707025301427,"NO",0.153846153846154,-1.47257505232782,-2.99286089427812]
["SonMaixella","2019","06",680,20,29,9.4,272.6,167,28.9707025301427,"NO",0.153846153846154,-1.47257505232782,-2.99286089427812]
["SonMaixella","2019","08",865,17,20,12,240,167,28.9707025301427,"NO",0.153846153846154,-1.47257505232782,-2.99286089427812]
["SonMaixella","2019","09",492,18,37,8,296,167,28.9707025301427,"NO",0.153846153846154,-1.47257505232782,-2.99286089427812]
["SonMaixella","2019","11",859,15,17,11.4,193.8,167,28.9707025301427,"NO",0.153846153846154,-1.47257505232782,-2.99286089427812]
["SonMaixella","2019","12",858,4,5,12.4,62,167,28.9707025301427,"NO",0.153846153846154,-1.47257505232782,-2.99286089427812]
["SonMaixella","2019","15",1142,13,11,11,121,167,28.9707025301427,"NO",0.153846153846154,-1.47257505232782,-2.99286089427812]
["SonMaixella","2019","18",1232,8,6,11.2,67.2,167,28.9707025301427,"NO",0.153846153846154,-1.47257505232782,-2.99286089427812]
["SonMaixella","2019","19",821,10,12,11.2,134.4,167,28.9707025301427,"NO",0.153846153846154,-1.47257505232782,-2.99286089427812]
["SonMaixella","2019","20",382,1,3,7.6,22.8,167,28.9707025301427,"NO",0.153846153846154,-1.47257505232782,-2.99286089427812]
["SonMaixella","2020","01",845,6,7,6,42,307,28.9707025301427,"NO",0.153846153846154,1.22036900025557,-1.1789763532288]
["SonMaixella","2020","02",1433,13,9,10.6,95.4,307,28.9707025301427,"NO",0.153846153846154,1.22036900025557,-1.1789763532288]
["SonMaixella","2020","03",1548,10,6,10.6,63.6,307,28.9707025301427,"NO",0.153846153846154,1.22036900025557,-1.1789763532288]
["SonMaixella","2020","04",706,10,14,10.6,148.4,307,28.9707025301427,"NO",0.153846153846154,1.22036900025557,-1.1789763532288]
["SonMaixella","2020","05",657,8,12,9.2,110.4,307,28.9707025301427,"NO",0.153846153846154,1.22036900025557,-1.1789763532288]
["SonMaixella","2020","06",936,12,13,8,104,307,28.9707025301427,"NO",0.153846153846154,1.22036900025557,-1.1789763532288]
["SonMaixella","2020","07",946,8,8,4.6,36.8,307,28.9707025301427,"NO",0.153846153846154,1.22036900025557,-1.1789763532288]
["SonMaixella","2020","08",1411,8,6,10.8,64.8,307,28.9707025301427,"NO",0.153846153846154,1.22036900025557,-1.1789763532288]
["SonMaixella","2020","09",481,2,4,6.4,25.6,307,28.9707025301427,"NO",0.153846153846154,1.22036900025557,-1.1789763532288]
["SonMaixella","2020","10",555,17,31,8.8,272.8,307,28.9707025301427,"NO",0.153846153846154,1.22036900025557,-1.1789763532288]
["SonMaixella","2020","11",922,4,4,12.8,51.2,307,28.9707025301427,"NO",0.153846153846154,1.22036900025557,-1.1789763532288]
["SonMaixella","2020","12",815,0,0,11.2,0,307,28.9707025301427,"NO",0.153846153846154,1.22036900025557,-1.1789763532288]
["SonMaixella","2020","13",970,1,1,11.6,11.6,307,28.9707025301427,"NO",0.153846153846154,1.22036900025557,-1.1789763532288]
["SonMaixella","2020","14",1045,12,11,10.2,112.2,307,28.9707025301427,"NO",0.153846153846154,1.22036900025557,-1.1789763532288]
["SonMaixella","2020","15",1442,7,5,10.6,53,307,28.9707025301427,"NO",0.153846153846154,1.22036900025557,-1.1789763532288]
["SonMaixella","2020","16",1619,0,0,5.8,0,307,28.9707025301427,"NO",0.153846153846154,1.22036900025557,-1.1789763532288]
["SonMaixella","2020","17",929,9,10,12,120,307,28.9707025301427,"NO",0.153846153846154,1.22036900025557,-1.1789763532288]
["SonMaixella","2020","18",960,5,5,9.6,48,307,28.9707025301427,"NO",0.153846153846154,1.22036900025557,-1.1789763532288]
["SonMaixella","2020","19",1102,6,5,10.8,54,307,28.9707025301427,"NO",0.153846153846154,1.22036900025557,-1.1789763532288]
["SonMassia","2019","01",1688,9,5,10.4,52,265,8.64208028361139,"NO",0.328,0.806567525459656,-2.92036593478463]
["SonMassia","2019","03",655,19,29,9.2,266.8,265,8.64208028361139,"NO",0.328,0.806567525459656,-2.92036593478463]
["SonMassia","2019","05",338,10,30,9.6,288,265,8.64208028361139,"NO",0.328,0.806567525459656,-2.92036593478463]
["SonMassia","2020","01",593,20,34,6.4,217.6,370,8.64208028361139,"NO",0.328,1.68978698384629,-1.14652289091741]
["SonMassia","2020","02",620,10,16,14,224,370,8.64208028361139,"NO",0.328,1.68978698384629,-1.14652289091741]
["SonMassia","2020","03",710,32,45,10.2,459,370,8.64208028361139,"NO",0.328,1.68978698384629,-1.14652289091741]
["SonMassia","2020","05",1014,25,25,10.2,255,370,8.64208028361139,"NO",0.328,1.68978698384629,-1.14652289091741]
["SonMassia","2020","07",1903,64,34,7.6,258.4,370,8.64208028361139,"NO",0.328,1.68978698384629,-1.14652289091741]
["SonMassia","2020","08",958,13,14,9.6,134.4,370,8.64208028361139,"NO",0.328,1.68978698384629,-1.14652289091741]
["SonMassia","2020","09",810,15,19,12.6,239.4,370,8.64208028361139,"NO",0.328,1.68978698384629,-1.14652289091741]
["SonMassia","2020","10",1137,10,9,11.8,106.2,370,8.64208028361139,"NO",0.328,1.68978698384629,-1.14652289091741]
["SonMassia","2020","11",1752,25,14,12,168,370,8.64208028361139,"NO",0.328,1.68978698384629,-1.14652289091741]
["SonMassia","2020","12",705,29,41,13.2,541.2,370,8.64208028361139,"NO",0.328,1.68978698384629,-1.14652289091741]
["SonMassia","2020","15",1528,40,26,12.8,332.8,370,8.64208028361139,"NO",0.328,1.68978698384629,-1.14652289091741]
["SonMassia","2020","16",843,35,42,10.4,436.8,370,8.64208028361139,"NO",0.328,1.68978698384629,-1.14652289091741]
["SonMassia","2020","17",586,42,72,8.4,604.8,370,8.64208028361139,"NO",0.328,1.68978698384629,-1.14652289091741]
["SonMassia","2020","19",1570,26,17,8.8,149.6,370,8.64208028361139,"NO",0.328,1.68978698384629,-1.14652289091741]
["SonMassia","2020","20",1732,18,10,11.6,116,370,8.64208028361139,"NO",0.328,1.68978698384629,-1.14652289091741]
["SonSali","2019","01",517,16,31,12.2,378.2,188,23.1315683234267,"NO",0.0652173913043478,-2.22469309221563,-0.29401335840026]
["SonSali","2019","02",537,2,4,13.6,54.4,188,23.1315683234267,"NO",0.0652173913043478,-2.22469309221563,-0.29401335840026]
["SonSali","2019","03",633,15,24,13.8,331.2,188,23.1315683234267,"NO",0.0652173913043478,-2.22469309221563,-0.29401335840026]
["SonSali","2019","04",330,6,18,12,216,188,23.1315683234267,"NO",0.0652173913043478,-2.22469309221563,-0.29401335840026]
["SonSali","2019","05",431,18,42,11.8,495.6,188,23.1315683234267,"NO",0.0652173913043478,-2.22469309221563,-0.29401335840026]
["SonSali","2019","06",711,14,20,10.4,208,188,23.1315683234267,"NO",0.0652173913043478,-2.22469309221563,-0.29401335840026]
["SonSali","2019","07",325,5,15,10.4,156,188,23.1315683234267,"NO",0.0652173913043478,-2.22469309221563,-0.29401335840026]
["SonSali","2019","08",774,25,32,13.2,422.4,188,23.1315683234267,"NO",0.0652173913043478,-2.22469309221563,-0.29401335840026]
["SonSali","2019","09",518,7,14,14.2,198.8,188,23.1315683234267,"NO",0.0652173913043478,-2.22469309221563,-0.29401335840026]
["SonSali","2019","10",293,11,38,9.4,357.2,188,23.1315683234267,"NO",0.0652173913043478,-2.22469309221563,-0.29401335840026]
["SonSali","2019","11",1048,30,29,11.2,324.8,188,23.1315683234267,"NO",0.0652173913043478,-2.22469309221563,-0.29401335840026]
["SonSali","2019","13",486,9,19,12.25,232.75,188,23.1315683234267,"NO",0.0652173913043478,-2.22469309221563,-0.29401335840026]
["SonSali","2019","14",708,22,31,12,372,188,23.1315683234267,"NO",0.0652173913043478,-2.22469309221563,-0.29401335840026]
["SonSali","2019","15",370,3,8,11.8,94.4,188,23.1315683234267,"NO",0.0652173913043478,-2.22469309221563,-0.29401335840026]
["SonSali","2019","16",447,18,40,11.8,472,188,23.1315683234267,"NO",0.0652173913043478,-2.22469309221563,-0.29401335840026]
["SonSali","2019","17",601,33,55,12.4,682,188,23.1315683234267,"NO",0.0652173913043478,-2.22469309221563,-0.29401335840026]
["SonSali","2019","18",1716,60,35,13.4,469,188,23.1315683234267,"NO",0.0652173913043478,-2.22469309221563,-0.29401335840026]
["SonSali","2019","19",480,25,52,13.4,696.8,188,23.1315683234267,"NO",0.0652173913043478,-2.22469309221563,-0.29401335840026]
["SonSali","2019","20",757,11,15,13.4,201,188,23.1315683234267,"NO",0.0652173913043478,-2.22469309221563,-0.29401335840026]
["SonSali","2020","01",2654,47,18,11.6,208.8,186,23.1315683234267,"NO",0.0652173913043478,0.682999644564484,0.405858456108294]
["SonSali","2020","02",575,35,61,14.6,890.6,186,23.1315683234267,"NO",0.0652173913043478,0.682999644564484,0.405858456108294]
["SonSali","2020","03",989,30,30,10.25,307.5,186,23.1315683234267,"NO",0.0652173913043478,0.682999644564484,0.405858456108294]
["SonSali","2020","04",1904,37,19,11,209,186,23.1315683234267,"NO",0.0652173913043478,0.682999644564484,0.405858456108294]
["SonSali","2020","05",1535,23,15,12,180,186,23.1315683234267,"NO",0.0652173913043478,0.682999644564484,0.405858456108294]
["SonSali","2020","06",904,23,25,11.6,290,186,23.1315683234267,"NO",0.0652173913043478,0.682999644564484,0.405858456108294]
["SonSali","2020","07",1073,12,11,12.4,136.4,186,23.1315683234267,"NO",0.0652173913043478,0.682999644564484,0.405858456108294]
["SonSali","2020","08",1150,24,21,11.8,247.8,186,23.1315683234267,"NO",0.0652173913043478,0.682999644564484,0.405858456108294]
["SonSali","2020","09",693,12,17,11.2,190.4,186,23.1315683234267,"NO",0.0652173913043478,0.682999644564484,0.405858456108294]
["SonSali","2020","10",1534,16,10,11.2,112,186,23.1315683234267,"NO",0.0652173913043478,0.682999644564484,0.405858456108294]
["SonSali","2020","11",1080,19,18,12.2,219.6,186,23.1315683234267,"NO",0.0652173913043478,0.682999644564484,0.405858456108294]
["SonSali","2020","12",511,38,74,10,740,186,23.1315683234267,"NO",0.0652173913043478,0.682999644564484,0.405858456108294]
["SonSali","2020","13",959,24,25,9,225,186,23.1315683234267,"NO",0.0652173913043478,0.682999644564484,0.405858456108294]
["SonSali","2020","14",1413,22,16,10,160,186,23.1315683234267,"NO",0.0652173913043478,0.682999644564484,0.405858456108294]
["SonSali","2020","15",1569,31,20,11.4,228,186,23.1315683234267,"NO",0.0652173913043478,0.682999644564484,0.405858456108294]
["SonSali","2020","16",620,13,21,10.4,218.4,186,23.1315683234267,"NO",0.0652173913043478,0.682999644564484,0.405858456108294]
["SonSali","2020","17",617,53,86,7.2,619.2,186,23.1315683234267,"NO",0.0652173913043478,0.682999644564484,0.405858456108294]
["SonSali","2020","18",671,21,31,11.6,359.6,186,23.1315683234267,"NO",0.0652173913043478,0.682999644564484,0.405858456108294]
["SonSali","2020","19",1063,58,55,12,660,186,23.1315683234267,"NO",0.0652173913043478,0.682999644564484,0.405858456108294]
["SonSali","2020","20",717,22,31,9.4,291.4,186,23.1315683234267,"NO",0.0652173913043478,0.682999644564484,0.405858456108294]
["SonSoler","2019","02",1579,13,8,9.8,78.4,195,8.79714682293922,"YES",0.150943396226415,-0.466479978433022,2.11474073179187]
["SonSoler","2019","09",261,12,46,12,552,195,8.79714682293922,"YES",0.150943396226415,-0.466479978433022,2.11474073179187]
["SonSoler","2019","11",898,21,23,6.6,151.8,195,8.79714682293922,"YES",0.150943396226415,-0.466479978433022,2.11474073179187]
["SonSoler","2019","13",778,10,13,10.4,135.2,195,8.79714682293922,"YES",0.150943396226415,-0.466479978433022,2.11474073179187]
["SonSoler","2019","15",1462,14,10,10,100,195,8.79714682293922,"YES",0.150943396226415,-0.466479978433022,2.11474073179187]
["SonSoler","2019","19",389,0,0,8,0,195,8.79714682293922,"YES",0.150943396226415,-0.466479978433022,2.11474073179187]
["SonSoler","2020","01",659,23,35,10.6,371,216,8.79714682293922,"YES",0.150943396226415,0.82069628056248,-0.548654850448877]
["SonSoler","2020","02",1017,26,26,12.6,327.6,216,8.79714682293922,"YES",0.150943396226415,0.82069628056248,-0.548654850448877]
["SonSoler","2020","03",572,15,26,11.6,301.6,216,8.79714682293922,"YES",0.150943396226415,0.82069628056248,-0.548654850448877]
["SonSoler","2020","04",719,23,32,13.8,441.6,216,8.79714682293922,"YES",0.150943396226415,0.82069628056248,-0.548654850448877]
["SonSoler","2020","05",1041,38,37,10.8,399.6,216,8.79714682293922,"YES",0.150943396226415,0.82069628056248,-0.548654850448877]
["SonSoler","2020","06",717,15,21,12.8,268.8,216,8.79714682293922,"YES",0.150943396226415,0.82069628056248,-0.548654850448877]
["SonSoler","2020","07",1023,24,23,8.8,202.4,216,8.79714682293922,"YES",0.150943396226415,0.82069628056248,-0.548654850448877]
["SonSoler","2020","08",1742,19,11,6.8,74.8,216,8.79714682293922,"YES",0.150943396226415,0.82069628056248,-0.548654850448877]
["SonSoler","2020","09",595,28,47,12.4,582.8,216,8.79714682293922,"YES",0.150943396226415,0.82069628056248,-0.548654850448877]
["SonSoler","2020","10",1221,24,20,9.6,192,216,8.79714682293922,"YES",0.150943396226415,0.82069628056248,-0.548654850448877]
["SonSoler","2020","11",1150,3,3,8.4,25.2,216,8.79714682293922,"YES",0.150943396226415,0.82069628056248,-0.548654850448877]
["SonSoler","2020","12",704,16,23,10.2,234.6,216,8.79714682293922,"YES",0.150943396226415,0.82069628056248,-0.548654850448877]
["SonSoler","2020","13",2052,12,6,7.6,45.6,216,8.79714682293922,"YES",0.150943396226415,0.82069628056248,-0.548654850448877]
["SonSoler","2020","14",1109,25,23,10.6,243.8,216,8.79714682293922,"YES",0.150943396226415,0.82069628056248,-0.548654850448877]
["SonSoler","2020","15",570,9,16,9.2,147.2,216,8.79714682293922,"YES",0.150943396226415,0.82069628056248,-0.548654850448877]
["SonSoler","2020","17",536,36,67,11.2,750.4,216,8.79714682293922,"YES",0.150943396226415,0.82069628056248,-0.548654850448877]
["SonSoler","2020","18",1404,57,41,10.6,434.6,216,8.79714682293922,"YES",0.150943396226415,0.82069628056248,-0.548654850448877]
["SonSoler","2020","19",693,2,3,7.4,22.2,216,8.79714682293922,"YES",0.150943396226415,0.82069628056248,-0.548654850448877]
["SonSoler","2020","20",783,16,20,12,240,216,8.79714682293922,"YES",0.150943396226415,0.82069628056248,-0.548654850448877]
["UIB","2019","02",289,0,0,7,0,55,27.5544972574933,"NO",0.0810810810810811,-2.22104974703757,0.243105865690114]
["UIB","2019","03",592,0,0,9,0,55,27.5544972574933,"NO",0.0810810810810811,-2.22104974703757,0.243105865690114]
["UIB","2019","05",756,1,1,9.8,9.8,55,27.5544972574933,"NO",0.0810810810810811,-2.22104974703757,0.243105865690114]
["UIB","2019","06",704,2,3,6.4,19.2,55,27.5544972574933,"NO",0.0810810810810811,-2.22104974703757,0.243105865690114]
["UIB","2019","07",320,0,0,6.6,0,55,27.5544972574933,"NO",0.0810810810810811,-2.22104974703757,0.243105865690114]
["UIB","2019","12",288,0,0,6.8,0,55,27.5544972574933,"NO",0.0810810810810811,-2.22104974703757,0.243105865690114]
["UIB","2019","14",917,0,0,9.8,0,55,27.5544972574933,"NO",0.0810810810810811,-2.22104974703757,0.243105865690114]
["UIB","2019","15",446,0,0,8.6,0,55,27.5544972574933,"NO",0.0810810810810811,-2.22104974703757,0.243105865690114]
["UIB","2019","18",522,21,40,6.4,256,55,27.5544972574933,"NO",0.0810810810810811,-2.22104974703757,0.243105865690114]
["UIB","2019","20",278,0,0,7.4,0,55,27.5544972574933,"NO",0.0810810810810811,-2.22104974703757,0.243105865690114]
["UIB","2020","01",1098,38,35,11.6,406,159,27.5544972574933,"NO",0.0810810810810811,0.333930374195293,2.4479890763338]
["UIB","2020","02",635,0,0,7.6,0,159,27.5544972574933,"NO",0.0810810810810811,0.333930374195293,2.4479890763338]
["UIB","2020","03",718,11,15,6.2,93,159,27.5544972574933,"NO",0.0810810810810811,0.333930374195293,2.4479890763338]
["UIB","2020","04",986,6,6,8.6,51.6,159,27.5544972574933,"NO",0.0810810810810811,0.333930374195293,2.4479890763338]
["UIB","2020","05",1074,71,66,11.4,752.4,159,27.5544972574933,"NO",0.0810810810810811,0.333930374195293,2.4479890763338]
["UIB","2020","06",442,13,29,8.8,255.2,159,27.5544972574933,"NO",0.0810810810810811,0.333930374195293,2.4479890763338]
["UIB","2020","07",630,7,11,8,88,159,27.5544972574933,"NO",0.0810810810810811,0.333930374195293,2.4479890763338]
["UIB","2020","08",455,3,7,8.8,61.6,159,27.5544972574933,"NO",0.0810810810810811,0.333930374195293,2.4479890763338]
["UIB","2020","09",713,22,31,7.6,235.6,159,27.5544972574933,"NO",0.0810810810810811,0.333930374195293,2.4479890763338]
["UIB","2020","10",898,34,38,10.2,387.6,159,27.5544972574933,"NO",0.0810810810810811,0.333930374195293,2.4479890763338]
["UIB","2020","11",14490,16,1,10.4,10.4,159,27.5544972574933,"NO",0.0810810810810811,0.333930374195293,2.4479890763338]
["UIB","2020","16",819,0,0,12.2,0,159,27.5544972574933,"NO",0.0810810810810811,0.333930374195293,2.4479890763338]
["UIB","2020","17",979,0,0,10.2,0,159,27.5544972574933,"NO",0.0810810810810811,0.333930374195293,2.4479890763338]
["UIB","2020","18",714,17,24,7.8,187.2,159,27.5544972574933,"NO",0.0810810810810811,0.333930374195293,2.4479890763338]
["UIB","2020","19",1104,20,18,6,108,159,27.5544972574933,"NO",0.0810810810810811,0.333930374195293,2.4479890763338]
["UIB","2020","20",497,3,6,7.2,43.2,159,27.5544972574933,"NO",0.0810810810810811,0.333930374195293,2.4479890763338]
["Xorrigo","2019","01",1201,26,22,9.4,206.8,322,37.242869039441,"YES",0.895833333333333,-0.3297635004828,-1.78226415860956]
["Xorrigo","2019","02",313,4,13,12,156,322,37.242869039441,"YES",0.895833333333333,-0.3297635004828,-1.78226415860956]
["Xorrigo","2019","03",407,41,101,11.6,1171.6,322,37.242869039441,"YES",0.895833333333333,-0.3297635004828,-1.78226415860956]
["Xorrigo","2019","06",850,5,6,7.6,45.6,322,37.242869039441,"YES",0.895833333333333,-0.3297635004828,-1.78226415860956]
["Xorrigo","2019","08",1204,9,7,11,77,322,37.242869039441,"YES",0.895833333333333,-0.3297635004828,-1.78226415860956]
["Xorrigo","2019","09",1443,37,26,14.6,379.6,322,37.242869039441,"YES",0.895833333333333,-0.3297635004828,-1.78226415860956]
["Xorrigo","2019","10",492,8,16,10.2,163.2,322,37.242869039441,"YES",0.895833333333333,-0.3297635004828,-1.78226415860956]
["Xorrigo","2019","11",333,2,6,9.6,57.6,322,37.242869039441,"YES",0.895833333333333,-0.3297635004828,-1.78226415860956]
["Xorrigo","2019","13",760,11,14,11.4,159.6,322,37.242869039441,"YES",0.895833333333333,-0.3297635004828,-1.78226415860956]
["Xorrigo","2019","14",182,39,214,9.6,2054.4,322,37.242869039441,"YES",0.895833333333333,-0.3297635004828,-1.78226415860956]
["Xorrigo","2019","15",563,20,36,7.8,280.8,322,37.242869039441,"YES",0.895833333333333,-0.3297635004828,-1.78226415860956]
["Xorrigo","2019","16",797,6,8,8.4,67.2,322,37.242869039441,"YES",0.895833333333333,-0.3297635004828,-1.78226415860956]
["Xorrigo","2019","17",194,6,31,4.6,142.6,322,37.242869039441,"YES",0.895833333333333,-0.3297635004828,-1.78226415860956]
["Xorrigo","2019","18",1340,41,31,11.75,364.25,322,37.242869039441,"YES",0.895833333333333,-0.3297635004828,-1.78226415860956]
["Xorrigo","2019","20",1037,19,18,8.4,151.2,322,37.242869039441,"YES",0.895833333333333,-0.3297635004828,-1.78226415860956]
["Xorrigo","2020","01",918,24,26,7.2,187.2,368,37.242869039441,"YES",0.895833333333333,1.40319381451955,-1.17393536677713]
["Xorrigo","2020","02",462,16,35,11.4,399,368,37.242869039441,"YES",0.895833333333333,1.40319381451955,-1.17393536677713]
["Xorrigo","2020","03",572,24,42,10.2,428.4,368,37.242869039441,"YES",0.895833333333333,1.40319381451955,-1.17393536677713]
["Xorrigo","2020","04",428,0,0,8.8,0,368,37.242869039441,"YES",0.895833333333333,1.40319381451955,-1.17393536677713]
["Xorrigo","2020","10",483,71,147,9.2,1352.4,368,37.242869039441,"YES",0.895833333333333,1.40319381451955,-1.17393536677713]
["Xorrigo","2020","12",1101,11,10,10.8,108,368,37.242869039441,"YES",0.895833333333333,1.40319381451955,-1.17393536677713]
["Xorrigo","2020","13",1367,60,44,11.8,519.2,368,37.242869039441,"YES",0.895833333333333,1.40319381451955,-1.17393536677713]
["Xorrigo","2020","18",1030,50,49,9,441,368,37.242869039441,"YES",0.895833333333333,1.40319381451955,-1.17393536677713]
["Xorrigo","2020","19",872,0,0,9.8,0,368,37.242869039441,"YES",0.895833333333333,1.40319381451955,-1.17393536677713]
["Xorrigo","2020","20",690,13,19,10.6,201.4,368,37.242869039441,"YES",0.895833333333333,1.40319381451955,-1.17393536677713]

{"sheet":"SeedWeight","index":4,"n_rows":622,"n_cols":10,"rows_kept":622}
["StudyOrchard","Year","Tree","PolinAbun","Pnatur1k","FarmSys","ratMF","CCA1","CCA2","SeedWeight"]
["CaNaCili",2019,1,179,9.00867662194819,"NO",0.0531914893617021,-1.98763488,-0.4540126,0.206904484848485]
["CaNaCili",2019,2,179,9.00867662194819,"NO",0.0531914893617021,-1.98763488,-0.4540126,0.18907]
["CaNaCili",2019,3,179,9.00867662194819,"NO",0.0531914893617021,-1.98763488,-0.4540126,0.194483135198135]
["CaNaCili",2019,4,179,9.00867662194819,"NO",0.0531914893617021,-1.98763488,-0.4540126,0.192404761904762]
["CaNaCili",2019,5,179,9.00867662194819,"NO",0.0531914893617021,-1.98763488,-0.4540126,0.327260833333333]
["CaNaCili",2019,6,179,9.00867662194819,"NO",0.0531914893617021,-1.98763488,-0.4540126,0.211003615384615]
["CaNaCili",2019,7,179,9.00867662194819,"NO",0.0531914893617021,-1.98763488,-0.4540126,0.216473333333333]
["CaNaCili",2019,8,179,9.00867662194819,"NO",0.0531914893617021,-1.98763488,-0.4540126,0.226643]
["CaNaCili",2019,9,179,9.00867662194819,"NO",0.0531914893617021,-1.98763488,-0.4540126,0.212500317460317]
["CaNaCili",2019,10,179,9.00867662194819,"NO",0.0531914893617021,-1.98763488,-0.4540126,0.201031721611722]
["CaNaCili",2019,11,179,9.00867662194819,"NO",0.0531914893617021,-1.98763488,-0.4540126,0.201883666666667]
["CaNaCili",2019,12,179,9.00867662194819,"NO",0.0531914893617021,-1.98763488,-0.4540126,0.197886388888889]
["CaNaCili",2019,13,179,9.00867662194819,"NO",0.0531914893617021,-1.98763488,-0.4540126,0.213031584415584]
["CaNaCili",2019,14,179,9.00867662194819,"NO",0.0531914893617021,-1.98763488,-0.4540126,0.203386825396825]
["CaNaCili",2019,16,179,9.00867662194819,"NO",0.0531914893617021,-1.98763488,-0.4540126,0.201198383838384]
["CaNaCili",2019,17,179,9.00867662194819,"NO",0.0531914893617021,-1.98763488,-0.4540126,0.201981031746032]
["CaNaCili",2019,18,179,9.00867662194819,"NO",0.0531914893617021,-1.98763488,-0.4540126,0.210130979020979]
["CaNaCili",2019,19,179,9.00867662194819,"NO",0.0531914893617021,-1.98763488,-0.4540126,0.197961666666667]
["CaNaCili",2019,20,179,9.00867662194819,"NO",0.0531914893617021,-1.98763488,-0.4540126,0.207003787878788]
["CaNaCili",2020,1,207,9.00867662194819,"NO",0.0531914893617021,0.810482525862861,1.14737708285578,0.177374681984682]
["CaNaCili",2020,2,207,9.00867662194819,"NO",0.0531914893617021,0.810482525862861,1.14737708285578,0.155263863636364]
["CaNaCili",2020,4,207,9.00867662194819,"NO",0.0531914893617021,0.810482525862861,1.14737708285578,0.177537676767677]
["CaNaCili",2020,5,207,9.00867662194819,"NO",0.0531914893617021,0.810482525862861,1.14737708285578,0.18846853968254]
["CaNaCili",2020,6,207,9.00867662194819,"NO",0.0531914893617021,0.810482525862861,1.14737708285578,0.17737380952381]
["CaNaCili",2020,7,207,9.00867662194819,"NO",0.0531914893617021,0.810482525862861,1.14737708285578,0.16926593006993]
["CaNaCili",2020,8,207,9.00867662194819,"NO",0.0531914893617021,0.810482525862861,1.14737708285578,0.182333253968254]
["CaNaCili",2020,9,207,9.00867662194819,"NO",0.0531914893617021,0.810482525862861,1.14737708285578,0.17515]
["CaNaCili",2020,10,207,9.00867662194819,"NO",0.0531914893617021,0.810482525862861,1.14737708285578,0.175184945054945]
["CaNaCili",2020,11,207,9.00867662194819,"NO",0.0531914893617021,0.810482525862861,1.14737708285578,0.191644761904762]
["CaNaCili",2020,13,207,9.00867662194819,"NO",0.0531914893617021,0.810482525862861,1.14737708285578,0.188224153846154]
["CaNaCili",2020,14,207,9.00867662194819,"NO",0.0531914893617021,0.810482525862861,1.14737708285578,0.199089308180708]
["CaNaCili",2020,15,207,9.00867662194819,"NO",0.0531914893617021,0.810482525862861,1.14737708285578,0.165493656565657]
["CaNaCili",2020,16,207,9.00867662194819,"NO",0.0531914893617021,0.810482525862861,1.14737708285578,0.168974]
["CaNaCili",2020,17,207,9.00867662194819,"NO",0.0531914893617021,0.810482525862861,1.14737708285578,0.185683216783217]
["CaNaCili",2020,18,207,9.00867662194819,"NO",0.0531914893617021,0.810482525862861,1.14737708285578,0.184985400599401]
["CaNaCili",2020,19,207,9.00867662194819,"NO",0.0531914893617021,0.810482525862861,1.14737708285578,0.169676554112554]
["CaNaCili",2020,20,207,9.00867662194819,"NO",0.0531914893617021,0.810482525862861,1.14737708285578,0.186862487179487]
["EsCapdella",2019,1,465,51.1935621651648,"YES",0.472222222222222,-0.819063254651311,-2.0230546575173,0.177934902597403]
["EsCapdella",2019,2,465,51.1935621651648,"YES",0.472222222222222,-0.819063254651311,-2.0230546575173,0.225719256410256]
["EsCapdella",2019,3,465,51.1935621651648,"YES",0.472222222222222,-0.819063254651311,-2.0230546575173,0.175747666666667]
["EsCapdella",2019,4,465,51.1935621651648,"YES",0.472222222222222,-0.819063254651311,-2.0230546575173,0.227574728021978]
["EsCapdella",2019,5,465,51.1935621651648,"YES",0.472222222222222,-0.819063254651311,-2.0230546575173,0.184003106060606]
["EsCapdella",2019,7,465,51.1935621651648,"YES",0.472222222222222,-0.819063254651311,-2.0230546575173,0.226322655677656]
["EsCapdella",2019,8,465,51.1935621651648,"YES",0.472222222222222,-0.819063254651311,-2.0230546575173,0.205703885225885]
["EsCapdella",2019,9,465,51.1935621651648,"YES",0.472222222222222,-0.819063254651311,-2.0230546575173,0.1825463495671]
["EsCapdella",2019,10,465,51.1935621651648,"YES",0.472222222222222,-0.819063254651311,-2.0230546575173,0.202908358974359]
["EsCapdella",2019,11,465,51.1935621651648,"YES",0.472222222222222,-0.819063254651311,-2.0230546575173,0.136973822843823]
["EsCapdella",2019,12,465,51.1935621651648,"YES",0.472222222222222,-0.819063254651311,-2.0230546575173,0.169227124542125]
["EsCapdella",2019,13,465,51.1935621651648,"YES",0.472222222222222,-0.819063254651311,-2.0230546575173,0.190278242424242]
["EsCapdella",2019,14,465,51.1935621651648,"YES",0.472222222222222,-0.819063254651311,-2.0230546575173,0.217130714285714]
["EsCapdella",2019,15,465,51.1935621651648,"YES",0.472222222222222,-0.819063254651311,-2.0230546575173,0.220105142857143]
["EsCapdella",2019,16,465,51.1935621651648,"YES",0.472222222222222,-0.819063254651311,-2.0230546575173,0.197530191919192]
["EsCapdella",2019,17,465,51.1935621651648,"YES",0.472222222222222,-0.819063254651311,-2.0230546575173,0.189779846153846]
["EsCapdella",2019,18,465,51.1935621651648,"YES",0.472222222222222,-0.819063254651311,-2.0230546575173,0.186794196969697]
["EsCapdella",2019,19,465,51.1935621651648,"YES",0.472222222222222,-0.819063254651311,-2.0230546575173,0.207976107226107]
["EsCapdella",2019,20,465,51.1935621651648,"YES",0.472222222222222,-0.819063254651311,-2.0230546575173,0.18804624042624]
["EsCapdella",2020,1,227,51.1935621651648,"YES",0.472222222222222,0.0139678118508573,1.15775916198551,0.180228158730159]
["EsCapdella",2020,2,227,51.1935621651648,"YES",0.472222222222222,0.0139678118508573,1.15775916198551,0.20286541958042]
["EsCapdella",2020,3,227,51.1935621651648,"YES",0.472222222222222,0.0139678118508573,1.15775916198551,0.172823785714286]
["EsCapdella",2020,4,227,51.1935621651648,"YES",0.472222222222222,0.0139678118508573,1.15775916198551,0.192845691641692]
["EsCapdella",2020,5,227,51.1935621651648,"YES",0.472222222222222,0.0139678118508573,1.15775916198551,0.152191785714286]
["EsCapdella",2020,6,227,51.1935621651648,"YES",0.472222222222222,0.0139678118508573,1.15775916198551,0.194059888888889]
["EsCapdella",2020,7,227,51.1935621651648,"YES",0.472222222222222,0.0139678118508573,1.15775916198551,0.21954277972028]
["EsCapdella",2020,8,227,51.1935621651648,"YES",0.472222222222222,0.0139678118508573,1.15775916198551,0.213934404040404]
["EsCapdella",2020,9,227,51.1935621651648,"YES",0.472222222222222,0.0139678118508573,1.15775916198551,0.178468277056277]
["EsCapdella",2020,12,227,51.1935621651648,"YES",0.472222222222222,0.0139678118508573,1.15775916198551,0.0962811515151515]
["EsCapdella",2020,13,227,51.1935621651648,"YES",0.472222222222222,0.0139678118508573,1.15775916198551,0.192041333333333]
["EsCapdella",2020,14,227,51.1935621651648,"YES",0.472222222222222,0.0139678118508573,1.15775916198551,0.222387662337662]
["EsCapdella",2020,15,227,51.1935621651648,"YES",0.472222222222222,0.0139678118508573,1.15775916198551,0.188058333333333]
["EsCapdella",2020,16,227,51.1935621651648,"YES",0.472222222222222,0.0139678118508573,1.15775916198551,0.210507444444444]
["EsCapdella",2020,17,227,51.1935621651648,"YES",0.472222222222222,0.0139678118508573,1.15775916198551,0.150957480519481]
["EsCapdella",2020,18,227,51.1935621651648,"YES",0.472222222222222,0.0139678118508573,1.15775916198551,0.145854098290598]
["EsCapdella",2020,19,227,51.1935621651648,"YES",0.472222222222222,0.0139678118508573,1.15775916198551,0.210041095238095]
["EsCapdella",2020,20,227,51.1935621651648,"YES",0.472222222222222,0.0139678118508573,1.15775916198551,0.168804741258741]
["Felanitx01",2019,1,140,38.3907348925167,"NO",0.027027027027027,-1.94770021462449,6.70041259461979,0.221191841269841]
["Felanitx01",2019,2,140,38.3907348925167,"NO",0.027027027027027,-1.94770021462449,6.70041259461979,0.183234575424575]
["Felanitx01",2019,3,140,38.3907348925167,"NO",0.027027027027027,-1.94770021462449,6.70041259461979,0.22093797008547]
["Felanitx01",2019,4,140,38.3907348925167,"NO",0.027027027027027,-1.94770021462449,6.70041259461979,0.201401358641359]
["Felanitx01",2019,5,140,38.3907348925167,"NO",0.027027027027027,-1.94770021462449,6.70041259461979,0.18870867965368]
["Felanitx01",2019,6,140,38.3907348925167,"NO",0.027027027027027,-1.94770021462449,6.70041259461979,0.211609687645688]
["Felanitx01",2019,7,140,38.3907348925167,"NO",0.027027027027027,-1.94770021462449,6.70041259461979,0.179067939393939]
["Felanitx01",2019,8,140,38.3907348925167,"NO",0.027027027027027,-1.94770021462449,6.70041259461979,0.203292272727273]
["Felanitx01",2019,9,140,38.3907348925167,"NO",0.027027027027027,-1.94770021462449,6.70041259461979,0.191781365079365]
["Felanitx01",2019,10,140,38.3907348925167,"NO",0.027027027027027,-1.94770021462449,6.70041259461979,0.209291703296703]
["Felanitx01",2019,11,140,38.3907348925167,"NO",0.027027027027027,-1.94770021462449,6.70041259461979,0.194692403263403]
["Felanitx01",2019,12,140,38.3907348925167,"NO",0.027027027027027,-1.94770021462449,6.70041259461979,0.179992483516484]
["Felanitx01",2019,13,140,38.3907348925167,"NO",0.027027027027027,-1.94770021462449,6.70041259461979,0.18733001010101]
["Felanitx01",2019,14,140,38.3907348925167,"NO",0.027027027027027,-1.94770021462449,6.70041259461979,0.203704725274725]
["Felanitx01",2019,15,140,38.3907348925167,"NO",0.027027027027027,-1.94770021462449,6.70041259461979,0.180388989010989]
["Felanitx01",2019,16,140,38.3907348925167,"NO",0.027027027027027,-1.94770021462449,6.70041259461979,0.194135216450216]
["Felanitx01",2019,17,140,38.3907348925167,"NO",0.027027027027027,-1.94770021462449,6.70041259461979,0.16802820979021]
["Felanitx01",2019,18,140,38.3907348925167,"NO",0.027027027027027,-1.94770021462449,6.70041259461979,0.196560121212121]
["Felanitx01",2019,19,140,38.3907348925167,"NO",0.027027027027027,-1.94770021462449,6.70041259461979,0.170299203463203]
["Felanitx01",2019,20,140,38.3907348925167,"NO",0.027027027027027,-1.94770021462449,6.70041259461979,0.186517662337662]
["Felanitx01",2020,1,158,38.3907348925167,"NO",0.027027027027027,-1.43440846999269,5.09987595264273,0.194682051282051]
["Felanitx01",2020,2,158,38.3907348925167,"NO",0.027027027027027,-1.43440846999269,5.09987595264273,0.20923819047619]
["Felanitx01",2020,3,158,38.3907348925167,"NO",0.027027027027027,-1.43440846999269,5.09987595264273,0.204418323232323]
["Felanitx01",2020,4,158,38.3907348925167,"NO",0.027027027027027,-1.43440846999269,5.09987595264273,0.201153223443223]
["Felanitx01",2020,5,158,38.3907348925167,"NO",0.027027027027027,-1.43440846999269,5.09987595264273,0.185630151515152]
["Felanitx01",2020,6,158,38.3907348925167,"NO",0.027027027027027,-1.43440846999269,5.09987595264273,0.196948638888889]
["Felanitx01",2020,7,158,38.3907348925167,"NO",0.027027027027027,-1.43440846999269,5.09987595264273,0.203243936507937]
["Felanitx01",2020,8,158,38.3907348925167,"NO",0.027027027027027,-1.43440846999269,5.09987595264273,0.200132071428571]
["Felanitx01",2020,10,158,38.3907348925167,"NO",0.027027027027027,-1.43440846999269,5.09987595264273,0.200466128205128]
["Felanitx01",2020,12,158,38.3907348925167,"NO",0.027027027027027,-1.43440846999269,5.09987595264273,0.186038976495726]
["Felanitx01",2020,13,158,38.3907348925167,"NO",0.027027027027027,-1.43440846999269,5.09987595264273,0.187526421356421]
["Felanitx01",2020,14,158,38.3907348925167,"NO",0.027027027027027,-1.43440846999269,5.09987595264273,0.205350343434343]
["Felanitx01",2020,15,158,38.3907348925167,"NO",0.027027027027027,-1.43440846999269,5.09987595264273,0.192866056776557]
["Felanitx01",2020,16,158,38.3907348925167,"NO",0.027027027027027,-1.43440846999269,5.09987595264273,0.205155678321678]
["Felanitx01",2020,17,158,38.3907348925167,"NO",0.027027027027027,-1.43440846999269,5.09987595264273,0.209416974358974]
["Felanitx01",2020,18,158,38.3907348925167,"NO",0.027027027027027,-1.43440846999269,5.09987595264273,0.187957202380952]
["Felanitx01",2020,19,158,38.3907348925167,"NO",0.027027027027027,-1.43440846999269,5.09987595264273,0.196140638528139]
["Felanitx01",2020,20,158,38.3907348925167,"NO",0.027027027027027,-1.43440846999269,5.09987595264273,0.193914666666667]
["Felanitx02",2019,1,62,36.628340593562,"NO",0.0222222222222222,-2.33610222259273,5.53209406093688,0.1956385]
["Felanitx02",2019,2,62,36.628340593562,"NO",0.0222222222222222,-2.33610222259273,5.53209406093688,0.20104711038961]
["Felanitx02",2019,3,62,36.628340593562,"NO",0.0222222222222222,-2.33610222259273,5.53209406093688,0.18800152020202]
["Felanitx02",2019,4,62,36.628340593562,"NO",0.0222222222222222,-2.33610222259273,5.53209406093688,0.188466934343434]
["Felanitx02",2019,5,62,36.628340593562,"NO",0.0222222222222222,-2.33610222259273,5.53209406093688,0.190472496503497]
["Felanitx02",2019,6,62,36.628340593562,"NO",0.0222222222222222,-2.33610222259273,5.53209406093688,0.186596725274725]
["Felanitx02",2019,7,62,36.628340593562,"NO",0.0222222222222222,-2.33610222259273,5.53209406093688,0.197783287878788]
["Felanitx02",2019,8,62,36.628340593562,"NO",0.0222222222222222,-2.33610222259273,5.53209406093688,0.197972799145299]
["Felanitx02",2019,9,62,36.628340593562,"NO",0.0222222222222222,-2.33610222259273,5.53209406093688,0.199980333333333]
["Felanitx02",2019,10,62,36.628340593562,"NO",0.0222222222222222,-2.33610222259273,5.53209406093688,0.211677111111111]
["Felanitx02",2019,11,62,36.628340593562,"NO",0.0222222222222222,-2.33610222259273,5.53209406093688,0.203208124098124]
["Felanitx02",2019,12,62,36.628340593562,"NO",0.0222222222222222,-2.33610222259273,5.53209406093688,0.210321388888889]
["Felanitx02",2019,14,62,36.628340593562,"NO",0.0222222222222222,-2.33610222259273,5.53209406093688,0.185585146520147]
["Felanitx02",2019,15,62,36.628340593562,"NO",0.0222222222222222,-2.33610222259273,5.53209406093688,0.20096346031746]
["Felanitx02",2019,16,62,36.628340593562,"NO",0.0222222222222222,-2.33610222259273,5.53209406093688,0.196996884920635]
["Felanitx02",2019,17,62,36.628340593562,"NO",0.0222222222222222,-2.33610222259273,5.53209406093688,0.194673888888889]
["Felanitx02",2019,18,62,36.628340593562,"NO",0.0222222222222222,-2.33610222259273,5.53209406093688,0.192090833333333]
["Felanitx02",2019,19,62,36.628340593562,"NO",0.0222222222222222,-2.33610222259273,5.53209406093688,0.173887376068376]
["Felanitx02",2019,20,62,36.628340593562,"NO",0.0222222222222222,-2.33610222259273,5.53209406093688,0.220602882672883]
["Felanitx02",2020,1,57,36.628340593562,"NO",0.0222222222222222,-1.44645137973495,5.98832076207951,0.19277119047619]
["Felanitx02",2020,2,57,36.628340593562,"NO",0.0222222222222222,-1.44645137973495,5.98832076207951,0.196500833333333]
["Felanitx02",2020,3,57,36.628340593562,"NO",0.0222222222222222,-1.44645137973495,5.98832076207951,0.186410833333333]
["Felanitx02",2020,4,57,36.628340593562,"NO",0.0222222222222222,-1.44645137973495,5.98832076207951,0.192050328282828]
["Felanitx02",2020,5,57,36.628340593562,"NO",0.0222222222222222,-1.44645137973495,5.98832076207951,0.184469005994006]
["Felanitx02",2020,6,57,36.628340593562,"NO",0.0222222222222222,-1.44645137973495,5.98832076207951,0.195199803751804]
["Felanitx02",2020,7,57,36.628340593562,"NO",0.0222222222222222,-1.44645137973495,5.98832076207951,0.205180336996337]
["Felanitx02",2020,8,57,36.628340593562,"NO",0.0222222222222222,-1.44645137973495,5.98832076207951,0.202513]
["Felanitx02",2020,9,57,36.628340593562,"NO",0.0222222222222222,-1.44645137973495,5.98832076207951,0.175092424242424]
["Felanitx02",2020,10,57,36.628340593562,"NO",0.0222222222222222,-1.44645137973495,5.98832076207951,0.195741818181818]
["Felanitx02",2020,11,57,36.628340593562,"NO",0.0222222222222222,-1.44645137973495,5.98832076207951,0.186253414141414]
["Felanitx02",2020,12,57,36.628340593562,"NO",0.0222222222222222,-1.44645137973495,5.98832076207951,0.197497666666667]
["Felanitx02",2020,13,57,36.628340593562,"NO",0.0222222222222222,-1.44645137973495,5.98832076207951,0.19476417027417]
["Felanitx02",2020,14,57,36.628340593562,"NO",0.0222222222222222,-1.44645137973495,5.98832076207951,0.187601380952381]
["Felanitx02",2020,15,57,36.628340593562,"NO",0.0222222222222222,-1.44645137973495,5.98832076207951,0.179908083028083]
["Felanitx02",2020,16,57,36.628340593562,"NO",0.0222222222222222,-1.44645137973495,5.98832076207951,0.176825944444444]
["Felanitx02",2020,17,57,36.628340593562,"NO",0.0222222222222222,-1.44645137973495,5.98832076207951,0.172135151515152]
["Felanitx02",2020,18,57,36.628340593562,"NO",0.0222222222222222,-1.44645137973495,5.98832076207951,0.174924984126984]
["Felanitx02",2020,20,57,36.628340593562,"NO",0.0222222222222222,-1.44645137973495,5.98832076207951,0.156665742424242]
["Llucmajor",2019,1,173,14.262445911554,"YES",0.0294117647058824,-0.895377456482934,2.52296427308658,0.261339819327731]
["Llucmajor",2019,2,173,14.262445911554,"YES",0.0294117647058824,-0.895377456482934,2.52296427308658,0.234896303030303]
["Llucmajor",2019,4,173,14.262445911554,"YES",0.0294117647058824,-0.895377456482934,2.52296427308658,0.246063935508936]
["Llucmajor",2019,5,173,14.262445911554,"YES",0.0294117647058824,-0.895377456482934,2.52296427308658,0.207365606060606]
["Llucmajor",2019,6,173,14.262445911554,"YES",0.0294117647058824,-0.895377456482934,2.52296427308658,0.199797517482517]
["Llucmajor",2019,7,173,14.262445911554,"YES",0.0294117647058824,-0.895377456482934,2.52296427308658,0.211794191919192]
["Llucmajor",2019,9,173,14.262445911554,"YES",0.0294117647058824,-0.895377456482934,2.52296427308658,0.189520476190476]
["Llucmajor",2019,10,173,14.262445911554,"YES",0.0294117647058824,-0.895377456482934,2.52296427308658,0.256636369047619]
["Llucmajor",2019,11,173,14.262445911554,"YES",0.0294117647058824,-0.895377456482934,2.52296427308658,0.192056565656566]
["Llucmajor",2019,12,173,14.262445911554,"YES",0.0294117647058824,-0.895377456482934,2.52296427308658,0.258450454545455]
["Llucmajor",2019,13,173,14.262445911554,"YES",0.0294117647058824,-0.895377456482934,2.52296427308658,0.246078290598291]
["Llucmajor",2019,14,173,14.262445911554,"YES",0.0294117647058824,-0.895377456482934,2.52296427308658,0.206998155844156]
["Llucmajor",2019,15,173,14.262445911554,"YES",0.0294117647058824,-0.895377456482934,2.52296427308658,0.265552779220779]
["Llucmajor",2019,16,173,14.262445911554,"YES",0.0294117647058824,-0.895377456482934,2.52296427308658,0.264095944055944]
["Llucmajor",2019,17,173,14.262445911554,"YES",0.0294117647058824,-0.895377456482934,2.52296427308658,0.265807753246753]
["Llucmajor",2019,18,173,14.262445911554,"YES",0.0294117647058824,-0.895377456482934,2.52296427308658,0.146084111888112]
["Llucmajor",2019,19,173,14.262445911554,"YES",0.0294117647058824,-0.895377456482934,2.52296427308658,0.213741616161616]
["Llucmajor",2019,20,173,14.262445911554,"YES",0.0294117647058824,-0.895377456482934,2.52296427308658,0.271053658008658]
["Llucmajor",2020,1,296,14.262445911554,"YES",0.0294117647058824,1.33614158681956,-0.480439397748695,0.207102287712288]
["Llucmajor",2020,2,296,14.262445911554,"YES",0.0294117647058824,1.33614158681956,-0.480439397748695,0.229878717948718]
["Llucmajor",2020,3,296,14.262445911554,"YES",0.0294117647058824,1.33614158681956,-0.480439397748695,0.202187974358974]
["Llucmajor",2020,4,296,14.262445911554,"YES",0.0294117647058824,1.33614158681956,-0.480439397748695,0.219022922077922]
["Llucmajor",2020,5,296,14.262445911554,"YES",0.0294117647058824,1.33614158681956,-0.480439397748695,0.179642269230769]
["Llucmajor",2020,6,296,14.262445911554,"YES",0.0294117647058824,1.33614158681956,-0.480439397748695,0.200215769230769]
["Llucmajor",2020,7,296,14.262445911554,"YES",0.0294117647058824,1.33614158681956,-0.480439397748695,0.204026833333333]
["Llucmajor",2020,8,296,14.262445911554,"YES",0.0294117647058824,1.33614158681956,-0.480439397748695,0.181166142857143]
["Llucmajor",2020,9,296,14.262445911554,"YES",0.0294117647058824,1.33614158681956,-0.480439397748695,0.148979917027417]
["Llucmajor",2020,11,296,14.262445911554,"YES",0.0294117647058824,1.33614158681956,-0.480439397748695,0.202841936507936]
["Llucmajor",2020,12,296,14.262445911554,"YES",0.0294117647058824,1.33614158681956,-0.480439397748695,0.229857575757576]
["Llucmajor",2020,13,296,14.262445911554,"YES",0.0294117647058824,1.33614158681956,-0.480439397748695,0.223482391219891]
["Llucmajor",2020,14,296,14.262445911554,"YES",0.0294117647058824,1.33614158681956,-0.480439397748695,0.186687664884135]
["Llucmajor",2020,15,296,14.262445911554,"YES",0.0294117647058824,1.33614158681956,-0.480439397748695,0.239816737373737]
["Llucmajor",2020,16,296,14.262445911554,"YES",0.0294117647058824,1.33614158681956,-0.480439397748695,0.225690568320568]
["Llucmajor",2020,17,296,14.262445911554,"YES",0.0294117647058824,1.33614158681956,-0.480439397748695,0.214310454545455]
["Llucmajor",2020,18,296,14.262445911554,"YES",0.0294117647058824,1.33614158681956,-0.480439397748695,0.147408827838828]
["Llucmajor",2020,19,296,14.262445911554,"YES",0.0294117647058824,1.33614158681956,-0.480439397748695,0.194006282828283]
["Llucmajor",2020,20,296,14.262445911554,"YES",0.0294117647058824,1.33614158681956,-0.480439397748695,0.229295239316239]
["Raixa",2019,5,110,16.2457038982755,"NO",0.108695652173913,-1.37633017153532,0.201695217253314,0.215493757575758]
["Raixa",2019,6,110,16.2457038982755,"NO",0.108695652173913,-1.37633017153532,0.201695217253314,0.190407301587302]
["Raixa",2019,7,110,16.2457038982755,"NO",0.108695652173913,-1.37633017153532,0.201695217253314,0.179643849206349]
["Raixa",2019,8,110,16.2457038982755,"NO",0.108695652173913,-1.37633017153532,0.201695217253314,0.208147372627373]
["Raixa",2019,11,110,16.2457038982755,"NO",0.108695652173913,-1.37633017153532,0.201695217253314,0.210961794871795]
["Raixa",2019,13,110,16.2457038982755,"NO",0.108695652173913,-1.37633017153532,0.201695217253314,0.199586092796093]
["Raixa",2019,14,110,16.2457038982755,"NO",0.108695652173913,-1.37633017153532,0.201695217253314,0.204098282828283]
["Raixa",2019,20,110,16.2457038982755,"NO",0.108695652173913,-1.37633017153532,0.201695217253314,0.202096641025641]
["Raixa",2020,1,149,16.2457038982755,"NO",0.108695652173913,0.428182267605708,1.67507200146939,0.207156142191142]
["Raixa",2020,2,149,16.2457038982755,"NO",0.108695652173913,0.428182267605708,1.67507200146939,0.214855242424242]
["Raixa",2020,15,149,16.2457038982755,"NO",0.108695652173913,0.428182267605708,1.67507200146939,0.211328222610723]
["Raixa",2020,18,149,16.2457038982755,"NO",0.108695652173913,0.428182267605708,1.67507200146939,0.200243543123543]
["Raixa",2020,19,149,16.2457038982755,"NO",0.108695652173913,0.428182267605708,1.67507200146939,0.199885624375624]
["Raixa",2020,20,149,16.2457038982755,"NO",0.108695652173913,0.428182267605708,1.67507200146939,0.202238484848485]
["sArraco",2019,2,151,57.937904710678,"NO",0.266666666666667,-0.542649264157621,2.41089258388963,0.213864831390831]
["sArraco",2019,3,151,57.937904710678,"NO",0.266666666666667,-0.542649264157621,2.41089258388963,0.209939333333333]
["sArraco",2019,4,151,57.937904710678,"NO",0.266666666666667,-0.542649264157621,2.41089258388963,0.209902372294372]
["sArraco",2019,5,151,57.937904710678,"NO",0.266666666666667,-0.542649264157621,2.41089258388963,0.224220595959596]
["sArraco",2019,6,151,57.937904710678,"NO",0.266666666666667,-0.542649264157621,2.41089258388963,0.222143748196248]
["sArraco",2019,7,151,57.937904710678,"NO",0.266666666666667,-0.542649264157621,2.41089258388963,0.190268352092352]
["sArraco",2019,8,151,57.937904710678,"NO",0.266666666666667,-0.542649264157621,2.41089258388963,0.20111476023976]
["sArraco",2019,9,151,57.937904710678,"NO",0.266666666666667,-0.542649264157621,2.41089258388963,0.197698571428571]
["sArraco",2019,11,151,57.937904710678,"NO",0.266666666666667,-0.542649264157621,2.41089258388963,0.169803424242424]
["sArraco",2019,12,151,57.937904710678,"NO",0.266666666666667,-0.542649264157621,2.41089258388963,0.204288232323232]
["sArraco",2019,13,151,57.937904710678,"NO",0.266666666666667,-0.542649264157621,2.41089258388963,0.210840904761905]
["sArraco",2019,14,151,57.937904710678,"NO",0.266666666666667,-0.542649264157621,2.41089258388963,0.192396391941392]
["sArraco",2019,15,151,57.937904710678,"NO",0.266666666666667,-0.542649264157621,2.41089258388963,0.151678523476523]
["sArraco",2019,16,151,57.937904710678,"NO",0.266666666666667,-0.542649264157621,2.41089258388963,0.197394642857143]
["sArraco",2019,17,151,57.937904710678,"NO",0.266666666666667,-0.542649264157621,2.41089258388963,0.18553303030303]
["sArraco",2019,18,151,57.937904710678,"NO",0.266666666666667,-0.542649264157621,2.41089258388963,0.223835695970696]
["sArraco",2019,19,151,57.937904710678,"NO",0.266666666666667,-0.542649264157621,2.41089258388963,0.212326158730159]
["sArraco",2019,20,151,57.937904710678,"NO",0.266666666666667,-0.542649264157621,2.41089258388963,0.24143851981352]
["sArraco",2020,1,197,57.937904710678,"NO",0.266666666666667,-0.953438423451413,3.63539086075049,0.199257059052059]
["sArraco",2020,2,197,57.937904710678,"NO",0.266666666666667,-0.953438423451413,3.63539086075049,0.206565829059829]
["sArraco",2020,3,197,57.937904710678,"NO",0.266666666666667,-0.953438423451413,3.63539086075049,0.2027525]
["sArraco",2020,4,197,57.937904710678,"NO",0.266666666666667,-0.953438423451413,3.63539086075049,0.180551896103896]
["sArraco",2020,5,197,57.937904710678,"NO",0.266666666666667,-0.953438423451413,3.63539086075049,0.209007523809524]
["sArraco",2020,6,197,57.937904710678,"NO",0.266666666666667,-0.953438423451413,3.63539086075049,0.216568]
["sArraco",2020,7,197,57.937904710678,"NO",0.266666666666667,-0.953438423451413,3.63539086075049,0.192155793650794]
["sArraco",2020,8,197,57.937904710678,"NO",0.266666666666667,-0.953438423451413,3.63539086075049,0.210968333333333]
["sArraco",2020,10,197,57.937904710678,"NO",0.266666666666667,-0.953438423451413,3.63539086075049,0.223104785714286]
["sArraco",2020,11,197,57.937904710678,"NO",0.266666666666667,-0.953438423451413,3.63539086075049,0.212094993006993]
["sArraco",2020,12,197,57.937904710678,"NO",0.266666666666667,-0.953438423451413,3.63539086075049,0.17641]
["sArraco",2020,13,197,57.937904710678,"NO",0.266666666666667,-0.953438423451413,3.63539086075049,0.209137173382173]
["sArraco",2020,14,197,57.937904710678,"NO",0.266666666666667,-0.953438423451413,3.63539086075049,0.201965714285714]
["sArraco",2020,15,197,57.937904710678,"NO",0.266666666666667,-0.953438423451413,3.63539086075049,0.148955777777778]
["sArraco",2020,16,197,57.937904710678,"NO",0.266666666666667,-0.953438423451413,3.63539086075049,0.203439316239316]
["sArraco",2020,17,197,57.937904710678,"NO",0.266666666666667,-0.953438423451413,3.63539086075049,0.1871775]
["sArraco",2020,18,197,57.937904710678,"NO",0.266666666666667,-0.953438423451413,3.63539086075049,0.215235613830614]
["sArraco",2020,19,197,57.937904710678,"NO",0.266666666666667,-0.953438423451413,3.63539086075049,0.213997619047619]
["sArraco",2020,20,197,57.937904710678,"NO",0.266666666666667,-0.953438423451413,3.63539086075049,0.218870147630148]
["SesFigueres",2019,1,280,9.5852614818559,"NO",1.63380281690141,-1.22028902429453,-2.11539790883128,0.193856195054945]
["SesFigueres",2019,2,280,9.5852614818559,"NO",1.63380281690141,-1.22028902429453,-2.11539790883128,0.185157619047619]
["SesFigueres",2019,3,280,9.5852614818559,"NO",1.63380281690141,-1.22028902429453,-2.11539790883128,0.173448547008547]
["SesFigueres",2019,5,280,9.5852614818559,"NO",1.63380281690141,-1.22028902429453,-2.11539790883128,0.207818615384615]
["SesFigueres",2019,6,280,9.5852614818559,"NO",1.63380281690141,-1.22028902429453,-2.11539790883128,0.206354741341991]
["SesFigueres",2019,7,280,9.5852614818559,"NO",1.63380281690141,-1.22028902429453,-2.11539790883128,0.134447246753247]
["SesFigueres",2019,8,280,9.5852614818559,"NO",1.63380281690141,-1.22028902429453,-2.11539790883128,0.124247666666667]
["SesFigueres",2019,9,280,9.5852614818559,"NO",1.63380281690141,-1.22028902429453,-2.11539790883128,0.193529976911977]
["SesFigueres",2019,10,280,9.5852614818559,"NO",1.63380281690141,-1.22028902429453,-2.11539790883128,0.134899535353535]
["SesFigueres",2019,11,280,9.5852614818559,"NO",1.63380281690141,-1.22028902429453,-2.11539790883128,0.20390324009324]
["SesFigueres",2019,13,280,9.5852614818559,"NO",1.63380281690141,-1.22028902429453,-2.11539790883128,0.181533658008658]
["SesFigueres",2019,14,280,9.5852614818559,"NO",1.63380281690141,-1.22028902429453,-2.11539790883128,0.188114701298701]
["SesFigueres",2019,15,280,9.5852614818559,"NO",1.63380281690141,-1.22028902429453,-2.11539790883128,0.156044519480519]
["SesFigueres",2019,16,280,9.5852614818559,"NO",1.63380281690141,-1.22028902429453,-2.11539790883128,0.146896103896104]
["SesFigueres",2019,17,280,9.5852614818559,"NO",1.63380281690141,-1.22028902429453,-2.11539790883128,0.183226818181818]
["SesFigueres",2019,19,280,9.5852614818559,"NO",1.63380281690141,-1.22028902429453,-2.11539790883128,0.233042371794872]
["SesFigueres",2019,20,280,9.5852614818559,"NO",1.63380281690141,-1.22028902429453,-2.11539790883128,0.125082936507937]
["SesFigueres",2020,1,554,9.5852614818559,"NO",1.63380281690141,1.74184282694561,-1.80820078407229,0.181149428571429]
["SesFigueres",2020,2,554,9.5852614818559,"NO",1.63380281690141,1.74184282694561,-1.80820078407229,0.158965487179487]
["SesFigueres",2020,3,554,9.5852614818559,"NO",1.63380281690141,1.74184282694561,-1.80820078407229,0.154140585858586]
["SesFigueres",2020,4,554,9.5852614818559,"NO",1.63380281690141,1.74184282694561,-1.80820078407229,0.201572307692308]
["SesFigueres",2020,5,554,9.5852614818559,"NO",1.63380281690141,1.74184282694561,-1.80820078407229,0.201246307692308]
["SesFigueres",2020,6,554,9.5852614818559,"NO",1.63380281690141,1.74184282694561,-1.80820078407229,0.180954166666667]
["SesFigueres",2020,7,554,9.5852614818559,"NO",1.63380281690141,1.74184282694561,-1.80820078407229,0.177589523809524]
["SesFigueres",2020,8,554,9.5852614818559,"NO",1.63380281690141,1.74184282694561,-1.80820078407229,0.163807761238761]
["SesFigueres",2020,9,554,9.5852614818559,"NO",1.63380281690141,1.74184282694561,-1.80820078407229,0.196963611111111]
["SesFigueres",2020,10,554,9.5852614818559,"NO",1.63380281690141,1.74184282694561,-1.80820078407229,0.172915423687424]
["SesFigueres",2020,11,554,9.5852614818559,"NO",1.63380281690141,1.74184282694561,-1.80820078407229,0.177973922077922]
["SesFigueres",2020,12,554,9.5852614818559,"NO",1.63380281690141,1.74184282694561,-1.80820078407229,0.186024025974026]
["SesFigueres",2020,13,554,9.5852614818559,"NO",1.63380281690141,1.74184282694561,-1.80820078407229,0.167948888888889]
["SesFigueres",2020,14,554,9.5852614818559,"NO",1.63380281690141,1.74184282694561,-1.80820078407229,0.175788448717949]
["SesFigueres",2020,15,554,9.5852614818559,"NO",1.63380281690141,1.74184282694561,-1.80820078407229,0.169716666666667]
["SesFigueres",2020,16,554,9.5852614818559,"NO",1.63380281690141,1.74184282694561,-1.80820078407229,0.139113920634921]
["SesFigueres",2020,17,554,9.5852614818559,"NO",1.63380281690141,1.74184282694561,-1.80820078407229,0.169201737373737]
["SesFigueres",2020,18,554,9.5852614818559,"NO",1.63380281690141,1.74184282694561,-1.80820078407229,0.16648380952381]
["SesFigueres",2020,19,554,9.5852614818559,"NO",1.63380281690141,1.74184282694561,-1.80820078407229,0.203802603174603]
["SesFigueres",2020,20,554,9.5852614818559,"NO",1.63380281690141,1.74184282694561,-1.80820078407229,0.141573506493507]
["SesSitges",2019,1,127,9.07286232637676,"YES",0.05,-1.04003190004807,3.93098720836455,0.208548065934066]
["SesSitges",2019,2,127,9.07286232637676,"YES",0.05,-1.04003190004807,3.93098720836455,0.216975431013431]
["SesSitges",2019,3,127,9.07286232637676,"YES",0.05,-1.04003190004807,3.93098720836455,0.218013791208791]
["SesSitges",2019,4,127,9.07286232637676,"YES",0.05,-1.04003190004807,3.93098720836455,0.195981318681319]
["SesSitges",2019,5,127,9.07286232637676,"YES",0.05,-1.04003190004807,3.93098720836455,0.208857692307692]
["SesSitges",2019,6,127,9.07286232637676,"YES",0.05,-1.04003190004807,3.93098720836455,0.186583952380952]
["SesSitges",2019,7,127,9.07286232637676,"YES",0.05,-1.04003190004807,3.93098720836455,0.209338415584416]
["SesSitges",2019,8,127,9.07286232637676,"YES",0.05,-1.04003190004807,3.93098720836455,0.211660451770452]
["SesSitges",2019,9,127,9.07286232637676,"YES",0.05,-1.04003190004807,3.93098720836455,0.217870168498168]
["SesSitges",2019,10,127,9.07286232637676,"YES",0.05,-1.04003190004807,3.93098720836455,0.212088922894099]
["SesSitges",2019,12,127,9.07286232637676,"YES",0.05,-1.04003190004807,3.93098720836455,0.221074615800866]
["SesSitges",2019,13,127,9.07286232637676,"YES",0.05,-1.04003190004807,3.93098720836455,0.189880476190476]
["SesSitges",2019,14,127,9.07286232637676,"YES",0.05,-1.04003190004807,3.93098720836455,0.18169575]
["SesSitges",2019,15,127,9.07286232637676,"YES",0.05,-1.04003190004807,3.93098720836455,0.189245461538462]
["SesSitges",2019,16,127,9.07286232637676,"YES",0.05,-1.04003190004807,3.93098720836455,0.214760656565657]
["SesSitges",2019,18,127,9.07286232637676,"YES",0.05,-1.04003190004807,3.93098720836455,0.194716583333333]
["SesSitges",2019,19,127,9.07286232637676,"YES",0.05,-1.04003190004807,3.93098720836455,0.205076554778555]
["SesSitges",2020,5,170,9.07286232637676,"YES",0.05,0.417666254981474,0.774640810489251,0.209711661338661]
["SesVinyotes",2019,2,402,28.2430819754971,"YES",0.0227272727272727,1.07490579887191,0.444706084095228,0.167029090909091]
["SesVinyotes",2019,3,402,28.2430819754971,"YES",0.0227272727272727,1.07490579887191,0.444706084095228,0.207426512820513]
["SesVinyotes",2019,4,402,28.2430819754971,"YES",0.0227272727272727,1.07490579887191,0.444706084095228,0.18788989010989]
["SesVinyotes",2019,5,402,28.2430819754971,"YES",0.0227272727272727,1.07490579887191,0.444706084095228,0.193992923076923]
["SesVinyotes",2019,6,402,28.2430819754971,"YES",0.0227272727272727,1.07490579887191,0.444706084095228,0.190256095238095]
["SesVinyotes",2019,8,402,28.2430819754971,"YES",0.0227272727272727,1.07490579887191,0.444706084095228,0.195087903038138]
["SesVinyotes",2019,10,402,28.2430819754971,"YES",0.0227272727272727,1.07490579887191,0.444706084095228,0.217900708041958]
["SesVinyotes",2019,11,402,28.2430819754971,"YES",0.0227272727272727,1.07490579887191,0.444706084095228,0.20304497002997]
["SesVinyotes",2019,12,402,28.2430819754971,"YES",0.0227272727272727,1.07490579887191,0.444706084095228,0.18210919047619]
["SesVinyotes",2019,13,402,28.2430819754971,"YES",0.0227272727272727,1.07490579887191,0.444706084095228,0.177793070818071]
["SesVinyotes",2019,15,402,28.2430819754971,"YES",0.0227272727272727,1.07490579887191,0.444706084095228,0.196364945054945]
["SesVinyotes",2019,17,402,28.2430819754971,"YES",0.0227272727272727,1.07490579887191,0.444706084095228,0.195218641025641]
["SesVinyotes",2020,1,197,28.2430819754971,"YES",0.0227272727272727,0.075765733569186,1.97172245290719,0.189723480519481]
["SesVinyotes",2020,2,197,28.2430819754971,"YES",0.0227272727272727,0.075765733569186,1.97172245290719,0.161178971028971]
["SesVinyotes",2020,3,197,28.2430819754971,"YES",0.0227272727272727,0.075765733569186,1.97172245290719,0.199786620879121]
["SesVinyotes",2020,4,197,28.2430819754971,"YES",0.0227272727272727,0.075765733569186,1.97172245290719,0.186885314685315]
["SesVinyotes",2020,5,197,28.2430819754971,"YES",0.0227272727272727,0.075765733569186,1.97172245290719,0.18298281002331]
["SesVinyotes",2020,6,197,28.2430819754971,"YES",0.0227272727272727,0.075765733569186,1.97172245290719,0.180545710733711]
["SesVinyotes",2020,7,197,28.2430819754971,"YES",0.0227272727272727,0.075765733569186,1.97172245290719,0.215617399267399]
["SesVinyotes",2020,8,197,28.2430819754971,"YES",0.0227272727272727,0.075765733569186,1.97172245290719,0.193063722222222]
["SesVinyotes",2020,9,197,28.2430819754971,"YES",0.0227272727272727,0.075765733569186,1.97172245290719,0.196386555555556]
["SesVinyotes",2020,10,197,28.2430819754971,"YES",0.0227272727272727,0.075765733569186,1.97172245290719,0.187926349206349]
["SesVinyotes",2020,11,197,28.2430819754971,"YES",0.0227272727272727,0.075765733569186,1.97172245290719,0.20380378968254]
["SesVinyotes",2020,12,197,28.2430819754971,"YES",0.0227272727272727,0.075765733569186,1.97172245290719,0.218670216450216]
["SesVinyotes",2020,13,197,28.2430819754971,"YES",0.0227272727272727,0.075765733569186,1.97172245290719,0.186288416666667]
["SesVinyotes",2020,14,197,28.2430819754971,"YES",0.0227272727272727,0.075765733569186,1.97172245290719,0.187061331168831]
["SesVinyotes",2020,15,197,28.2430819754971,"YES",0.0227272727272727,0.075765733569186,1.97172245290719,0.208230950854701]
["SesVinyotes",2020,16,197,28.2430819754971,"YES",0.0227272727272727,0.075765733569186,1.97172245290719,0.200361554279054]
["SesVinyotes",2020,17,197,28.2430819754971,"YES",0.0227272727272727,0.075765733569186,1.97172245290719,0.187514]
["SesVinyotes",2020,18,197,28.2430819754971,"YES",0.0227272727272727,0.075765733569186,1.97172245290719,0.190116527472527]
["SesVinyotes",2020,19,197,28.2430819754971,"YES",0.0227272727272727,0.075765733569186,1.97172245290719,0.19193628030303]
["SesVinyotes",2020,20,197,28.2430819754971,"YES",0.0227272727272727,0.075765733569186,1.97172245290719,0.184148333333333]
["SonBorras",2019,1,139,27.3990471204358,"NO",0.0268458,-2.24304819,2.60562877,0.204479571428571]
["SonBorras",2019,2,139,27.3990471204358,"NO",0.0268458,-2.24304819,2.60562877,0.196523181818182]
["SonBorras",2019,3,139,27.3990471204358,"NO",0.0268458,-2.24304819,2.60562877,0.213593333333333]
["SonBorras",2019,4,139,27.3990471204358,"NO",0.0268458,-2.24304819,2.60562877,0.203310178710179]
["SonBorras",2019,5,139,27.3990471204358,"NO",0.0268458,-2.24304819,2.60562877,0.174532343434343]
["SonBorras",2019,6,139,27.3990471204358,"NO",0.0268458,-2.24304819,2.60562877,0.202851580808081]
["SonBorras",2019,7,139,27.3990471204358,"NO",0.0268458,-2.24304819,2.60562877,0.200028665889666]
["SonBorras",2019,8,139,27.3990471204358,"NO",0.0268458,-2.24304819,2.60562877,0.203851439393939]
["SonBorras",2019,9,139,27.3990471204358,"NO",0.0268458,-2.24304819,2.60562877,0.195894115884116]
["SonBorras",2019,10,139,27.3990471204358,"NO",0.0268458,-2.24304819,2.60562877,0.175842777777778]
["SonBorras",2019,11,139,27.3990471204358,"NO",0.0268458,-2.24304819,2.60562877,0.199800642857143]
["SonBorras",2019,12,139,27.3990471204358,"NO",0.0268458,-2.24304819,2.60562877,0.211665043290043]
["SonBorras",2019,13,139,27.3990471204358,"NO",0.0268458,-2.24304819,2.60562877,0.199189]
["SonBorras",2019,14,139,27.3990471204358,"NO",0.0268458,-2.24304819,2.60562877,0.200165230769231]
["SonBorras",2019,15,139,27.3990471204358,"NO",0.0268458,-2.24304819,2.60562877,0.19201793040293]
["SonBorras",2019,16,139,27.3990471204358,"NO",0.0268458,-2.24304819,2.60562877,0.196017927655678]
["SonBorras",2019,17,139,27.3990471204358,"NO",0.0268458,-2.24304819,2.60562877,0.196820356643357]
["SonBorras",2019,18,139,27.3990471204358,"NO",0.0268458,-2.24304819,2.60562877,0.189689541569542]
["SonBorras",2019,19,139,27.3990471204358,"NO",0.0268458,-2.24304819,2.60562877,0.193414934065934]
["SonBorras",2019,20,139,27.3990471204358,"NO",0.0268458,-2.24304819,2.60562877,0.190606373626374]
["SonBorras",2020,1,461,27.3990471204358,"NO",0.0268458,1.29142024418279,-0.378388705369886,0.202615728715729]
["SonBorras",2020,2,461,27.3990471204358,"NO",0.0268458,1.29142024418279,-0.378388705369886,0.207341179487179]
["SonBorras",2020,3,461,27.3990471204358,"NO",0.0268458,1.29142024418279,-0.378388705369886,0.189048952380952]
["SonBorras",2020,4,461,27.3990471204358,"NO",0.0268458,1.29142024418279,-0.378388705369886,0.210485339105339]
["SonBorras",2020,5,461,27.3990471204358,"NO",0.0268458,1.29142024418279,-0.378388705369886,0.21352753030303]
["SonBorras",2020,6,461,27.3990471204358,"NO",0.0268458,1.29142024418279,-0.378388705369886,0.190419461538462]
["SonBorras",2020,7,461,27.3990471204358,"NO",0.0268458,1.29142024418279,-0.378388705369886,0.189708888888889]
["SonBorras",2020,8,461,27.3990471204358,"NO",0.0268458,1.29142024418279,-0.378388705369886,0.207008927738928]
["SonBorras",2020,9,461,27.3990471204358,"NO",0.0268458,1.29142024418279,-0.378388705369886,0.184673627039627]
["SonBorras",2020,10,461,27.3990471204358,"NO",0.0268458,1.29142024418279,-0.378388705369886,0.207274183150183]
["SonBorras",2020,11,461,27.3990471204358,"NO",0.0268458,1.29142024418279,-0.378388705369886,0.192644024475524]
["SonBorras",2020,12,461,27.3990471204358,"NO",0.0268458,1.29142024418279,-0.378388705369886,0.194515607725608]
["SonBorras",2020,13,461,27.3990471204358,"NO",0.0268458,1.29142024418279,-0.378388705369886,0.208120555555556]
["SonBorras",2020,14,461,27.3990471204358,"NO",0.0268458,1.29142024418279,-0.378388705369886,0.206485]
["SonBorras",2020,16,461,27.3990471204358,"NO",0.0268458,1.29142024418279,-0.378388705369886,0.215647452991453]
["SonBorras",2020,17,461,27.3990471204358,"NO",0.0268458,1.29142024418279,-0.378388705369886,0.204385631701632]
["SonBorras",2020,19,461,27.3990471204358,"NO",0.0268458,1.29142024418279,-0.378388705369886,0.219636483516484]
["SonBorras",2020,20,461,27.3990471204358,"NO",0.0268458,1.29142024418279,-0.378388705369886,0.208440600732601]
["SonCos",2019,1,62,25.021689749707,"YES",0.252252252252252,-1.49495468,4.85806441,0.193052698412698]
["SonCos",2019,2,62,25.021689749707,"YES",0.252252252252252,-1.49495468,4.85806441,0.190327703962704]
["SonCos",2019,3,62,25.021689749707,"YES",0.252252252252252,-1.49495468,4.85806441,0.210660051282051]
["SonCos",2019,4,62,25.021689749707,"YES",0.252252252252252,-1.49495468,4.85806441,0.210789545454545]
["SonCos",2019,5,62,25.021689749707,"YES",0.252252252252252,-1.49495468,4.85806441,0.212443641025641]
["SonCos",2019,6,62,25.021689749707,"YES",0.252252252252252,-1.49495468,4.85806441,0.213510619047619]
["SonCos",2019,7,62,25.021689749707,"YES",0.252252252252252,-1.49495468,4.85806441,0.202862952602953]
["SonCos",2019,8,62,25.021689749707,"YES",0.252252252252252,-1.49495468,4.85806441,0.230191060606061]
["SonCos",2019,9,62,25.021689749707,"YES",0.252252252252252,-1.49495468,4.85806441,0.190512358974359]
["SonCos",2019,10,62,25.021689749707,"YES",0.252252252252252,-1.49495468,4.85806441,0.178246437451437]
["SonCos",2019,11,62,25.021689749707,"YES",0.252252252252252,-1.49495468,4.85806441,0.223903974358974]
["SonCos",2019,12,62,25.021689749707,"YES",0.252252252252252,-1.49495468,4.85806441,0.208401227106227]
["SonCos",2019,13,62,25.021689749707,"YES",0.252252252252252,-1.49495468,4.85806441,0.218723205128205]
["SonCos",2019,15,62,25.021689749707,"YES",0.252252252252252,-1.49495468,4.85806441,0.21200084965035]
["SonCos",2019,16,62,25.021689749707,"YES",0.252252252252252,-1.49495468,4.85806441,0.215204467532468]
["SonCos",2019,17,62,25.021689749707,"YES",0.252252252252252,-1.49495468,4.85806441,0.218106796536797]
["SonCos",2019,18,62,25.021689749707,"YES",0.252252252252252,-1.49495468,4.85806441,0.182633811188811]
["SonCos",2019,19,62,25.021689749707,"YES",0.252252252252252,-1.49495468,4.85806441,0.183443177489177]
["SonCos",2019,20,62,25.021689749707,"YES",0.252252252252252,-1.49495468,4.85806441,0.181641314102564]
["SonCos",2020,1,227,25.021689749707,"YES",0.252252252252252,0.757725705377939,0.711526256801932,0.192962317460317]
["SonCos",2020,2,227,25.021689749707,"YES",0.252252252252252,0.757725705377939,0.711526256801932,0.200197100840336]
["SonCos",2020,3,227,25.021689749707,"YES",0.252252252252252,0.757725705377939,0.711526256801932,0.217249662004662]
["SonCos",2020,4,227,25.021689749707,"YES",0.252252252252252,0.757725705377939,0.711526256801932,0.180644128205128]
["SonCos",2020,5,227,25.021689749707,"YES",0.252252252252252,0.757725705377939,0.711526256801932,0.220726013986014]
["SonCos",2020,6,227,25.021689749707,"YES",0.252252252252252,0.757725705377939,0.711526256801932,0.23517767032967]
["SonCos",2020,7,227,25.021689749707,"YES",0.252252252252252,0.757725705377939,0.711526256801932,0.231580800865801]
["SonCos",2020,8,227,25.021689749707,"YES",0.252252252252252,0.757725705377939,0.711526256801932,0.174756818181818]
["SonCos",2020,9,227,25.021689749707,"YES",0.252252252252252,0.757725705377939,0.711526256801932,0.197974207792208]
["SonCos",2020,10,227,25.021689749707,"YES",0.252252252252252,0.757725705377939,0.711526256801932,0.194143299648064]
["SonCos",2020,11,227,25.021689749707,"YES",0.252252252252252,0.757725705377939,0.711526256801932,0.146501602564103]
["SonCos",2020,12,227,25.021689749707,"YES",0.252252252252252,0.757725705377939,0.711526256801932,0.186592657342657]
["SonCos",2020,13,227,25.021689749707,"YES",0.252252252252252,0.757725705377939,0.711526256801932,0.215412641025641]
["SonCos",2020,14,227,25.021689749707,"YES",0.252252252252252,0.757725705377939,0.711526256801932,0.196895046620047]
["SonCos",2020,15,227,25.021689749707,"YES",0.252252252252252,0.757725705377939,0.711526256801932,0.206191608391608]
["SonCos",2020,16,227,25.021689749707,"YES",0.252252252252252,0.757725705377939,0.711526256801932,0.221750782828283]
["SonCos",2020,17,227,25.021689749707,"YES",0.252252252252252,0.757725705377939,0.711526256801932,0.217210841269841]
["SonCos",2020,19,227,25.021689749707,"YES",0.252252252252252,0.757725705377939,0.711526256801932,0.201379228438228]
["SonCotoner",2019,1,147,74.0189265373856,"NO",0.957446808510638,-0.180467151924439,-1.05358285316496,0.175499183365654]
["SonCotoner",2019,2,147,74.0189265373856,"NO",0.957446808510638,-0.180467151924439,-1.05358285316496,0.156994444444444]
["SonCotoner",2019,3,147,74.0189265373856,"NO",0.957446808510638,-0.180467151924439,-1.05358285316496,0.178502791208791]
["SonCotoner",2019,4,147,74.0189265373856,"NO",0.957446808510638,-0.180467151924439,-1.05358285316496,0.157593261405261]
["SonCotoner",2019,5,147,74.0189265373856,"NO",0.957446808510638,-0.180467151924439,-1.05358285316496,0.180503012605042]
["SonCotoner",2019,6,147,74.0189265373856,"NO",0.957446808510638,-0.180467151924439,-1.05358285316496,0.206978385281385]
["SonCotoner",2019,7,147,74.0189265373856,"NO",0.957446808510638,-0.180467151924439,-1.05358285316496,0.226697362012987]
["SonCotoner",2019,8,147,74.0189265373856,"NO",0.957446808510638,-0.180467151924439,-1.05358285316496,0.187076912393162]
["SonCotoner",2019,9,147,74.0189265373856,"NO",0.957446808510638,-0.180467151924439,-1.05358285316496,0.186300567765568]
["SonCotoner",2019,11,147,74.0189265373856,"NO",0.957446808510638,-0.180467151924439,-1.05358285316496,0.179769571428571]
["SonCotoner",2019,12,147,74.0189265373856,"NO",0.957446808510638,-0.180467151924439,-1.05358285316496,0.164747619047619]
["SonCotoner",2019,13,147,74.0189265373856,"NO",0.957446808510638,-0.180467151924439,-1.05358285316496,0.184966328671329]
["SonCotoner",2019,14,147,74.0189265373856,"NO",0.957446808510638,-0.180467151924439,-1.05358285316496,0.175772738927739]
["SonCotoner",2019,17,147,74.0189265373856,"NO",0.957446808510638,-0.180467151924439,-1.05358285316496,0.17884828030303]
["SonCotoner",2019,20,147,74.0189265373856,"NO",0.957446808510638,-0.180467151924439,-1.05358285316496,0.155663173160173]
["SonCotoner",2020,1,120,74.0189265373856,"NO",0.957446808510638,-0.293539829361397,1.11328555093844,0.186177494505495]
["SonCotoner",2020,2,120,74.0189265373856,"NO",0.957446808510638,-0.293539829361397,1.11328555093844,0.18100136038961]
["SonCotoner",2020,3,120,74.0189265373856,"NO",0.957446808510638,-0.293539829361397,1.11328555093844,0.186520964285714]
["SonCotoner",2020,4,120,74.0189265373856,"NO",0.957446808510638,-0.293539829361397,1.11328555093844,0.18750880952381]
["SonCotoner",2020,5,120,74.0189265373856,"NO",0.957446808510638,-0.293539829361397,1.11328555093844,0.147504341575092]
["SonCotoner",2020,6,120,74.0189265373856,"NO",0.957446808510638,-0.293539829361397,1.11328555093844,0.192714074481074]
["SonCotoner",2020,7,120,74.0189265373856,"NO",0.957446808510638,-0.293539829361397,1.11328555093844,0.183051092436975]
["SonCotoner",2020,8,120,74.0189265373856,"NO",0.957446808510638,-0.293539829361397,1.11328555093844,0.201398268648019]
["SonCotoner",2020,10,120,74.0189265373856,"NO",0.957446808510638,-0.293539829361397,1.11328555093844,0.183661428571429]
["SonCotoner",2020,12,120,74.0189265373856,"NO",0.957446808510638,-0.293539829361397,1.11328555093844,0.192754673076923]
["SonCotoner",2020,13,120,74.0189265373856,"NO",0.957446808510638,-0.293539829361397,1.11328555093844,0.200894761904762]
["SonCotoner",2020,14,120,74.0189265373856,"NO",0.957446808510638,-0.293539829361397,1.11328555093844,0.181775433455433]
["SonCotoner",2020,16,120,74.0189265373856,"NO",0.957446808510638,-0.293539829361397,1.11328555093844,0.188540222222222]
["SonCotoner",2020,17,120,74.0189265373856,"NO",0.957446808510638,-0.293539829361397,1.11328555093844,0.173175141108891]
["SonCotoner",2020,18,120,74.0189265373856,"NO",0.957446808510638,-0.293539829361397,1.11328555093844,0.19189214041514]
["SonCotoner",2020,19,120,74.0189265373856,"NO",0.957446808510638,-0.293539829361397,1.11328555093844,0.161590619047619]
["SonCotoner",2020,20,120,74.0189265373856,"NO",0.957446808510638,-0.293539829361397,1.11328555093844,0.179350244755245]
["SonFortuny",2019,2,377,58.143995372563,"NO",0.20125786163522,-2.50174227992208,-3.77936993767594,0.211680748251748]
["SonFortuny",2019,4,377,58.143995372563,"NO",0.20125786163522,-2.50174227992208,-3.77936993767594,0.206893214285714]
["SonFortuny",2019,5,377,58.143995372563,"NO",0.20125786163522,-2.50174227992208,-3.77936993767594,0.189923794871795]
["SonFortuny",2019,7,377,58.143995372563,"NO",0.20125786163522,-2.50174227992208,-3.77936993767594,0.198215642857143]
["SonFortuny",2019,8,377,58.143995372563,"NO",0.20125786163522,-2.50174227992208,-3.77936993767594,0.165444166666667]
["SonFortuny",2019,9,377,58.143995372563,"NO",0.20125786163522,-2.50174227992208,-3.77936993767594,0.215415555555556]
["SonFortuny",2019,10,377,58.143995372563,"NO",0.20125786163522,-2.50174227992208,-3.77936993767594,0.202569435897436]
["SonFortuny",2019,12,377,58.143995372563,"NO",0.20125786163522,-2.50174227992208,-3.77936993767594,0.197277]
["SonFortuny",2019,13,377,58.143995372563,"NO",0.20125786163522,-2.50174227992208,-3.77936993767594,0.199455833333333]
["SonFortuny",2019,15,377,58.143995372563,"NO",0.20125786163522,-2.50174227992208,-3.77936993767594,0.197917876623377]
["SonFortuny",2019,16,377,58.143995372563,"NO",0.20125786163522,-2.50174227992208,-3.77936993767594,0.1881]
["SonFortuny",2019,18,377,58.143995372563,"NO",0.20125786163522,-2.50174227992208,-3.77936993767594,0.176159823232323]
["SonFortuny",2019,19,377,58.143995372563,"NO",0.20125786163522,-2.50174227992208,-3.77936993767594,0.18057159007659]
["SonFortuny",2019,20,377,58.143995372563,"NO",0.20125786163522,-2.50174227992208,-3.77936993767594,0.183385476190476]
["SonFortuny",2020,1,132,58.143995372563,"NO",0.20125786163522,-0.470244982351251,-0.0916012912092956,0.152236681818182]
["SonFortuny",2020,3,132,58.143995372563,"NO",0.20125786163522,-0.470244982351251,-0.0916012912092956,0.181840636363636]
["SonFortuny",2020,4,132,58.143995372563,"NO",0.20125786163522,-0.470244982351251,-0.0916012912092956,0.1774675]
["SonFortuny",2020,5,132,58.143995372563,"NO",0.20125786163522,-0.470244982351251,-0.0916012912092956,0.189620333333333]
["SonFortuny",2020,9,132,58.143995372563,"NO",0.20125786163522,-0.470244982351251,-0.0916012912092956,0.207257622377622]
["SonFortuny",2020,11,132,58.143995372563,"NO",0.20125786163522,-0.470244982351251,-0.0916012912092956,0.20460371961372]
["SonFortuny",2020,13,132,58.143995372563,"NO",0.20125786163522,-0.470244982351251,-0.0916012912092956,0.174264603729604]
["SonFortuny",2020,14,132,58.143995372563,"NO",0.20125786163522,-0.470244982351251,-0.0916012912092956,0.167420794871795]
["SonFortuny",2020,15,132,58.143995372563,"NO",0.20125786163522,-0.470244982351251,-0.0916012912092956,0.166101722222222]
["SonFortuny",2020,16,132,58.143995372563,"NO",0.20125786163522,-0.470244982351251,-0.0916012912092956,0.176410388888889]
["SonFortuny",2020,18,132,58.143995372563,"NO",0.20125786163522,-0.470244982351251,-0.0916012912092956,0.17240838034188]
["SonFortuny",2020,19,132,58.143995372563,"NO",0.20125786163522,-0.470244982351251,-0.0916012912092956,0.184663671328671]
["SonFortuny",2020,20,132,58.143995372563,"NO",0.20125786163522,-0.470244982351251,-0.0916012912092956,0.18862454040404]
["SonMaixella",2019,2,167,28.9707025301427,"NO",0.153846153846154,-1.47257505232782,-2.99286089427812,0.218360121212121]
["SonMaixella",2019,6,167,28.9707025301427,"NO",0.153846153846154,-1.47257505232782,-2.99286089427812,0.188016272727273]
["SonMaixella",2019,8,167,28.9707025301427,"NO",0.153846153846154,-1.47257505232782,-2.99286089427812,0.207880769230769]
["SonMaixella",2019,9,167,28.9707025301427,"NO",0.153846153846154,-1.47257505232782,-2.99286089427812,0.206341623376623]
["SonMaixella",2019,11,167,28.9707025301427,"NO",0.153846153846154,-1.47257505232782,-2.99286089427812,0.188517373737374]
["SonMaixella",2019,12,167,28.9707025301427,"NO",0.153846153846154,-1.47257505232782,-2.99286089427812,0.217357435897436]
["SonMaixella",2019,15,167,28.9707025301427,"NO",0.153846153846154,-1.47257505232782,-2.99286089427812,0.203923862433862]
["SonMaixella",2019,18,167,28.9707025301427,"NO",0.153846153846154,-1.47257505232782,-2.99286089427812,0.177705993006993]
["SonMaixella",2019,19,167,28.9707025301427,"NO",0.153846153846154,-1.47257505232782,-2.99286089427812,0.204226666666667]
["SonMaixella",2019,20,167,28.9707025301427,"NO",0.153846153846154,-1.47257505232782,-2.99286089427812,0.20648619047619]
["SonMaixella",2020,1,307,28.9707025301427,"NO",0.153846153846154,1.22036900025557,-1.1789763532288,0.202780606060606]
["SonMaixella",2020,2,307,28.9707025301427,"NO",0.153846153846154,1.22036900025557,-1.1789763532288,0.176282444444444]
["SonMaixella",2020,3,307,28.9707025301427,"NO",0.153846153846154,1.22036900025557,-1.1789763532288,0.190077090909091]
["SonMaixella",2020,4,307,28.9707025301427,"NO",0.153846153846154,1.22036900025557,-1.1789763532288,0.185228834498834]
["SonMaixella",2020,5,307,28.9707025301427,"NO",0.153846153846154,1.22036900025557,-1.1789763532288,0.191138268398268]
["SonMaixella",2020,6,307,28.9707025301427,"NO",0.153846153846154,1.22036900025557,-1.1789763532288,0.196791909090909]
["SonMaixella",2020,7,307,28.9707025301427,"NO",0.153846153846154,1.22036900025557,-1.1789763532288,0.185951666666667]
["SonMaixella",2020,8,307,28.9707025301427,"NO",0.153846153846154,1.22036900025557,-1.1789763532288,0.185578333333333]
["SonMaixella",2020,9,307,28.9707025301427,"NO",0.153846153846154,1.22036900025557,-1.1789763532288,0.203329333333333]
["SonMaixella",2020,10,307,28.9707025301427,"NO",0.153846153846154,1.22036900025557,-1.1789763532288,0.215078158730159]
["SonMaixella",2020,11,307,28.9707025301427,"NO",0.153846153846154,1.22036900025557,-1.1789763532288,0.188014641025641]
["SonMaixella",2020,12,307,28.9707025301427,"NO",0.153846153846154,1.22036900025557,-1.1789763532288,0.223184787878788]
["SonMaixella",2020,13,307,28.9707025301427,"NO",0.153846153846154,1.22036900025557,-1.1789763532288,0.143528445998446]
["SonMaixella",2020,14,307,28.9707025301427,"NO",0.153846153846154,1.22036900025557,-1.1789763532288,0.179134095238095]
["SonMaixella",2020,15,307,28.9707025301427,"NO",0.153846153846154,1.22036900025557,-1.1789763532288,0.197370787878788]
["SonMaixella",2020,16,307,28.9707025301427,"NO",0.153846153846154,1.22036900025557,-1.1789763532288,0.193249523809524]
["SonMaixella",2020,17,307,28.9707025301427,"NO",0.153846153846154,1.22036900025557,-1.1789763532288,0.194742079365079]
["SonMaixella",2020,18,307,28.9707025301427,"NO",0.153846153846154,1.22036900025557,-1.1789763532288,0.169735722222222]
["SonMaixella",2020,19,307,28.9707025301427,"NO",0.153846153846154,1.22036900025557,-1.1789763532288,0.182528547619048]
["SonMassia",2019,1,265,8.64208028361139,"NO",0.328,0.806567525459656,-2.92036593478463,0.179096464646465]
["SonMassia",2019,3,265,8.64208028361139,"NO",0.328,0.806567525459656,-2.92036593478463,0.194817777777778]
["SonMassia",2019,5,265,8.64208028361139,"NO",0.328,0.806567525459656,-2.92036593478463,0.196385688311688]
["SonMassia",2020,1,370,8.64208028361139,"NO",0.328,1.68978698384629,-1.14652289091741,0.148764492063492]
["SonMassia",2020,2,370,8.64208028361139,"NO",0.328,1.68978698384629,-1.14652289091741,0.215421282051282]
["SonMassia",2020,3,370,8.64208028361139,"NO",0.328,1.68978698384629,-1.14652289091741,0.204264252525253]
["SonMassia",2020,5,370,8.64208028361139,"NO",0.328,1.68978698384629,-1.14652289091741,0.19484303030303]
["SonMassia",2020,7,370,8.64208028361139,"NO",0.328,1.68978698384629,-1.14652289091741,0.189818373015873]
["SonMassia",2020,8,370,8.64208028361139,"NO",0.328,1.68978698384629,-1.14652289091741,0.206660071095571]
["SonMassia",2020,9,370,8.64208028361139,"NO",0.328,1.68978698384629,-1.14652289091741,0.226766153846154]
["SonMassia",2020,10,370,8.64208028361139,"NO",0.328,1.68978698384629,-1.14652289091741,0.212067972027972]
["SonMassia",2020,11,370,8.64208028361139,"NO",0.328,1.68978698384629,-1.14652289091741,0.187347918192918]
["SonMassia",2020,12,370,8.64208028361139,"NO",0.328,1.68978698384629,-1.14652289091741,0.208456458208458]
["SonMassia",2020,15,370,8.64208028361139,"NO",0.328,1.68978698384629,-1.14652289091741,0.192515512820513]
["SonMassia",2020,16,370,8.64208028361139,"NO",0.328,1.68978698384629,-1.14652289091741,0.179647931623932]
["SonMassia",2020,17,370,8.64208028361139,"NO",0.328,1.68978698384629,-1.14652289091741,0.181472222222222]
["SonMassia",2020,19,370,8.64208028361139,"NO",0.328,1.68978698384629,-1.14652289091741,0.219562404761905]
["SonMassia",2020,20,370,8.64208028361139,"NO",0.328,1.68978698384629,-1.14652289091741,0.226576804639805]
["SonSali",2019,1,188,23.1315683234267,"NO",0.0652173913043478,-2.22469309221563,-0.29401335840026,0.204328846153846]
["SonSali",2019,2,188,23.1315683234267,"NO",0.0652173913043478,-2.22469309221563,-0.29401335840026,0.178531501831502]
["SonSali",2019,3,188,23.1315683234267,"NO",0.0652173913043478,-2.22469309221563,-0.29401335840026,0.194902019230769]
["SonSali",2019,4,188,23.1315683234267,"NO",0.0652173913043478,-2.22469309221563,-0.29401335840026,0.286018909090909]
["SonSali",2019,5,188,23.1315683234267,"NO",0.0652173913043478,-2.22469309221563,-0.29401335840026,0.199548428571429]
["SonSali",2019,6,188,23.1315683234267,"NO",0.0652173913043478,-2.22469309221563,-0.29401335840026,0.203339136363636]
["SonSali",2019,7,188,23.1315683234267,"NO",0.0652173913043478,-2.22469309221563,-0.29401335840026,0.185759945609946]
["SonSali",2019,8,188,23.1315683234267,"NO",0.0652173913043478,-2.22469309221563,-0.29401335840026,0.286029047619048]
["SonSali",2019,9,188,23.1315683234267,"NO",0.0652173913043478,-2.22469309221563,-0.29401335840026,0.221749214285714]
["SonSali",2019,10,188,23.1315683234267,"NO",0.0652173913043478,-2.22469309221563,-0.29401335840026,0.167997240981241]
["SonSali",2019,11,188,23.1315683234267,"NO",0.0652173913043478,-2.22469309221563,-0.29401335840026,0.206691192696193]
["SonSali",2019,13,188,23.1315683234267,"NO",0.0652173913043478,-2.22469309221563,-0.29401335840026,0.196085876623377]
["SonSali",2019,14,188,23.1315683234267,"NO",0.0652173913043478,-2.22469309221563,-0.29401335840026,0.189634395604396]
["SonSali",2019,15,188,23.1315683234267,"NO",0.0652173913043478,-2.22469309221563,-0.29401335840026,0.201089393939394]
["SonSali",2019,16,188,23.1315683234267,"NO",0.0652173913043478,-2.22469309221563,-0.29401335840026,0.197915717171717]
["SonSali",2019,17,188,23.1315683234267,"NO",0.0652173913043478,-2.22469309221563,-0.29401335840026,0.201473745920746]
["SonSali",2019,18,188,23.1315683234267,"NO",0.0652173913043478,-2.22469309221563,-0.29401335840026,0.218706358974359]
["SonSali",2019,19,188,23.1315683234267,"NO",0.0652173913043478,-2.22469309221563,-0.29401335840026,0.20228915018315]
["SonSali",2019,20,188,23.1315683234267,"NO",0.0652173913043478,-2.22469309221563,-0.29401335840026,0.209222655677656]
["SonSali",2020,1,186,23.1315683234267,"NO",0.0652173913043478,0.682999644564484,0.405858456108294,0.222038132867133]
["SonSali",2020,2,186,23.1315683234267,"NO",0.0652173913043478,0.682999644564484,0.405858456108294,0.184806357843137]
["SonSali",2020,3,186,23.1315683234267,"NO",0.0652173913043478,0.682999644564484,0.405858456108294,0.195111378205128]
["SonSali",2020,4,186,23.1315683234267,"NO",0.0652173913043478,0.682999644564484,0.405858456108294,0.191414897435897]
["SonSali",2020,5,186,23.1315683234267,"NO",0.0652173913043478,0.682999644564484,0.405858456108294,0.177718473193473]
["SonSali",2020,6,186,23.1315683234267,"NO",0.0652173913043478,0.682999644564484,0.405858456108294,0.191154384615385]
["SonSali",2020,7,186,23.1315683234267,"NO",0.0652173913043478,0.682999644564484,0.405858456108294,0.19078495970696]
["SonSali",2020,8,186,23.1315683234267,"NO",0.0652173913043478,0.682999644564484,0.405858456108294,0.194042773892774]
["SonSali",2020,9,186,23.1315683234267,"NO",0.0652173913043478,0.682999644564484,0.405858456108294,0.193732629370629]
["SonSali",2020,10,186,23.1315683234267,"NO",0.0652173913043478,0.682999644564484,0.405858456108294,0.171068698412698]
["SonSali",2020,11,186,23.1315683234267,"NO",0.0652173913043478,0.682999644564484,0.405858456108294,0.187351181818182]
["SonSali",2020,12,186,23.1315683234267,"NO",0.0652173913043478,0.682999644564484,0.405858456108294,0.168203575757576]
["SonSali",2020,13,186,23.1315683234267,"NO",0.0652173913043478,0.682999644564484,0.405858456108294,0.202127997280497]
["SonSali",2020,14,186,23.1315683234267,"NO",0.0652173913043478,0.682999644564484,0.405858456108294,0.191295367965368]
["SonSali",2020,15,186,23.1315683234267,"NO",0.0652173913043478,0.682999644564484,0.405858456108294,0.198229098124098]
["SonSali",2020,16,186,23.1315683234267,"NO",0.0652173913043478,0.682999644564484,0.405858456108294,0.227727330891331]
["SonSali",2020,17,186,23.1315683234267,"NO",0.0652173913043478,0.682999644564484,0.405858456108294,0.240483]
["SonSali",2020,18,186,23.1315683234267,"NO",0.0652173913043478,0.682999644564484,0.405858456108294,0.212981606060606]
["SonSali",2020,19,186,23.1315683234267,"NO",0.0652173913043478,0.682999644564484,0.405858456108294,0.218164098901099]
["SonSali",2020,20,186,23.1315683234267,"NO",0.0652173913043478,0.682999644564484,0.405858456108294,0.221898962703963]
["SonSoler",2019,2,195,8.79714682293922,"YES",0.150943396226415,-0.466479978433022,2.11474073179187,0.194171941391941]
["SonSoler",2019,9,195,8.79714682293922,"YES",0.150943396226415,-0.466479978433022,2.11474073179187,0.205572166666667]
["SonSoler",2019,11,195,8.79714682293922,"YES",0.150943396226415,-0.466479978433022,2.11474073179187,0.197094888888889]
["SonSoler",2019,13,195,8.79714682293922,"YES",0.150943396226415,-0.466479978433022,2.11474073179187,0.205500257936508]
["SonSoler",2019,15,195,8.79714682293922,"YES",0.150943396226415,-0.466479978433022,2.11474073179187,0.194211111111111]
["SonSoler",2019,19,195,8.79714682293922,"YES",0.150943396226415,-0.466479978433022,2.11474073179187,0.186515952380952]
["SonSoler",2020,1,216,8.79714682293922,"YES",0.150943396226415,0.82069628056248,-0.548654850448877,0.198280628205128]
["SonSoler",2020,2,216,8.79714682293922,"YES",0.150943396226415,0.82069628056248,-0.548654850448877,0.204665579831933]
["SonSoler",2020,3,216,8.79714682293922,"YES",0.150943396226415,0.82069628056248,-0.548654850448877,0.197769326007326]
["SonSoler",2020,4,216,8.79714682293922,"YES",0.150943396226415,0.82069628056248,-0.548654850448877,0.188957365384615]
["SonSoler",2020,5,216,8.79714682293922,"YES",0.150943396226415,0.82069628056248,-0.548654850448877,0.193563619047619]
["SonSoler",2020,6,216,8.79714682293922,"YES",0.150943396226415,0.82069628056248,-0.548654850448877,0.177055815850816]
["SonSoler",2020,7,216,8.79714682293922,"YES",0.150943396226415,0.82069628056248,-0.548654850448877,0.1562565]
["SonSoler",2020,8,216,8.79714682293922,"YES",0.150943396226415,0.82069628056248,-0.548654850448877,0.176452]
["SonSoler",2020,9,216,8.79714682293922,"YES",0.150943396226415,0.82069628056248,-0.548654850448877,0.192491256410256]
["SonSoler",2020,10,216,8.79714682293922,"YES",0.150943396226415,0.82069628056248,-0.548654850448877,0.18576329004329]
["SonSoler",2020,11,216,8.79714682293922,"YES",0.150943396226415,0.82069628056248,-0.548654850448877,0.171266632478632]
["SonSoler",2020,12,216,8.79714682293922,"YES",0.150943396226415,0.82069628056248,-0.548654850448877,0.17040683982684]
["SonSoler",2020,13,216,8.79714682293922,"YES",0.150943396226415,0.82069628056248,-0.548654850448877,0.199423714285714]
["SonSoler",2020,14,216,8.79714682293922,"YES",0.150943396226415,0.82069628056248,-0.548654850448877,0.181019747474747]
["SonSoler",2020,15,216,8.79714682293922,"YES",0.150943396226415,0.82069628056248,-0.548654850448877,0.193630714285714]
["SonSoler",2020,17,216,8.79714682293922,"YES",0.150943396226415,0.82069628056248,-0.548654850448877,0.178603645909646]
["SonSoler",2020,18,216,8.79714682293922,"YES",0.150943396226415,0.82069628056248,-0.548654850448877,0.184661143745144]
["SonSoler",2020,19,216,8.79714682293922,"YES",0.150943396226415,0.82069628056248,-0.548654850448877,0.187941626262626]
["SonSoler",2020,20,216,8.79714682293922,"YES",0.150943396226415,0.82069628056248,-0.548654850448877,0.183766230769231]
["UIB",2019,2,55,27.5544972574933,"NO",0.0810810810810811,-2.22104974703757,0.243105865690114,0.206217777777778]
["UIB",2019,3,55,27.5544972574933,"NO",0.0810810810810811,-2.22104974703757,0.243105865690114,0.200196666666667]
["UIB",2019,5,55,27.5544972574933,"NO",0.0810810810810811,-2.22104974703757,0.243105865690114,0.21483711988012]
["UIB",2019,6,55,27.5544972574933,"NO",0.0810810810810811,-2.22104974703757,0.243105865690114,0.193854944444444]
["UIB",2019,7,55,27.5544972574933,"NO",0.0810810810810811,-2.22104974703757,0.243105865690114,0.209764285714286]
["UIB",2019,12,55,27.5544972574933,"NO",0.0810810810810811,-2.22104974703757,0.243105865690114,0.185518833333333]
["UIB",2019,14,55,27.5544972574933,"NO",0.0810810810810811,-2.22104974703757,0.243105865690114,0.188725128205128]
["UIB",2019,15,55,27.5544972574933,"NO",0.0810810810810811,-2.22104974703757,0.243105865690114,0.182454444444444]
["UIB",2019,18,55,27.5544972574933,"NO",0.0810810810810811,-2.22104974703757,0.243105865690114,0.193279166666667]
["UIB",2019,20,55,27.5544972574933,"NO",0.0810810810810811,-2.22104974703757,0.243105865690114,0.199016523809524]
["UIB",2020,1,159,27.5544972574933,"NO",0.0810810810810811,0.333930374195293,2.4479890763338,0.215295736596737]
["UIB",2020,2,159,27.5544972574933,"NO",0.0810810810810811,0.333930374195293,2.4479890763338,0.201542285714286]
["UIB",2020,3,159,27.5544972574933,"NO",0.0810810810810811,0.333930374195293,2.4479890763338,0.1913935]
["UIB",2020,4,159,27.5544972574933,"NO",0.0810810810810811,0.333930374195293,2.4479890763338,0.191184642857143]
["UIB",2020,5,159,27.5544972574933,"NO",0.0810810810810811,0.333930374195293,2.4479890763338,0.207232692307692]
["UIB",2020,6,159,27.5544972574933,"NO",0.0810810810810811,0.333930374195293,2.4479890763338,0.221055636363636]
["UIB",2020,7,159,27.5544972574933,"NO",0.0810810810810811,0.333930374195293,2.4479890763338,0.215052888888889]
["UIB",2020,8,159,27.5544972574933,"NO",0.0810810810810811,0.333930374195293,2.4479890763338,0.201082535353535]
["UIB",2020,9,159,27.5544972574933,"NO",0.0810810810810811,0.333930374195293,2.4479890763338,0.167394101010101]
["UIB",2020,10,159,27.5544972574933,"NO",0.0810810810810811,0.333930374195293,2.4479890763338,0.193223750582751]
["UIB",2020,11,159,27.5544972574933,"NO",0.0810810810810811,0.333930374195293,2.4479890763338,0.189518878787879]
["UIB",2020,16,159,27.5544972574933,"NO",0.0810810810810811,0.333930374195293,2.4479890763338,0.183128705128205]
["UIB",2020,17,159,27.5544972574933,"NO",0.0810810810810811,0.333930374195293,2.4479890763338,0.182861428571429]
["UIB",2020,18,159,27.5544972574933,"NO",0.0810810810810811,0.333930374195293,2.4479890763338,0.191128]
["UIB",2020,19,159,27.5544972574933,"NO",0.0810810810810811,0.333930374195293,2.4479890763338,0.187411428571429]
["UIB",2020,20,159,27.5544972574933,"NO",0.0810810810810811,0.333930374195293,2.4479890763338,0.178347974025974]
["Xorrigo",2019,1,322,37.242869039441,"YES",0.895833333333333,-0.3297635004828,-1.78226415860956,0.179468277777778]
["Xorrigo",2019,2,322,37.242869039441,"YES",0.895833333333333,-0.3297635004828,-1.78226415860956,0.181102597402597]
["Xorrigo",2019,3,322,37.242869039441,"YES",0.895833333333333,-0.3297635004828,-1.78226415860956,0.186198449328449]
["Xorrigo",2019,6,322,37.242869039441,"YES",0.895833333333333,-0.3297635004828,-1.78226415860956,0.169744547619048]
["Xorrigo",2019,8,322,37.242869039441,"YES",0.895833333333333,-0.3297635004828,-1.78226415860956,0.233283492063492]
["Xorrigo",2019,9,322,37.242869039441,"YES",0.895833333333333,-0.3297635004828,-1.78226415860956,0.188564121148459]
["Xorrigo",2019,10,322,37.242869039441,"YES",0.895833333333333,-0.3297635004828,-1.78226415860956,0.168052271062271]
["Xorrigo",2019,11,322,37.242869039441,"YES",0.895833333333333,-0.3297635004828,-1.78226415860956,0.106907668803419]
["Xorrigo",2019,13,322,37.242869039441,"YES",0.895833333333333,-0.3297635004828,-1.78226415860956,0.164985909090909]
["Xorrigo",2019,14,322,37.242869039441,"YES",0.895833333333333,-0.3297635004828,-1.78226415860956,0.170847333333333]
["Xorrigo",2019,15,322,37.242869039441,"YES",0.895833333333333,-0.3297635004828,-1.78226415860956,0.150150591630592]
["Xorrigo",2019,16,322,37.242869039441,"YES",0.895833333333333,-0.3297635004828,-1.78226415860956,0.195297817460317]
["Xorrigo",2019,17,322,37.242869039441,"YES",0.895833333333333,-0.3297635004828,-1.78226415860956,0.094365]
["Xorrigo",2019,18,322,37.242869039441,"YES",0.895833333333333,-0.3297635004828,-1.78226415860956,0.179810503385503]
["Xorrigo",2019,20,322,37.242869039441,"YES",0.895833333333333,-0.3297635004828,-1.78226415860956,0.192937666666667]
["Xorrigo",2020,1,368,37.242869039441,"YES",0.895833333333333,1.40319381451955,-1.17393536677713,0.195972698412698]
["Xorrigo",2020,2,368,37.242869039441,"YES",0.895833333333333,1.40319381451955,-1.17393536677713,0.19496096969697]
["Xorrigo",2020,3,368,37.242869039441,"YES",0.895833333333333,1.40319381451955,-1.17393536677713,0.199652297979798]
["Xorrigo",2020,4,368,37.242869039441,"YES",0.895833333333333,1.40319381451955,-1.17393536677713,0.211832181818182]
["Xorrigo",2020,10,368,37.242869039441,"YES",0.895833333333333,1.40319381451955,-1.17393536677713,0.129383324175824]
["Xorrigo",2020,12,368,37.242869039441,"YES",0.895833333333333,1.40319381451955,-1.17393536677713,0.176650424242424]
["Xorrigo",2020,13,368,37.242869039441,"YES",0.895833333333333,1.40319381451955,-1.17393536677713,0.174300252525253]
["Xorrigo",2020,18,368,37.242869039441,"YES",0.895833333333333,1.40319381451955,-1.17393536677713,0.188917136752137]
["Xorrigo",2020,19,368,37.242869039441,"YES",0.895833333333333,1.40319381451955,-1.17393536677713,0.153228295704296]
["Xorrigo",2020,20,368,37.242869039441,"YES",0.895833333333333,1.40319381451955,-1.17393536677713,0.184771141414141]

{"sheet":"Legend","index":5,"n_rows":25,"n_cols":2,"rows_kept":25}
["Variable","Description"]
["Ants","Number of ants visits to flowers"]
["Beeflies","Number of bee flies visits to flowers"]
["Beetles","Number of beetles visits to flowers"]
["Butterflies","Number of butterflies visits to flowers"]
["CCA1","Values from CCA1"]
["CCA2","Values from CCA2"]
["FarmSys","Farming system (Ecological or Conventional)"]
["Fruits1000","Number of fruits in 1000 flowers"]
["Honeybees","Number of honeybees visits to flowers"]
["Hoverflies","Number of hoverflies visits to flowers"]
["OtherFlies","Number of muscoids and small acalyptrate flies visits to flowers"]
["Pnatur1k","Percentage of natural and semi-natural area in 1 km buffer from the center of each study orchard"]
["PolinAbun","Pollinator abundance in each study orchard each year"]
["ratMF","number of male trees per female tree in eah study orchard"]
["Seeds1000","Number of seeds in 1000 flowers"]
["SeedsPerFruit","Seeds produced per fruit"]
["SeedWeight","Average weight of a seed for each of the 20 marked trees in each study orchard (grams)"]
["StudyOrchard","The name of each one of the study orchards"]
["TotalFlowers","Total number of flowers in the marked branch of each of the 20 marked trees in each study orchard"]
["TotalFruits","Total number of fruits produced in the marked branch of each of the 20 marked trees in each study orchard"]
["Tree","Code of each one of the trees where fruit and seed production was evaluated"]
["Wasps","Number of wasps visits to flowers"]
["WildBees","Number of wild bees visits to flowers"]
["Year","Year when data was collected"]